Every Now That's What I Call Music Song - Statistics

General Stats
  • This quiz has been taken 39 times
  • The average score is 128 of 4584
Answer Stats
Artist Song % Correct
Shontelle T
74%
Bass o
70%
Bru C
63%
Ed Sheeran Don't
59%
Artful Dodger; Craig David Re
56%
Calvin Harris; Ne | Conor Maynard; Ne | Ne Yo
56%
Regard; Troye Sivan; Tate McRae | S Club You
56%
Salt N
52%
Daniel Merriweather Red
52%
a ha
48%
Meghan Trainor NO
48%
Little Mix No
48%
Aitch; Ashanti | Justin Bieber; Ludacris Baby
41%
Sugababes Girls
41%
Moby Go
41%
Cat Burns go
41%
Jax Jones; Au/Ra i miss u (with Au/Ra)
41%
Culture Club Karma Chameleon
41%
UB40 Red Red Wine
41%
Calvin Harris The Girls
41%
Logic; Alessia Cara; Khalid 1
37%
Bonnie Tyler | Nicki French Total Eclipse of the Heart
37%
5 Seconds of Summer | ATB Don't Stop
33%
Robbie Williams Feel
33%
Hard Fi
33%
Deetah | Frankie Goes To Hollywood Relax
33%
Kylie Minogue Dancing
30%
Jay Sean; Lil Wayne Down
30%
Ella Henderson | Justin Bieber Ghost
30%
Pharrell Williams Happy
30%
Lionel Richie | Martin Solveig; Dragonette Hello
30%
Phil Collins In The Air Tonight
30%
Becky Hill; Galantis | Snow Patrol Run
30%
Cheat Codes; Kris Kross Amsterdam Sex
30%
Rihanna S&M
30%
Men Without Hats The Safety Dance
30%
Kajagoogoo Too Shy
30%
Avicii | Foals | Gareth Malone's All Star Choir | Girls Aloud Wake Me Up
30%
The Killers boy
26%
Aggro Santos; Kimberly Wyatt | Paolo Nutini | Robbie Williams Candy
26%
Simple Minds Don't You (Forget About Me)
26%
Men At Work Down Under
26%
Alessia Cara | Tom Grennan Here
26%
Lighthouse Family | The Cure High
26%
Lighthouse Family (I Wish I Knew How It Would Feel To Be) Free / One
26%
Mica Paris | Swedish House Mafia One
26%
Natalie La Rose; Jeremih | Sam Ryder Somebody
26%
Aloe Blacc | The Killers The Man
26%
Backstreet Boys | Elton John The One
26%
Cyndi Lauper Time After Time
26%
Cardi B | The Saturdays Up
26%
Gorillaz; Miho Hatori; Tina Weymouth 19
22%
Ms. Dynamite Dy
22%
Kasabian Fire
22%
Ray Parker Jr. Ghostbusters
22%
KC & The Sunshine Band | The Good Men; Chocolate Puma Give It Up
22%
INNA Hot
22%
Rag'n'Bone Man | The Human League | The Killers Human
22%
Geri Halliwell | The Weather Girls It's Raining Men
22%
Girls Aloud Jump
22%
Five Let's Dance
22%
Limahl Never Ending Story
22%
Praise | The Flying Pickets Only You
22%
Robbie Williams Radio
22%
Aitch; AJ Tracey; Tay Keith | The Script Rain
22%
Girls Aloud Sound Of The Underground
22%
Robbie Williams Strong
22%
Britney Spears | Clean Bandit | Kanye West | Sugababes Stronger
22%
Beyoncé Sweet Dreams
22%
Heaven 17 Temptation
22%
The 1975 The Sound
22%
East 17; Jeremy Allom; Mixed By: Mykaell Riley & Jeremy Allom West End Girls
22%
Tulisa Young
22%
Nena 99 Red Balloons
19%
Razorlight America
19%
Rod Stewart Baby Jane
19%
Lady Gaga Bad Romance
19%
Freddie Mercury; Montserrat Caballé Barcelona
19%
Akon; Colby O'Donis; Kardinal Offishall Beautiful
19%
The Weeknd Blinding Lights
19%
Queen Bohemian Rhapsody
19%
Charli xcx | Sabrina Boys
19%
Matthew Wilder Break My Stride
19%
Kylie Minogue Can't Get You out of My Head
19%
Progress Presents Boy Wunda Everybody
19%
Katy Perry Firework
19%
DJ Quicksilver | Ultra Naté; Mood II Swing Free
19%
Cyndi Lauper Girls Just Wanna Have Fun
19%
Sigma; Labrinth | Taio Cruz | The Saturdays Higher
19%
Kygo; Whitney Houston | Steve Winwood Higher Love
19%
Chico It's Chico Time
19%
Modjo Lady
19%
Tone Loc
19%
Howard Jones New Song
19%
Lady Gaga Poker Face
19%
Katy Perry Roar
19%
Taron Egerton Rocket Man
19%
Peter Gabriel Sledgehammer
19%
Ben E. King | Oasis Stand By Me
19%
Simply Red Stars
19%
Phil Oakey; Giorgio Moroder Together In Electric Dreams
19%
Wham! Wake Me Up Before You Go
19%
Jessie J; Big Sean; Dizzee Rascal Wild
19%
Naughty Boy; Emeli Sandé | Shawn Mendes Wonder
19%
Cameo | Mel B Word Up
19%
Little Mix Word Up!
19%
Faith Evans Again
15%
Erasure Always
15%
Tina Cousins Angel
15%
Clock | Crazy Frog | Harold Faltermeyer Axel F
15%
Britney Spears ...Baby One More Time
15%
Fine Young Cannibals Blue
15%
The Housemartins Caravan Of Love
15%
Elton John; Dua Lipa; PNAU Cold Heart
15%
McFly Don't Stop Me Now
15%
The Farm | The Human League Don't You Want Me
15%
Mimi Webb | Nathan Dawe; T. Matthias | Spice Girls Goodbye
15%
Lewis Capaldi | Supergrass Grace
15%
MIKA Grace Kelly
15%
Enrique Iglesias | X Factor Finalists 2008 Hero
15%
Black Eyed Peas I Gotta Feeling
15%
Olly Alexander (Years & Years) It's A Sin
15%
Elton John; Olly Alexander (Years & Years) It's a sin
15%
Bon Jovi | Talk Talk It's My Life
15%
Queen I Want To Break Free
15%
Lady Gaga; Colby O'Donis Just Dance
15%
MGMT Kids
15%
Fun Lovin' Criminals Loco
15%
Orchestral Manoeuvres In The Dark Locomotion
15%
Jonas Blue; William Singe | Spice Girls Mama
15%
David Bowie Modern Love
15%
Mike Oldfield Moonlight Shadow
15%
Orson No Tomorrow
15%
Diana Vickers | Liam Gallagher Once
15%
Britney Spears Oops!...I Did It Again
15%
Coldplay | George Ezra | Kaci Battaglia Paradise
15%
Queen Radio Ga Ga
15%
Adeva Respect
15%
Justin Timberlake Rock Your Body
15%
Metro Station Shake It
15%
Sugababes Shape
15%
Black Eyed Peas Shut Up
15%
Ed Sheeran | Gary Barlow & The Commonwealth Band | Travis Sing
15%
BeatFreakz; Hi_Tack | Rockwell Somebody's Watching Me
15%
Lasgo Something
15%
Joel Corry | Justin Bieber Sorry
15%
Eternal; P Jervier; Steve Jervier; Wales | Sash!; La Trec | Shakespears Sister Stay
15%
Erasure Stop!
15%
Jamelia | Sam Brown; Pete Brown | Spice Girls Stop
15%
Calvin Harris Summer
15%
Massive Attack; Elizabeth Fraser | The Collective; Labrinth; Tulisa Contostavlos; Chip; Zeph Ellis; Ed Sheeran; Ms. Dynamite; Mz Bratt; Rizzle Kicks; Tinchy Stryder; Wretch 32 Teardrop
15%
Womack & Womack Teardrops
15%
Europe The Final Countdown
15%
Chris de Burgh The Lady In Red
15%
Céline Dion | Frankie Goes To Hollywood | Gabrielle Aplin The Power of Love
15%
Duran Duran The Reflex
15%
Frankie Goes To Hollywood Two Tribes
15%
Bananarama Venus
15%
Ultravox Vienna
15%
Katrina & The Waves Walking On Sunshine
15%
Spice Girls Wannabe
15%
Doja Cat | Neneh Cherry Woman
15%
McAlmont & Butler Yes
15%
MU4 | Phil Collins You Can't Hurry Love
15%
The Bluebells Young at Heart
15%
Kylie Minogue 2 Hearts
11%
All 4
11%
Steps 5, 6, 7, 8
11%
Ariana Grande 7 rings
11%
Feargal Sharkey A Good Heart
11%
Pet Shop Boys Always on My Mind
11%
Robbie Williams Angels
11%
Jam Tronik Another Day in Paradise
11%
Harry Styles As It Was
11%
Billie Eilish bad guy
11%
Khalid Better
11%
John Lee Hooker Boom Boom
11%
Swing Out Sister Breakout
11%
Lewis Capaldi Bruises
11%
Katy Perry; Snoop Dogg California Gurls
11%
New Edition Candy Girl
11%
Jonas Brothers Cool
11%
OneRepublic Counting Stars
11%
Gnarls Barkley | Seal Crazy
11%
Bananarama Cruel Summer
11%
Kym Marsh | Sigma; Take That | Waterfront Cry
11%
Billie Piper Day & Night
11%
Rihanna | Sam Smith Diamonds
11%
Jessie J Domino
11%
Faithless; Rollo Armstrong; Sister Bliss Don't Leave
11%
No Doubt Don't Speak
11%
Janet Jackson Every Time
11%
Britney Spears Everytime
11%
Fiction Factory (Feels Like) Heaven
11%
Urban Cookie Collective Feels Like Heaven
11%
Lauren Spencer Smith | Miley Cyrus Flowers
11%
Chris Brown | Dee Dee | Tina Cousins Forever
11%
Sister Sledge Frankie
11%
PSY | The Saturdays Gentleman
11%
Cyndi Lauper Girls Just Want to Have Fun
11%
Enrique Iglesias; Nicole Scherzinger | Scouting For Girls | Steps Heartbeat
11%
David Bowie Heroes
11%
The Quireboys Hey You
11%
Rock Steady Crew (Hey You) The Rock Steady Crew
11%
Thompson Twins Hold Me Now
11%
Westlife Home
11%
Scissor Sisters I Don't Feel Like Dancin'
11%
Midge Ure If I Was
11%
UB40; Chrissie Hynde I Got You Babe
11%
Cutting Crew (I Just) Died In Your Arms
11%
Genesis Invisible Touch
11%
Duran Duran Is There Something I Should Know?
11%
Fine Young Cannibals Johnny Come Home
11%
Marillion Kayleigh
11%
Dermot Kennedy | Olly Murs | Sixpence None The Richer Kiss Me
11%
Kevin Rudolf; Lil Wayne Let It Rock
11%
Robbie Williams Lost
11%
Martine McCutcheon Love Me
11%
Taylor Swift Love Story
11%
Swedish House Mafia; Tinie Tempah Miami 2 Ibiza
11%
Madness Michael Caine
11%
Robbie Williams Millennium
11%
Jamelia; Beenie Man; Emmanuel Money
11%
The Temptations My Girl
11%
Dua Lipa New Rules
11%
Paolo Nutini New Shoes
11%
Duran Duran | The Saturdays Notorious
11%
Flo Rida; T Pain
11%
Ed Sheeran Photograph
11%
Sugababes Push The Button
11%
Bananarama Robert De Niro's Waiting
11%
The Weeknd Rockin’
11%
Primal Scream; George Drakoulias; David Bianco Rocks
11%
Dappy; Brian May | Nickelback Rockstar
11%
Adele Rolling in the Deep
11%
Natalie Imbruglia Shiver
11%
Ant & Dec | Louchie Lou & Michie One Shout
11%
Rihanna Shut Up And Drive
11%
Bryan Ferry Slave To Love
11%
Massive Attack; Nicolette Sly
11%
Bronski Beat Smalltown Boy
11%
Alien Ant Farm Smooth Criminal
11%
Lewis Capaldi Someone You Loved
11%
Rihanna SOS
11%
Jonas Brothers S.O.S.
11%
Kylie Minogue Spinning Around
11%
Sam Smith Stay With Me
11%
Maroon 5 Sugar
11%
Genesis That's All
11%
Tina Turner The Best
11%
U2 The Fly
11%
Freddie Mercury The Great Pretender
11%
Roxette The Look
11%
The Cure The Lovecats
11%
Culture Club The War Song
11%
East 17 | Prince Thunder
11%
Britney Spears Toxic
11%
Steps Tragedy
11%
The Rolling Stones Undercover (Of The Night)
11%
Coldplay Viva La Vida
11%
Harry Styles Watermelon Sugar
11%
Howard Jones What Is Love?
11%
Haddaway What Is Love
11%
Kygo; Tina Turner | Tina Turner What's Love Got to Do with It
11%
Black Eyed Peas Where Is The Love?
11%
Bronski Beat Why ?
11%
Annie Lennox Why
11%
Coldplay Yellow
11%
Dead Or Alive You Spin Me Round (Like a Record)
11%
Beyoncé; JAY | Foxy Brown; JAY | JAY | Rihanna; JAY Z
11%
E | MK 17
7%
So Solid Crew 21 Seconds
7%
Craig David 7 Days
7%
David Bowie Absolute Beginners
7%
Lady Gaga Alejandro
7%
S Club Alive
7%
Simple Minds Alive And Kicking
7%
Cian Ducrot | Janet Jackson All For You
7%
Kylie Minogue All the Lovers
7%
Simple Minds | t.A.T.u. All The Things She Said
7%
Bee Gees | Heart | Rag'n'Bone Man Alone
7%
Estelle; Kanye West American Boy
7%
Nicki Minaj Anaconda
7%
Andrew Lloyd Webber; Jason Donovan Any Dream Will Do
7%
Timbaland; OneRepublic Apologize
7%
Louise Arms Around the World
7%
East 17 Around the World
7%
Kylie Minogue; Olly Alexander (Years & Years) A Second to Midnight
7%
Motorcycle As The Rush Comes
7%
Duran Duran A View to a Kill
7%
Amy Winehouse Back To Black
7%
Steve Lacy Bad Habit
7%
Ed Sheeran Bad Habits
7%
Duck Sauce Barbra Streisand
7%
U2 Beautiful Day
7%
Sean Kingston Beautiful Girls
7%
Billie Piper Because We Want To
7%
Joel Corry; RAYE; David Guetta BED
7%
Steps Better Best Forgotten
7%
Stormzy Big For Your Boots
7%
The Verve Bitter Sweet Symphony
7%
Dizzee Rascal; Armand Van Helden Bonkers
7%
Black Eyed Peas Boom Boom Pow
7%
Lady Gaga Born This Way
7%
Britney Spears Born to Make You Happy
7%
Alphabeat | Justin Bieber | Mabel Boyfriend
7%
Pixie Lott Boys And Girls
7%
will.i.am; Pia Mia Boys & Girls
7%
George Ezra Budapest
7%
Ellie Goulding Burn
7%
The Pussycat Dolls Buttons
7%
Girls Aloud Call The Shots
7%
Elton John Candle In The Wind
7%
Damien Rice | Little Mix Cannonball
7%
Miley Cyrus Can't Be Tamed
7%
Ed Sheeran Castle on the Hill
7%
DJ Casper Cha Cha Slide
7%
T'Pau China In Your Hand
7%
Kylie Minogue; A Guevara | The 1975 Chocolate
7%
Gorillaz; Del The Funky Homosapien Clint Eastwood
7%
Coldplay Clocks
7%
Kelly Rowland; David Guetta Commander
7%
Pulp Common People
7%
Kylie Minogue Confide in Me
7%
Rednex Cotton Eye Joe
7%
Jimmy Nail Crocodile Shoes
7%
September Cry for You
7%
Tones And I Dance Monkey
7%
Dizzee Rascal; Calvin Harris; Chrom3 Dance Wiv Me
7%
Ultravox Dancing with Tears in My Eyes
7%
East 17 Deep
7%
Steps Deeper Shade of Blue
7%
Thompson Twins Doctor! Doctor!
7%
Florence + The Machine Dog Days Are Over
7%
The Pussycat Dolls; Busta Rhymes Don't Cha
7%
Hothouse Flowers Don't Go
7%
Black Eyed Peas Don't Phunk With My Heart
7%
Journey Don't Stop Believin'
7%
Rihanna Don't Stop The Music
7%
Malcolm McLaren Double Dutch
7%
Olivia Rodrigo drivers license
7%
Kasabian Empire
7%
Katy Perry; Kanye West E.T.
7%
Cascada Evacuate The Dancefloor
7%
Paul Young Every Time You Go Away
7%
Fleetwood Mac Everywhere
7%
Alphabeat Fascination
7%
Gorillaz; De La Soul Feel Good Inc.
7%
Rudimental; John Newman Feel the Love (feat. John Newman)
7%
Owl City Fireflies
7%
The Ones Flawless
7%
George Michael Flawless (Go to the City)
7%
Dub Conspiracy; Tru Faith | Sugababes Freak Like Me
7%
Robbie Williams | Shiva; Phil Dane Freedom
7%
Lil' Louis; The World French Kiss
7%
The Cure Friday I'm In Love
7%
Kylie Minogue Get Outta My Way
7%
Calvin Harris; Rag'n'Bone Man Giant
7%
Dermot Kennedy | Take That Giants
7%
*NSYNC | Avril Lavigne | Billie Piper Girlfriend
7%
Kylie Minogue Giving You Up
7%
Olivia Rodrigo good 4 u
7%
Lorde | Roll Deep Green Light
7%
Bruno Mars Grenade
7%
Beyoncé | Texas Halo
7%
Marshmello; Bastille Happier
7%
Steps Hard 2 Forget
7%
Avicii | DJ Sammy; Yanou; Do | Emeli Sandé Heaven
7%
Eurythmics; Annie Lennox; Dave Stewart Here Comes the Rain Again
7%
Coldplay Higher Power
7%
Mai Tai | One Direction History
7%
Joel Corry; Becky Hill HISTORY
7%
Simply Red Holding Back the Years
7%
Gwen Stefani Hollaback Girl
7%
Kanye West; Chris Martin Homecoming
7%
Katy Perry Hot N Cold
7%
EMF | Happy Clappers | Marcella Detroit I Believe
7%
Kylie Minogue | Michael Bublé I Believe in You
7%
R. Kelly Ignition
7%
Katy Perry I Kissed A Girl
7%
Cardi B; Bad Bunny; J Balvin | Enrique Iglesias I Like It
7%
Pretenders I'll Stand by You
7%
Girls Aloud I'll Stand By You
7%
Britney Spears I'm a Slave 4 U
7%
Nelly Furtado I'm Like A Bird
7%
50 Cent In Da Club
7%
Kaiser Chiefs I Predict A Riot
7%
Kylie Minogue I Should Be so Lucky
7%
Bob Marley & The Wailers; LVNDSCAPE; Bolier Is This Love
7%
Culture Club Its A Miracle
7%
Culture Club It's A Miracle
7%
The Justified Ancients of Mu Mu It’s Grim Up North
7%
Shaggy; Rik Rok It Wasn't Me
7%
Debbie Harry I Want That Man
7%
Nik Kershaw I Won't Let The Sun Go Down On Me
7%
Tiësto; Dzeko; Preme; Post Malone Jackie Chan
7%
Labrinth | Nick Jonas Jealous
7%
The Human League (Keep Feeling) Fascination
7%
Olly Alexander (Years & Years) King
7%
Kylie Minogue; Jessie Ware Kiss of Life
7%
Los Lobos La Bamba
7%
Samantha Mumba Lately
7%
Scissor Sisters Laura
7%
Lily Allen LDN
7%
Level 42 Lessons In Love
7%
Tom Grennan Little Bit of Love
7%
Oasis Live Forever
7%
Mental As Anything Live It Up
7%
Freddie Mercury; Julian Raymond Living On My Own
7%
The Shapeshifters Lola's Theme
7%
Fergie London Bridge
7%
Kylie Minogue Love at First Sight
7%
Wet Wet Wet Love Is All Around
7%
The Rolling Stones Love Is Strong
7%
Sara Bareilles Love Song
7%
Britney Spears | Radiohead Lucky
7%
Los Del Mar Macarena
7%
Kylie Minogue Magic
7%
Shania Twain Man! I Feel Like A Woman!
7%
Lady Gaga Marry The Night
7%
Duffy | Shawn Mendes Mercy
7%
Jan Hammer Miami Vice Theme
7%
Sigrid Mirror
7%
Everything But The Girl; Todd Terry Missing
7%
John Waite | Soul II Soul; Kym Mazelle Missing You
7%
Sam Smith Money On My Mind
7%
Little Mix Move
7%
Pixie Lott Nasty
7%
The Communards Never Can Say Goodbye
7%
Kylie Minogue New York City
7%
Girls Aloud No Good Advice
7%
Sinéad O'Connor Nothing Compares 2 U
7%
Gladiator Now We Are Free
7%
McFly Obviously
7%
Disclosure; Sam Smith | The Prodigy Omen
7%
Blue One Love
7%
Bob Marley & The Wailers One Love / People Get Ready
7%
Queen One Vision
7%
Rihanna Only Girl (In The World)
7%
Patti LaBelle; Michael McDonald On My Own
7%
Lady Gaga Paparazzi
7%
Elton John Passengers
7%
Nicole Scherzinger | Rita Ora Poison
7%
Bastille Pompeii
7%
Ellie Goulding Power
7%
Eric Prydz; Floyd Proper Education
7%
Heather Small | JLS Proud
7%
Black Eyed Peas Pump It
7%
Endor | Joe Budden Pump It Up
7%
S Club Reach
7%
Kylie Minogue Red Blooded Woman
7%
Amy Winehouse Rehab
7%
Geri Halliwell | Jay Sean | Regard Ride It
7%
Jess Glynne | SWV Right Here
7%
Robbie Williams Rock DJ
7%
Kaiser Chiefs Ruby
7%
Real McCoy Run Away
7%
AURORA | Devlin; Yasmin | E'Voke Runaway
7%
Benny Benassi; The Biz Satisfaction
7%
Whigfield Saturday Night
7%
The Weeknd Save Your Tears
7%
Shawn Mendes; Camila Cabello Señorita
7%
Phil Collins; Marilyn Martin Separate Lives
7%
Sam Fender Seventeen Going Under
7%
Kings of Leon Sex on Fire
7%
Aswad | Booty Luv | Olly Alexander (Years & Years) | +2 others Shine
7%
Ed Sheeran Shivers
7%
George Ezra Shotgun
7%
The Style Council Shout To The Top
7%
Kelly Clarkson Since U Been Gone
7%
Sonique Sky
7%
Texas; Paul Buchanan Sleep
7%
Kylie Minogue | Rumer Slow
7%
Akon; Eminem Smack That
7%
Gotye; Kimbra Somebody That I Used To Know
7%
George Michael; Queen Somebody to Love
7%
Adele Someone Like You
7%
Jamelia | Level 42 Something About You
7%
Erasure Sometimes
7%
P!nk So What
7%
Doctor & The Medics Spirit in the Sky
7%
Nicki Minaj Starships
7%
Olly Alexander (Years & Years) Starstruck
7%
Just Jack Starz In Their Eyes
7%
Liam Payne; Quavo Strip That Down
7%
Pet Shop Boys Suburbia
7%
Fall Out Boy Sugar, We're Goin Down
7%
Nicki Minaj Super Bass
7%
Steps Take Me for a Ride
7%
Hozier Take Me To Church
7%
The Weeknd Take My Breath
7%
Berlin | Emma Bunton Take My Breath Away
7%
Ariana Grande thank u, next
7%
Erasure The Circus
7%
Scooter The Night
7%
Avicii The Nights
7%
Katy Perry The One That Got Away
7%
THE SCOTTS; Travis Scott; Kid Cudi THE SCOTTS
7%
Girls Aloud The Show
7%
Madness The Sun and the Rain
7%
will.i.am; Mick Jagger; Jennifer Lopez T.H.E (The Hardest Ever)
7%
Michael Gray | SZA; Calvin Harris; Funk Wav The Weekend
7%
Jem They
7%
Tracey Ullman They Don't Know
7%
Sister Sledge Thinking of You
7%
Katy Perry Thinking Of You
7%
Peabo Bryson with Roberta Flack Tonight, I Celebrate My Love
7%
Julian Lennon Too Late For Goodbyes
7%
Sugababes Too Lost In You
7%
Steps To the Beat of My Heart
7%
Coldplay | Iggy Azalea; Jennifer Hudson | OFFAIAH | Shampoo Trouble
7%
P!nk Try
7%
Matt Willis | Take That Up All Night
7%
Westlife Uptown Girl
7%
Culture Club Victims
7%
Spice Girls Viva Forever
7%
Girls Aloud; Sugababes | Run–D.M.C. Walk This Way
7%
Duffy Warwick Avenue
7%
Taylor Swift We Are Never Ever Getting Back Together
7%
Wiley Wearing My Rolex
7%
Miley Cyrus We Can't Stop
7%
Rihanna; Calvin Harris We Found Love
7%
Gwen Stefani What You Waiting For?
7%
Pet Shop Boys Where the Streets Have No Name / I Can't Take My Eyes off You (Medley)
7%
Grandmaster Flash; Grandmaster Melle Mel | Grandmaster Flash; Grandmaster Melle Mel; The Furious Five White Lines (Don't Do It)
7%
Birdy | Little Mix Wings
7%
Britney Spears Womanizer
7%
Right Said Fred Wonderman
7%
Oasis Wonderwall
7%
Nik Kershaw Wouldn't It Be Good
7%
Kylie Minogue Wow
7%
Bodyrox; Luciana; D. Ramirez Yeah Yeah
7%
Himesh Patel | Marti Pellow Yesterday
7%
Peter Bjorn and John Young Folks
7%
Ella Henderson Yours
7%
Ellie Goulding | Rita Ora Your Song
7%
Charli xcx; Troye Sivan 1999
4%
Lily Allen | Pickin' On Series 22
4%
Noah And The Whale 5 Years Time
4%
Lukas Graham 7 Years
4%
Sugababes About A Girl
4%
Calvin Harris Acceptable In the 80's
4%
Billy Ray Cyrus Achy Breaky Heart
4%
Harry Styles Adore You
4%
Goldfrapp A&E
4%
LF SYSTEM Afraid To Feel
4%
Wilkinson Afterglow
4%
Phil Collins Against All Odds (Take a Look at Me Now)
4%
Phil Collins A Groovy Kind of Love
4%
The Course Ain't Nobody
4%
Jimmy Nail Ain't No Doubt
4%
Christina Aguilera Ain't No Other Man
4%
Erasure | Wheatus A Little Respect
4%
Meghan Trainor All About That Bass
4%
Pixie Lott All About Tonight
4%
Basshunter All I Ever Wanted
4%
The Vamps; Matoma All Night
4%
John Legend All of Me
4%
The Wanted All Time Low
4%
Will Downing A Love Supreme
4%
Westlife Amazing
4%
5 Seconds of Summer | Chumbawamba Amnesia
4%
Conor Maynard Animal
4%
Martin Garrix Animals
4%
Ellie Goulding Army
4%
Coldplay A Sky Full of Stars
4%
Masked Wolf Astronaut In The Ocean
4%
Shakedown At Night
4%
Tony Christie Avenues And Alleyways
4%
Selena Gomez Back To You
4%
Jessie J; Ariana Grande; Nicki Minaj | will.i.am Bang Bang
4%
Aqua Barbie Girl
4%
Dizzee Rascal Bassline Junkie
4%
JLS Beat Again
4%
Beyoncé; Shakira Beautiful Liar
4%
Young Money; Lloyd BedRock
4%
Keane Bedshaped
4%
The Pussycat Dolls; will.i.am Beep
4%
Lewis Capaldi Before You Go
4%
Madcon | Måneskin Beggin'
4%
Cher | Goldie Believe
4%
Dua Lipa Be the One
4%
Kajagoogoo Big Apple
4%
MIKA Big Girl (You Are Beautiful)
4%
Whigfield Big Time
4%
Girls Aloud Biology
4%
Sam Sparro Black & Gold
4%
Griff Black Hole
4%
Jonasu | Little Mix Black Magic
4%
Calvin Harris; John Newman Blame (feat. John Newman)
4%
George Ezra Blame It on Me
4%
Leona Lewis Bleeding Love
4%
Chase & Status; Liam Bailey Blind Faith
4%
Loud Luxury; Brando | Russ Millions; Tion Wayne Body
4%
Maria Vidal Body Rock
4%
Sam And The Womp Bom Bom
4%
Booty Luv Boogie 2Nite
4%
Charli xcx Boom Clap
4%
Showtek; We Are Loud; Sonny Wilson Booyah
4%
Michael Gray; Shelly Poole Borderline
4%
Eliza Rose; Interplanetary Criminal B.O.T.A. (Baddest Of Them All)
4%
Viola Beach Boys That Sing
4%
The Ordinary Boys Boys Will Be Boys
4%
The Script Breakeven
4%
Deep Blue Something Breakfast At Tiffany's
4%
Troy; Gabriella Breaking Free
4%
Dua Lipa Break My Heart
4%
Ariana Grande break up with your girlfriend, i'm bored
4%
Taio Cruz Break Your Heart
4%
CamelPhat; Cristoph; Jem Cooke | Jax Jones; Ina Wroldsen | The Prodigy Breathe
4%
Furniture Brilliant Mind
4%
Cornershop; Norman Cook Brimful of Asha
4%
James Morrison; Nelly Furtado Broken Strings
4%
Neneh Cherry Buffalo Stance
4%
La Roux Bulletproof
4%
Jonas Blue; RAYE By Your Side
4%
DNCE Cake By The Ocean
4%
Jamelia | NEIKED; MIMI Call Me
4%
Carly Rae Jepsen Call Me Maybe
4%
Stan Ridgway Camouflage
4%
Christina Aguilera Candyman
4%
The Weeknd Can't Feel My Face
4%
September Can't Get Over
4%
Aqua Cartoon Heroes
4%
Rose Royce Car Wash
4%
Ed Sheeran Celestial
4%
El Chombo Chacarron
4%
Katy Perry; Skip Marley Chained To The Rhythm
4%
Steps Chain Reaction
4%
Lisa Stansfield; Ian Devaney; Andy Morris; Bobby Boughton | Sugababes Change
4%
Planet Funk Chase The Sun
4%
Snow Patrol Chasing Cars
4%
Adele Chasing Pavements
4%
The Wanted Chasing The Sun
4%
The Fratellis Chelsea Dagger
4%
Kool & The Gang Cherish
4%
Robert Miles Children
4%
Belinda Carlisle Circle in the Sand
4%
CamelPhat; Elderbrook Cola
4%
Kylie Minogue Come into My World
4%
Mike Posner; Gigamesh Cooler Than Me
4%
Demi Lovato Cool for the Summer
4%
Chase & Status; Moko Count On Me
4%
Blur Country House
4%
Cheryl; Tinie Tempah Crazy Stupid Love
4%
Jan Hammer Crockett's Theme
4%
Jennifer Paige Crush
4%
Justin Timberlake Cry Me a River
4%
Fall Out Boy Dance, Dance
4%
Olly Murs Dance with Me Tonight
4%
Calum Scott | Robyn Dancing On My Own
4%
ABBA Dancing Queen
4%
Katy Perry; Juicy J Dark Horse
4%
Olly Murs Dear Darlin'
4%
Meghan Trainor Dear Future Husband
4%
Luis Fonsi; Daddy Yankee; Justin Bieber Despacito
4%
Gorillaz; Bootie Brown Dirty Harry
4%
Rihanna Disturbia
4%
Little Mix DNA
4%
The Flag Doctorin' The Tardis
4%
Pia Mia; Chris Brown; Tyga | The Chemical Brothers Do It Again
4%
Arctic Monkeys Do I Wanna Know?
4%
Nicole Scherzinger Don't Hold Your Breath
4%
Matrix & Futurebound; Tanya Lacey Don't Look Back
4%
Oasis Don't Look Back In Anger
4%
The Beautiful South Don't Marry Her
4%
Dua Lipa Don't Start Now
4%
Ace of Base Don't Turn Around
4%
Appleton | Kim Appleby Don't Worry
4%
Bobby McFerrin Don't Worry Be Happy
4%
Azzido Da Bass Doom's Night
4%
Doop Doop
4%
Lady Gaga; Christina Aguilera Do What U Want
4%
Enrique Iglesias Do You Know? (The Ping Pong Song)
4%
Gym Class Heroes; The Dream
4%
GABRIELLE | The Corrs; Todd Terry Dreams
4%
Train Drive By
4%
Taio Cruz | Westlife Dynamite
4%
Faith No More | Sugababes Easy
4%
Sigala Easy Love
4%
Sean Kingston; Justin Bieber Eenie Meenie
4%
Arcadia Election Day
4%
Elton John | Silk City; Dua Lipa; Mark Ronson; Diplo Electricity
4%
Alicia Keys Empire State of Mind (Part II) Broken Down
4%
Chase & Status; Plan B End Credits
4%
Sting Englishman In New York
4%
Enrique Iglesias Escape
4%
Barbara Tucker Everybody Dance
4%
Two Cowboys Everybody Gonfi
4%
JLS Everybody in Love
4%
Nick Berry Every Loser Wins
4%
Cascada Everytime We Touch
4%
Simply Red Fairground
4%
Sunset Strippers Falling Stars
4%
Iggy Azalea; Charli xcx Fancy
4%
Michael Jackson Farewell My Summer Love
4%
Paul Oakenfold; Brittany Murphy Faster Kill Pussycat
4%
Fast Food Rockers Fast Food Song
4%
George Michael Fastlove, Pt. 1
4%
Darude Feel The Beat
4%
Cheryl Fight For This Love
4%
The Feeling Fill My Little World
4%
Scissor Sisters Filthy/Gorgeous
4%
Sean Kingston Fire Burning
4%
McFly Five Colours In Her Hair
4%
Coldplay Fix You
4%
Re Flex
4%
Becky Hill Forever Young
4%
Kate Nash Foundations
4%
Mark Owen Four Minute Warning
4%
Debbie Harry French Kissin' in the USA
4%
Eamon Fuck It (I Don't Want You Back)
4%
The Chemical Brothers Galvanize
4%
Jermaine Stewart Get Lucky
4%
Ian Carey Project Get Shaky
4%
deadmau5; Rob Swire Ghosts 'N' Stuff
4%
Alicia Keys Girl on Fire
4%
Blur Girls & Boys
4%
Tinie Tempah; Zara Larsson Girls Like (feat. Zara Larsson)
4%
Kim Appleby G.L.A.D.
4%
The Wanted Glad You Came
4%
Fergie; Ludacris Glamorous
4%
Harry Styles Golden
4%
Tina Turner Goldeneye
4%
The Hoosiers Goodbye Mr A
4%
Wet Wet Wet Goodnight Girl
4%
Eternal; Johnny Douglas for First Avenue Management | Fine Young Cannibals Good Thing
4%
Owl City; Carly Rae Jepsen Good Time
4%
Pet Shop Boys Go West
4%
George Ezra Green Green Grass
4%
Dua Lipa Hallucinate
4%
Selena Gomez Hands To Myself
4%
Billie Eilish Happier Than Ever
4%
Alexis Jordan Happiness
4%
MIKA Happy Ending
4%
The Housemartins Happy Hour
4%
Demi Lovato Heart Attack
4%
will.i.am Heartbreaker
4%
T2 Heartbroken
4%
Kanye West Heartless
4%
Samim; PAUZA Heater
4%
Conan Gray Heather
4%
Steps Here and Now
4%
2 Unlimited Here I Go
4%
Whitesnake Here I Go Again
4%
Hellogoodbye Here (In Your Arms)
4%
Avicii Hey Brother
4%
Cam'ron; Juelz Santana; Freekey Zeekey; Toya Hey Ma
4%
Train Hey, Soul Sister
4%
Plain White T's Hey There Delilah
4%
Outkast Hey Ya!
4%
Stormzy Hide & Seek
4%
Panic! At The Disco High Hopes
4%
Chase & Status; Tinie Tempah Hitz
4%
Jess Glynne | Lady Gaga Hold My Hand
4%
KT Tunstall | Wilson Phillips Hold On
4%
Sugababes Hole In The Head
4%
Dizzee Rascal; Laidback Luke | KSI | Little Mix Holiday
4%
Billie Piper Honey To The Bee
4%
Pitbull; Nicole Scherzinger Hotel Room Service (feat. Nicole Scherzinger)
4%
Drake Hotline Bling
4%
Level 42 Hot Water
4%
The Fray How to Save a Life
4%
Nickelback How You Remind Me
4%
Nik Kershaw Human Racing
4%
Pretenders Hymn to Her
4%
Thomas Dolby Hyperactive!
4%
Sam Fender Hypersonic Missiles
4%
UB40 (I Can't Help) Falling In Love With You
4%
Nu Shooz I Can't Wait
4%
Axwell; Max C I Found U
4%
The Wanted I Found You
4%
Timbaland; Katy Perry If We Ever Meet Again
4%
Daniel Bedingfield If You're Not The One
4%
Pitbull I Know You Want Me (Calle Ocho)
4%
McFly I'll Be OK
4%
Plan B ill Manors
4%
Britney Spears I Love Rock 'N' Roll
4%
The Ordinary Boys I Luv U
4%
Eva Cassidy | John Lennon Imagine
4%
Anastacia I'm Outta Love
4%
James Arthur | Shontelle Impossible
4%
Jason Mraz I'm Yours
4%
Maverick Sabre I Need
4%
Deuce | LeAnn Rimes I Need You
4%
Kylie Minogue In My Arms
4%
Dynoro; Gigi D'Agostino In My Mind
4%
Coldplay In My Place
4%
Tinchy Stryder In My System
4%
Queen Innuendo
4%
Pitbull; Chris Brown International Love (feat. Chris Brown)
4%
Status Quo In The Army Now
4%
Martin Garrix; Bebe Rexha In the Name of Love
4%
The Rasmus In the Shadows
4%
Kylie Minogue | The Weeknd In Your Eyes
4%
The Goo Goo Dolls Iris
4%
Keane Is It Any Wonder?
4%
Girls Aloud | Tiffany I Think We're Alone Now
4%
Tim Deluxe; Sam Obernik It Just Won't Do
4%
Lemar It's Not That Easy
4%
Bryan Adams; Tina Turner It's Only Love
4%
Level 42 It's Over
4%
Steps It's the Way You Make Me Feel
4%
Bill Medley; Jennifer Warnes (I've Had) The Time of My Life
4%
Akon; Snoop Dogg I Wanna Love You
4%
Rik Waller I Will Always Love You
4%
Breach Jack
4%
Steve "Silk" Hurley Jack Your Body
4%
Nizlopi JCB
4%
Caesars Jerk It Out
4%
The Pointer Sisters Jump (For My Love)
4%
Nelly Just A Dream
4%
The Saturdays Just Can't Get Enough
4%
Black Eyed Peas Just Can’t Get Enough
4%
Bruno Mars Just the Way You Are
4%
Katy B Katy on a Mission
4%
KSI; Jme Keep Up
4%
Zombie Nation Kernkraft 400
4%
SZA Kill Bill
4%
Adamski; Seal Killer
4%
UB40 Kingston Town
4%
Will Powers Kissing With Confidence
4%
Soulja Boy; Sammie Kiss Me Thru The Phone
4%
Pixie Lott Kiss The Stars
4%
Genesis Land Of Confusion
4%
Steps Last Thing on My Mind
4%
Ronan Keating; LeAnn Rimes Last Thing On My Mind
4%
Becky Hill | Labrinth Last Time
4%
Marillion Lavender
4%
Will Young Leave Right Now
4%
Anastacia Left Outside Alone
4%
Ed Sheeran Lego House
4%
Passenger Let Her Go
4%
Idina Menzel | James Bay Let It Go
4%
Eve; Gwen Stefani Let Me Blow Ya Mind
4%
Ida Corr; Fedde Le Grand Let Me Think About It
4%
Alesha Dixon Let's Get Excited
4%
Sly Fox Let's Go All The Way
4%
Tina Turner Let's Stay Together
4%
Avicii Levels
4%
Ronan Keating Life Is A Rollercoaster
4%
Lighthouse Family | Naughty Boy; Emeli Sandé Lifted
4%
The Wanted Lightning
4%
Far East Movement; The Cataracs; DEV Like A G6
4%
SESA; Sharon Phillips Like This Like That
4%
Meghan Trainor Lips Are Movin
4%
Oasis Little By Little
4%
Jamiroquai Little L
4%
One Direction Little Things
4%
One Direction Live While We're Young
4%
Akon Locked Up
4%
Holly Humberstone London Is Lonely
4%
Akon | Joel Corry Lonely
4%
Storm Queen; MK Look Right Through
4%
Freya Skye Lose My Head
4%
Chase & Status; Louis Mattrs Lost & Not Found
4%
Climie Fisher Love Changes (Everything)
4%
Michael Ball; Il Divo Love Changes Everything
4%
Pet Shop Boys Love etc.
4%
David Guetta; Chris Willis; Fred Riesterer; Joachim Garraud Love Is Gone
4%
Take That Love Love
4%
John Newman Love Me Again
4%
Little Mix | The Magic Numbers Love Me Like You
4%
Ellie Goulding Love Me Like You Do
4%
Robbie Williams Love My Life
4%
Joe Roberts; Keith "Kc" Cohen Lover
4%
MIKA Love Today
4%
Justin Bieber Love Yourself
4%
2018 Dynamo Hitz | Mel B | Professor Green; Tori Kelly | The Cure Lullaby
4%
Zara Larsson Lush Life
4%
Gary Jules; Michael Andrews Mad World
4%
Maroon 5 Makes Me Wonder
4%
Nelly Furtado Maneater
4%
Anne | David Guetta; Anne | James Arthur; Anne | Marshmello; Anne Marie
4%
Rockabye Baby! Marry You
4%
Scissor Sisters Mary
4%
David Grant; Jaki Graham Mated
4%
Rixton Me And My Broken Heart
4%
Garbage Milk
4%
Kelis Milkshake
4%
The Automatic Monster
4%
Biffy Clyro Mountains
4%
Maroon 5; Christina Aguilera Moves Like Jagger
4%
FYA; Smujji Must Be Love
4%
Owen Paul My Favourite Waste of Time
4%
Tracey Ullman My Guy
4%
Black Eyed Peas My Humps
4%
Kelly Clarkson My Life Would Suck Without You
4%
Peter Andre Mysterious Girl
4%
Coldplay; BTS My Universe
4%
James Arthur | Jonas Blue; MAX | Louise Naked
4%
The Specials Nelson Mandela
4%
Kelly Clarkson Never Again
4%
The Feeling Never Be Lonely
4%
Duran Duran New Moon on Monday
4%
Emeli Sandé Next To Me
4%
Elton John Nikita
4%
2 Unlimited No Limit
4%
Ariana Grande no tears left to cry
4%
Madness One Better Day
4%
Drake; Wizkid; Kyla One Dance
4%
Ariana Grande One Last Time
4%
Mabel One Shot
4%
One Direction One Thing
4%
Justin Bieber One Time
4%
One Direction One Way or Another (Teenage Kicks)
4%
YORK On the Beach
4%
Jennifer Lopez; Pitbull On The Floor
4%
Pet Shop Boys Opportunities (Let's Make Lots of Money)
4%
Duran Duran Ordinary World
4%
Aurora; Naimee Coleman Ordinary World (feat. Naimee Coleman)
4%
KT Tunstall Other Side Of The World
4%
Gary Moore; Phillip Lynott Out In The Fields
4%
Take That Out Of Our Heads
4%
Calvin Harris; Ellie Goulding Outside (feat. Ellie Goulding)
4%
Cheryl Parachute
4%
The Chainsmokers Paris
4%
Blur Parklife
4%
LMFAO; Lauren Bennett; GoonRock Party Rock Anthem
4%
Tinie Tempah Pass Out
4%
Maroon 5; Wiz Khalifa Payphone
4%
Paolo Nutini Pencil Full of Lead
4%
Mason; Princess Superstar Perfect (Exceeder)
4%
Lady Gaga Perfect Illusion
4%
Dua Lipa Physical
4%
Boyzone Picture Of You
4%
Paul McCartney Pipes Of Peace
4%
Chicane Poppiholla
4%
Nicki Minaj Pound The Alarm
4%
Fatboy Slim Praise You
4%
Jessie J; B.o.B Price Tag
4%
U2 Pride (In The Name Of Love)
4%
Tina Turner Private Dancer
4%
Nelly Furtado; Timbaland Promiscuous
4%
Hear'Say Pure & Simple
4%
Imagine Dragons | Rita Ora Radioactive
4%
iio; Nadia Ali Rapture (feat.Nadia Ali)
4%
Clean Bandit; Jess Glynne Rather Be (feat. Jess Glynne)
4%
Professor Green; Emeli Sandé Read All About It
4%
Calvin Harris Ready for the Weekend
4%
Kylie Minogue Real Groove
4%
Sugababes Red Dress
4%
Tiësto Red Lights
4%
Pet Shop Boys Rent
4%
Iyaz Replay
4%
OneRepublic | Skepta Rescue Me
4%
Mark Morrison Return of the Mack
4%
Chamillionaire; Krayzie Bone Ridin'
4%
Jason Derulo Ridin' Solo
4%
Fatboy Slim Right Here Right Now
4%
Richard Marx Right Here Waiting
4%
GABRIELLE | Jonas Blue; Jack & Jack; Eden Prince Rise
4%
Black Eyed Peas Rock That Body
4%
Bob Sinclar; Cutee B.; DollarMan; Big Ali; Makedah Rock This Party
4%
Ferry Corsten Rock Your Body Rock
4%
Oasis Roll With It
4%
The Beautiful South Rotterdam (Or Anywhere)
4%
Sugababes Round Round
4%
Arizona Zervas ROXANNE
4%
Lorde Royals
4%
MAGIC! Rude
4%
Pep & Rash Rumors
4%
Kate Bush Running Up That Hill (A Deal With God)
4%
Naughty Boy; Beyoncé; Arrow Benjamin Runnin' (Lose It All)
4%
Slade Run Runaway
4%
Rihanna Russian Roulette
4%
Elton John | The Weeknd Sacrifice
4%
Cast | Darude Sandstorm
4%
Hi_Tack Say Say Say (Waiting 4 U)
4%
Spice Girls Say You'll Be There
4%
Timbaland; Keri Hilson; Nicole Scherzinger | USHER Scream
4%
will.i.am; Britney Spears Scream & Shout
4%
Jaki Graham Set Me Free
4%
LMFAO Sexy And I Know It
4%
Justin Timberlake; Timbaland SexyBack
4%
Fine Young Cannibals She Drives Me Crazy
4%
Jamie T Sheila
4%
5 Seconds of Summer She Looks So Perfect
4%
Tate McRae she's all i wanna be
4%
Who Da Funk; Jessica Eve Shiny Disco Balls
4%
Audio Bullys; Nancy Sinatra Shot You Down
4%
Little Mix Shout Out to My Ex
4%
WALK THE MOON Shut Up and Dance
4%
Harry Styles Sign of the Times
4%
Cameo Single Life
4%
Sam Bailey Skyscraper
4%
Tasmin Archer Sleeping Satellite
4%
Ed Sheeran Small Bump
4%
Lily Allen Smile
4%
The Killers; King Unique Somebody Told Me
4%
Rachel Stevens | Ultimate Kaos Some Girls
4%
Booty Luv Some Kinda Rush
4%
Girls Aloud Something Kinda Ooooh
4%
Dizzee Rascal; will.i.am Something Really Bad
4%
Razorlight Somewhere Else
4%
Keane | Lily Allen Somewhere Only We Know
4%
The Beautiful South Song For Whoever
4%
The Verve Sonnet
4%
Tears For Fears Sowing The Seeds Of Love
4%
Babylon Zoo Spaceman
4%
Sam Ryder SPACE MAN
4%
McFly Star Girl
4%
The Chemical Brothers Star Guitar
4%
The Supermen Lovers; Mani Hoffman | Westlife Starlight
4%
Ellie Goulding Starry Eyed
4%
Paul Oakenfold; Shifty Shellshock; Crazy Town Starry Eyed Surprise
4%
Example Stay Awake
4%
Lisa Loeb Stay (I Missed You)
4%
Peter Gabriel Steam
4%
Jaki Graham Step Right Up
4%
Paramore Still into You
4%
Shawn Mendes Stitches
4%
Steps Stomp
4%
Oasis Stop Crying Your Heart Out
4%
Doja Cat Streets
4%
Kelly Clarkson Stronger (What Doesn't Kill You)
4%
Jonas Brothers Sucker
4%
Sean Maguire; Tom Frederikse Suddenly
4%
Morrissey Suedehead
4%
Noizu Summer 91 (Looking Back)
4%
David Jordan Sun Goes Down
4%
Jamelia Superstar
4%
The Grid Swamp Thing
4%
Ava Max Sweet but Psycho
4%
UB40; United Colours Of Sound Swing Low
4%
Clean Bandit; Zara Larsson Symphony (feat. Zara Larsson)
4%
Ed Sheeran; Stormzy Take Me Back to London (feat. Stormzy)
4%
Baltimora Tarzan Boy
4%
Aitch Taste (Make It Shake)
4%
Diana Ross | Dido | Jamelia Thank You
4%
Matt Lucas Thank You Baked Potato
4%
Shania Twain That Don't Impress Me Much
4%
Joe Fagin That's Livin' Alright
4%
Shayne Ward That's My Goal
4%
The Ting Tings That's Not My Name
4%
Janet Jackson That's The Way Love Goes
4%
Ed Sheeran The A Team
4%
Roll Deep The Avenue
4%
Alesha Dixon The Boy Does Nothing
4%
Joe McElderry The Climb
4%
Lily Allen The Fear
4%
Take That The Flood
4%
Ylvis The Fox (What Does the Fox Say?)
4%
Bruno Mars The Lazy Song
4%
Scooter The Logical Song
4%
Yazz The Only Way Is Up
4%
Jason Derulo The Other Side
4%
Girls Aloud The Promise
4%
Eurythmics; Annie Lennox; Dave Stewart There Must Be an Angel (Playing with My Heart)
4%
Simply Red The Right Thing
4%
Ace of Base The Sign
4%
Gwen Stefani; Akon The Sweet Escape
4%
Status Quo The Wanderer
4%
DJ Aligator The Whistle Song
4%
Colin Thackery The Wind Beneath My Wings
4%
Scritti Politti The Word Girl
4%
Ed Sheeran Thinking out Loud
4%
Katy Perry This Is How We Do
4%
Dannii Minogue This Is It
4%
David Bowie; Pat Metheny Group This Is Not America
4%
Tom Grennan This is the Place
4%
Calvin Harris; Rihanna This Is What You Came For
4%
Meck; Leo Sayer Thunder in My Heart Again (Radio Edit)
4%
Jess Glynne Thursday
4%
Son Of Dork Ticket Outta Loserville
4%
Kesha TiK ToK
4%
Storm Time to Burn
4%
Janet Jackson Together Again
4%
Spice Girls Too Much
4%
Little Mix | Shift K3Y Touch
4%
Shawn Mendes Treat You Better
4%
2 Unlimited Tribal Dance
4%
Taio Cruz Troublemaker
4%
Phil Collins True Colors
4%
Alicia Keys Try Sleeping with a Broken Heart
4%
Chumbawamba Tubthumping
4%
Conway Brothers | Pixie Lott | The Feeling Turn It Up
4%
David Guetta; Nicki Minaj Turn Me On (feat. Nicki Minaj)
4%
Freak Power Turn On, Tune In, Cop Out
4%
Phil Collins Two Hearts
4%
Freemasons; Bailey Tzuke Uninvited (feat. Bailey Tzuke)
4%
Girls Aloud Untouchable
4%
The Veronicas Untouched
4%
Olly Murs; Demi Lovato Up (feat. Demi Lovato)
4%
Muse Uprising
4%
A*Teens Upside Down
4%
The Zutons Valerie
4%
U2 Vertigo
4%
Lana Del Rey Video Games
4%
Rogue Traders Voodoo Child
4%
Stormzy Vossi Bop
4%
Maroon 5 Wait
4%
Peter Gelderblom Waiting 4
4%
Katy Perry Waking Up In Vegas
4%
The Prodigy Warrior's Dance
4%
Alex Gaudino; Shena Watch Out (feat. Shèna)
4%
Simple Minds Waterfront
4%
Doctor & The Medics Waterloo
4%
MIKA We Are Golden
4%
Crowded House Weather With You
4%
The Script We Cry
4%
Jermaine Stewart We Don't Have To Take Our Clothes Off
4%
Scooter Weekend!
4%
Neon Jungle Welcome to the Jungle
4%
Calvin Harris; Example We'll Be Coming Back (feat. Example)
4%
Kesha We R Who We R
4%
Jason Derulo Whatcha Say
4%
The Smiths What Difference Does It Make?
4%
Oasis Whatever
4%
Justin Timberlake What Goes Around...Comes Around
4%
Janet Jackson What Have You Done For Me Lately
4%
One Direction What Makes You Beautiful
4%
4 Non Blondes What's Up?
4%
DJ Miko What's Up
4%
Steps When I Said Goodbye
4%
Boyzone When The Going Gets Tough
4%
The Flying Pickets When You're Young and in Love
4%
Rihanna Where Have You Been
4%
Paul Young Wherever I Lay My Hat (That's My Home)
4%
Flo Rida Whistle
4%
Spice Girls Who Do You Think You Are
4%
Clock Whoomph (There It Is!)
4%
David Guetta; Rihanna Who's That Chick? (feat. Rihanna)
4%
Katy Perry Wide Awake
4%
Flo Rida; Sia Wild Ones (feat. Sia)
4%
Sam Fender Will We Talk?
4%
Soul II Soul Wish
4%
Robyn; Kleerup With Every Heartbeat
4%
Selena Gomez; Marshmello Wolves
4%
Angel Wonderful
4%
James Morrison Wonderful World
4%
Tinie Tempah; Ellie Goulding Wonderman (feat. Ellie Goulding)
4%
Kelly Rowland | The Saturdays Work
4%
The Hoosiers Worried About Ray
4%
Jack Garratt Worry
4%
Miley Cyrus Wrecking Ball
4%
Tinie Tempah; Eric Turner Written in the Stars (feat. Eric Turner)
4%
Chris Brown Yeah 3x
4%
Busted Year 3000
4%
Kim Wilde You Came
4%
Kim Wilde You Keep Me Hanging On
4%
Michael Ball; Captain Tom Moore; The NHS Voices of Care Choir You'll Never Walk Alone
4%
James Blunt You're Beautiful
4%
Babybird You're Gorgeous
4%
The Style Council You're The Best Thing
4%
Nicole Scherzinger Your Love
4%
Billie Eilish Your Power
4%
Hot Chocolate You Sexy Thing
4%
Thompson Twins You Take Me Up
4%
Florence + The Machine; Dizzee Rascal You've Got The Dirtee Love
4%
Florence + The Machine You've Got The Love
4%
Dannii Minogue; Flower Power You Won't Forget About Me
4%
The Cranberries Zombie
4%
B Young 079ME
0%
Dan + Shay; Justin Bieber 10,000 Hours (with Justin Bieber)
0%
Alphabeat 10,000 Nights
0%
Tiësto; Tate McRae 10:35
0%
Feist 1234
0%
blink 182
0%
James Blunt 1973
0%
Estelle 1980
0%
Amerie; Eve 1 Thing (feat. Eve)
0%
Houston; Chingy; Nate Dogg; I 20
0%
Jay Sean; Nicki Minaj 2012 (It Ain't The End)
0%
Azealia Banks; Lazy Jay 212
0%
50 Cent; Nate Dogg 21 Questions
0%
Nathan Dawe; Ella Henderson 21 Reasons (feat. Ella Henderson)
0%
M 22; Medina
0%
Bruno Mars 24K Magic
0%
Lizzo 2 Be Loved (Am I Ready)
0%
Louise 2 Faced
0%
Jean Jacques Smoothie; Tara Busch; Louis La Roche 2People (feat. Tara Busch)
0%
Ann Lee 2 Times
0%
David Guetta; Justin Bieber 2U (feat. Justin Bieber)
0%
The Saturdays 30 Days
0%
Ariana Grande 34+35
0%
Zedd; Katy Perry 365
0%
People Of 'K'; Crystal; Almighty Associates 3am Eternal
0%
Dana Dawson 3 Is Family
0%
Dominic Fike 3 Nights
0%
Cheryl; will.i.am 3 Words
0%
Boyz II Men 4 Seasons Of Loneliness
0%
The B 52's
0%
Wretch 32 6 Words
0%
The Connells '74
0%
Youssou N'Dour; Neneh Cherry 7 Seconds (feat. Neneh Cherry)
0%
Lady Gaga 911
0%
ATB 9Pm (Till I Come)
0%
GAYLE abcdefu
0%
Lizzo About Damn Time
0%
Sugababes About You Now
0%
The Lewisham and Greenwich NHS Choir A Bridge Over You
0%
Vanessa Amorosi Absolutely Everybody
0%
Absolutely Fabulous Absolutely Fabulous
0%
Kelis Acapella
0%
Sheryl Crow A Change Would Do You Good
0%
YUNGBLUD; mgk acting like that (feat. Machine Gun Kelly)
0%
Tiësto Adagio For Strings
0%
MC Hammer Addams Groove
0%
Puretone Addicted to Bass
0%
Clivillés & Cole A Deeper Love
0%
Sash! Adelante
0%
Boyzone A Different Beat
0%
Coldplay Adventure of a Lifetime
0%
Robbie Williams Advertising Space
0%
James Hype; HARLEE Afraid (feat. HARLEE)
0%
Charli xcx; Stefflon Don; Rita Ora; VIP After the Afterparty (feat. RAYE, Stefflon Don and Rita Ora)
0%
Edwyn Collins A Girl Like You
0%
Craig David; Sigala Ain't Giving Up
0%
Jennifer Lopez Ain't It Funny
0%
Zara Larsson Ain't My Fault
0%
Felix Jaehn; Jasmine Thompson Ain't Nobody (Loves Me Better)
0%
Sub Sub; Melanie Williams Ain't No Love (Ain't No Use) [feat. Melanie Williams]
0%
Lutricia McNeal Ain't That Just the Way
0%
McBusted Air Guitar
0%
Busted Air Hostess
0%
B.o.B; Hayley Williams Airplanes (feat. Hayley Williams of Paramore)
0%
Rank 1; twoloud Airwave
0%
Queen A Kind Of Magic
0%
Lily Allen Alfie
0%
Ash A Life Less Ordinary
0%
911 A Little Bit More
0%
DJ Luck & MC Neat A Little Bit Of Luck
0%
Celeste A Little Love
0%
The Beautiful South A Little Time
0%
t.A.T.u. All About Us
0%
McFly All About You
0%
Devlin; Ed Sheeran (All Along The) Watchtower
0%
U2 All Because Of You
0%
Blonde; Alex Newell All Cried Out (feat. Alex Newell)
0%
Jax Jones; Martin Solveig; Madison Beer; Europa All Day And Night
0%
The Saturdays All Fired Up
0%
Cian Ducrot; Ella Henderson All For You (with Ella Henderson)
0%
Jess Glynne All I Am
0%
Backstreet Boys All I Have to Give
0%
P!nk All I Know So Far
0%
Mike + The Mechanics All I Need Is a Miracle '96
0%
Snakehips; Tinashe; Chance the Rapper All My Friends (feat. Tinashe & Chance the Rapper)
0%
Alexandra Burke; Pitbull All Night Long (feat. Pitbull)
0%
Lisa Maffia All Over
0%
Ronan Keating All Over Again
0%
Free All Right Now
0%
Blue All Rise
0%
Duran Duran All She Wants Is
0%
International Hit Allstars
0%
Kid Rock All Summer Long
0%
Boyzone; Rude Boy; Andy Bradfield All That I Need
0%
Ace of Base All That She Wants
0%
Billie Eilish all the good girls go to hell
0%
Tom Grennan All These Nights
0%
Michelle McManus All This Time
0%
Will Young All Time Love
0%
Craig David All We Needed
0%
Rag'n'Bone Man All You Ever Wanted
0%
Embrace All You Good Good People
0%
Liam Gallagher All You're Dreaming Of
0%
Delta Goodrem; Brian McFadden Almost Here (Duet with Brian McFadden) (with Brian McFadden)
0%
Hozier Almost (Sweet Music)
0%
Alyssa Reid; Jump Smokers Alone Again
0%
Philip George; Anton Powers Alone No More
0%
Cast | Supergrass Alright
0%
Belinda Carlisle Always Breaking My Heart
0%
Samantha Mumba Always Come Back To Your Love
0%
MK; Alana Always (feat. Alana)
0%
Ace of Base Always Have, Always Will
0%
Monty Python Always Look On The Bright Side Of Life
0%
Ja Rule; Ashanti Always On Time
0%
Tin Tin Out Always Something There To Remind Me
0%
The Kooks Always Where I Need To Be
0%
Joe McElderry Ambitions
0%
Dave Lee; Jakatta American Dream
0%
Idlewild American English
0%
Holly Johnson Americanos
0%
Don McLean American Pie
0%
Victoria Beckham A Mind Of Its Own
0%
Lovebug Starski Amityville (The House On The Hill)
0%
Nico & Vinz Am I Wrong
0%
Leona Lewis A Moment Like This
0%
Christina Milian AM To PM
0%
Raghav; Jucxi; Frankey Maxx Angel Eyes (feat. Jucxi & Frankey Maxx)
0%
Wet Wet Wet Angel Eyes (Home And Away)
0%
Basshunter Angel In The Night
0%
Eternal Angel of Mine
0%
The Bravery An Honest Mistake
0%
Liberty X A Night To Remember
0%
Roger Sanchez Another Chance
0%
Tom Odell | Tom Odell; Tiësto Another Love
0%
Real McCoy Another Night
0%
Toni Braxton Another Sad Love Song
0%
Banx & Ranx; Ella Eyre; Yxng Bane Answerphone (feat. Yxng Bane)
0%
Fuse ODG Antenna
0%
Taylor Swift Anti
0%
Swedish House Mafia; Knife Party Antidote
0%
George Ezra Anyone For You (Tiger Lily)
0%
Culture Beat Anything
0%
Ellie Goulding Anything Could Happen
0%
Rita Ora Anywhere
0%
Rag'n'Bone Man; P!nk Anywhere Away from Here (Rag’n’Bone Man & P!nk)
0%
Backstreet Boys Anywhere for You
0%
John Martin Anywhere For You
0%
Enya Anywhere Is
0%
Lenny Kravitz Are You Gonna Go My Way
0%
Elton John Are You Ready For Love?
0%
Lost Frequencies Are You With Me
0%
Backstreet Boys As Long as You Love Me
0%
Richard Ashcroft A Song For The Lovers
0%
Gym Class Heroes; Neon Hitch Ass Back Home (feat. Neon Hitch)
0%
Rag'n'Bone Man As You Are
0%
Vanessa Carlton A Thousand Miles
0%
Christina Perri A Thousand Years
0%
Bananarama A Trick of the Night
0%
Chris Rea Auberge
0%
S Club Juniors Automatic High
0%
Stay Flee Get Lizzy; Fredo; Young T & Bugsey Ay Caramba
0%
Chris Brown; Tyga Ayo
0%
Corona Baby Baby
0%
3 Of A Kind Babycakes
0%
Boyzone Baby Can I Hold You
0%
Pato Banton; Reggae Revolution; Ali Campbell; Robin Campbell Baby Come Back
0%
Samantha Mumba Baby Come On Over
0%
INXS Baby Don't Cry
0%
Clean Bandit; MARINA; Luis Fonsi Baby (feat. MARINA & Luis Fonsi)
0%
Transvision Vamp Baby I Don't Care
0%
Big Mountain Baby, I Love Your Way
0%
JoJo Baby It's You
0%
David Gray Babylon
0%
Nicole Scherzinger; will.i.am Baby Love
0%
McFly Baby's Coming Back
0%
MK; Jonas Blue; Becky Hill Back & Forth
0%
Alice Deejay Back in My Life
0%
The Shapeshifters Back To Basics
0%
Soul II Soul; Caron Wheeler Back To Life (However Do You Want Me) [feat. Caron Wheeler]
0%
Louis Tomlinson; Bebe Rexha; Digital Farm Animals Back to You (feat. Bebe Rexha & Digital Farm Animals)
0%
Daniel Powter Bad Day
0%
Selena Gomez Bad Liar
0%
Sigrid; Bring Me The Horizon Bad Life
0%
Vato Gonzalez; Foreign Beggars Badman Riddim (Jump) (feat. Foreign Beggars)
0%
mgk; Camila Cabello Bad Things (with Camila Cabello)
0%
M.O; Lotto Boyzz; Mr Eazi Bad Vibe
0%
Derek B Bad Young Brother
0%
Geri Halliwell Bag It Up
0%
Enrique Iglesias Bailamos
0%
Camila Cabello; Ed Sheeran Bam Bam (feat. Ed Sheeran)
0%
Akon Bananza (Belly Dancer)
0%
Mark Ronson; The Business Intl; MNDR Bang Bang Bang (feat. MNDR)
0%
Dirty Pretty Things Bang Bang You're Dead
0%
David Guetta; Fetty Wap; Sia Bang My Head (feat. Sia & Fetty Wap)
0%
The Real Roxanne Bang Zoom (Let's Go
0%
Ramz Barking
0%
Netsky; Rita Ora Barricades (with Rita Ora)
0%
DEV; The Cataracs Bass Down Low
0%
Jordin Sparks Battlefield
0%
Dean Lewis Be Alright
0%
Bomb The Bass Beat Dis
0%
M Beat; General Levy
0%
The All Seeing I Beat Goes On
0%
Cast Beat Mama
0%
Louise Beautiful Inside
0%
Ace of Base Beautiful Life
0%
Suede Beautiful Ones
0%
Chris Brown; Benny Benassi Beautiful People (feat. Benny Benassi)
0%
P!nk Beautiful Trauma
0%
Sparkle Be Carful
0%
Afroman Because I Got High
0%
Stevie B Because I Love You (The Postman Song)
0%
GABRIELLE Because Of You
0%
Kelly Clarkson Because of You
0%
Jan Wayne Because The Night (Radio Edit)
0%
Paffendorf Be Cool
0%
Liam Payne Bedroom Floor
0%
Blur Beetlebum
0%
Fatman Scoop; Crooklyn Clan Be Faithful
0%
Razorlight Before I Fall To Pieces
0%
Charli xcx; Rina Sawayama Beg for You (feat. Rina Sawayama)
0%
Jorja Smith; Burna Boy Be Honest (feat. Burna Boy)
0%
Liberty X; Richard X Being Nobody
0%
Simple Minds Belfast Child
0%
Navos Believe Me
0%
The Beautiful South Bell Bottomed Tear
0%
DJ Quicksilver Bellissima
0%
Robyn Be Mine!
0%
Vanessa Paradis Be My Baby
0%
Brother Beyond Be My Twin
0%
Labrinth; Emeli Sandé Beneath Your Beautiful (feat. Emeli Sandé)
0%
Diplo; Sleepy Tom Be Right There
0%
CamelPhat; Jake Bugg Be Someone
0%
American Authors Best Day Of My Life
0%
Yungen; Yxng Bane Bestie (feat. Yxng Bane)
0%
Hardy Caprio; One Acen Best Life
0%
Kenny Thomas Best of You
0%
One Direction Best Song Ever
0%
Tina Turner Be Tender with Me Baby
0%
Ocean Colour Scene Better Day
0%
Dermot Kennedy | Liam Gallagher Better Days
0%
Tom Walker Better Half of Me
0%
Leona Lewis Better in Time
0%
Westlife Better Man
0%
Post Malone Better Now
0%
Alice Deejay Better Off Alone
0%
Becky Hill; Shift K3Y Better Off Without You (feat. Shift K3Y)
0%
Weezer Beverly Hills
0%
Jamelia Beware of the Dog
0%
Sophie Ellis | Spiller; Sophie Ellis Bextor
0%
Sophie Ellis Bextor; Freemasons
0%
Sophie Ellis Bextor; Jeremy Wheatley
0%
Then Jerico; Bruce Lampcov Big Area
0%
Emilia Big Big World
0%
Luude; Mattafix | Mattafix Big City Life
0%
Latto Big Energy
0%
Inner City | The Gap Band Big Fun
0%
Super Mal; Luciana Bigger Than Big
0%
Precocious Brats; Kevin and Perry Big Girl (All I Wanna Do Is Do It!) (feat. Kevin & Perry)
0%
Fergie Big Girls Don't Cry (Personal)
0%
Natalie Imbruglia Big Mistake
0%
Jimmy Nail Big River
0%
Belinda Carlisle Big Scary Animal
0%
The Thrills Big Sur
0%
Eliza Doolittle Big When I Was Little
0%
Counting Crows; Vanessa Carlton Big Yellow Taxi
0%
Travie McCoy; Bruno Mars Billionaire (feat. Bruno Mars)
0%
LunchMoney Lewis Bills
0%
Basement Jaxx Bingo Bango
0%
Snowy White Bird of Paradise
0%
Meredith Brooks Bitch
0%
Doves Black And White Town
0%
Wiz Khalifa Black and Yellow
0%
Rae Sremmurd; Gucci Mane Black Beatles
0%
Biffy Clyro Black Chandelier
0%
Texas Black Eyed Boy
0%
Stooshe Black Heart
0%
China Crisis Black Man Ray
0%
Iggy Azalea; Rita Ora Black Widow
0%
Stormzy; MNEK Blinded By Your Grace, Pt. 2 (feat. MNEK)
0%
The Chemical Brothers Block Rockin' Beats
0%
2015 Hammer Hits Bloodstream
0%
V Blood Sweat And Tears
0%
P!nk Blow Me (One Last Kiss)
0%
Living In A Box Blow the House Down
0%
Lock 'N Load Blow Ya Mind
0%
Dua Lipa Blow Your Mind (Mwah)
0%
Lil Mosey Blueberry Faygo
0%
Eiffel 65; Mixed By A.Villella | Forever 80 Blue (Da Ba Dee)
0%
Chris Isaak Blue Hotel
0%
The Orb Blue Room
0%
Erasure Blue Savannah
0%
Pianoman Blurred
0%
Robin Thicke; T.I.; Pharrell Williams Blurred Lines
0%
Puddle Of Mudd Blurry
0%
Bad Boy Chiller Crew BMW
0%
Bob The Builder Bob The Builder (Main Title)
0%
Kids Now Bob the Builder Mambo No. 5
0%
Cardi B Bodak Yellow
0%
Robbie Williams Bodies
0%
Mai Tai Body And Soul
0%
Architechs; Nay Nay Body Groove
0%
Samantha Mumba Body II Body
0%
The Dandy Warhols Bohemian Like You
0%
Katy Perry; Migos Bon appétit
0%
James Blunt Bonfire Heart
0%
Rhythm Spectacle Bonnie & Clyde
0%
Enya Book of Days
0%
Shaggy Boombastic
0%
The Outhere Brothers Boom Boom Boom
0%
Vengaboys Boom, Boom, Boom, Boom!!
0%
Ray Foxx; Rachel K Collier Boom Boom (Heartbeat)
0%
Nicole Scherzinger Boomerang
0%
Apache Indian Boom Shack
0%
DJ Jazzy Jeff & The Fresh Prince Boom! Shake the Room
0%
All Saints Bootie Call
0%
Destiny's Child Bootylicious
0%
Monie Love Born 2 B.R.E.E.D
0%
James Born Of Frustration
0%
Underworld Born Slippy (Nuxx)
0%
Transvision Vamp Born To Be Sold
0%
Lana Del Rey Born To Die
0%
J Hus Bouff Daddy
0%
Iggy Azalea Bounce
0%
Little Mix Bounce Back
0%
Calvin Harris; Kelis Bounce (feat. Kelis)
0%
M.V.P.; Robert Clivillés; Ricky Crespo Bounce, Shake, Move, Stop!
0%
Jesus Loves You Bow Down Mister
0%
Ariana Grande; Social House boyfriend (with Social House)
0%
Mariah Carey; Cam'ron Boy (I Need You)
0%
Jesy Nelson; Nicki Minaj Boyz (feat. Nicki Minaj)
0%
Ella Henderson Brave
0%
Neon Jungle Braveheart
0%
UB40; Chrissie Hynde Breakfast In Bed
0%
Ariana Grande; Zedd Break Free
0%
Oui 3 Break From The Old Routine
0%
Julia; The Company Breakin Down (Sugar Samba)
0%
Topic; A7S Breaking Me
0%
Beyoncé BREAK MY SOUL
0%
Britney Spears Break the Ice
0%
Tears For Fears Break The Man
0%
Richard Ashcroft Break The Night With Colour
0%
Queen Breakthru
0%
Little Mix Break Up Song
0%
Blue Breathe Easy
0%
Lucie Silvas Breathe In
0%
Alesha Dixon Breathe Slow
0%
Shayne Ward Breathless
0%
Erasure Breath of Life
0%
Artists for Grenfell Bridge Over Troubled Water
0%
Orson Bright Idea
0%
Tinchy Stryder; Pixie Lott Bright Lights
0%
CeeLo Green Bright Lights Bigger City
0%
S Club Bring It All Back
0%
Alistair Griffin | Gomez Bring It On
0%
Pixie Lott Broken Arrow
0%
Karmin Brokenhearted
0%
Alexandra Burke Broken Heels
0%
Katy B Broken Record
0%
Paul Weller Broken Stones
0%
Blue Bubblin'
0%
Pato Banton Bubbling Hot
0%
Feeder Buck Rogers
0%
Weezer Buddy Holly
0%
The Housemartins Build
0%
Waze & Odyssey; R. Kelly Bump & Grind 2014
0%
R. Kelly Bump n' Grind
0%
Sigrid Burning Bridges
0%
Status Quo Burning Bridges (On And Off And On Again)
0%
Tom Jones; The Cardigans Burning Down The House
0%
The Beatmasters Burn It Up
0%
Mann; 50 Cent Buzzin Remix
0%
*NSYNC Bye Bye Bye
0%
Calvin Harris; Tom Grennan By Your Side (feat. Tom Grennan)
0%
Rihanna California King Bed
0%
2Pac California Love
0%
Geri Halliwell Calling
0%
DJ Cassidy; Robin Thicke; Jessie J Calling All Hearts (feat. Robin Thicke & Jessie J)
0%
It Bites Calling All The Heroes
0%
Lil Tjay; 6LACK Calling My Phone
0%
Sean Paul; Tove Lo Calling On Me
0%
Cheryl Call My Name
0%
Midge Ure Call of the Wild
0%
Eric Prydz Call on Me
0%
Starley; Ryan Riback Call On Me
0%
VS Call U Sexy
0%
Jamie T Calm Down Dearest
0%
Sigala; Ella Eyre Came Here for Love
0%
Jack Savoretti Candlelight
0%
Pharrell Williams; Gwen Stefani Can I Have It Like That
0%
Iron Maiden Can I Play with Madness
0%
Jamiroquai Canned Heat
0%
LeAnn Rimes Can't Fight The Moonlight
0%
Paloma Faith Can't Rely on You
0%
Conor Maynard Can't Say No
0%
Big Fun Can't Shake the Feeling
0%
Girls Aloud Can't Speak French
0%
The Libertines Can't Stand Me Now
0%
DR. KUCHO!; Gregor Salto; Ane Brun; Oliver Heldens Can't Stop Playing (Makes Me High) (feat. Ane Brun)
0%
Justin Timberlake CAN'T STOP THE FEELING! (from DreamWorks Animation's "TROLLS")
0%
The Vamps Can We Dance
0%
P!nk; Cash Cash Can We Pretend (feat. Cash Cash)
0%
The Mock Turtles; Simon Thornton; Fatboy Slim Can You Dig It?
0%
Reel 2 Real; The Mad Stuntman; Erick Morillo Can You Feel It? (feat. The Mad Stuntman)
0%
Wiley; Jme; Dyo; Richard Cowie; Skepta Can You Hear Me? (ayayaya) (feat. Skepta, JME & Ms D)
0%
City High Caramel
0%
FLO Cardboard Box
0%
Enya Caribbean Blue
0%
Texas; Kardinal Offishall Carnival Girl
0%
Timbaland Carry Out (Featuring Justin Timberlake)
0%
Union J Carry You
0%
Mýa Case Of The Ex
0%
Wiley; Daniel Merriweather Cash in My Pocket (feat. Daniel Merriweather)
0%
Ian van Dahl; Marsha Castles In The Sky
0%
Ugly Kid Joe Cats In The Cradle
0%
Sugababes Caught In A Moment
0%
Juliet Roberts Caught in the Middle
0%
Kelis Caught Out There
0%
Suggs; Louchie Lou; Michie One Cecilia (feat. Louchie Lou & Michie One)
0%
Robbie Nevil C'est La Vie
0%
Chip; Chris Brown Champion (feat. Chris Brown)
0%
Sia Chandelier
0%
Example Changed the Way You Kiss Me
0%
Daniel Merriweather; Wale Change (feat. Wale)
0%
Faul & Wad; PNAU | Will Young Changes
0%
Sigma; Paloma Faith Changing
0%
Blur Charmless Man
0%
ALMA Chasing Highs
0%
Shed Seven Chasing Rainbows
0%
Sia Cheap Thrills
0%
John Newman Cheating
0%
Richard Ashcroft Check The Meaning
0%
OMI; Felix Jaehn Cheerleader (Felix Jaehn Remix)
0%
Rihanna Cheers (Drink To That)
0%
Children Of The Sun Children Of The Sun
0%
Modjo Chillin'
0%
Orbital Chime
0%
PF Project; Ewan McGregor Choose Life
0%
Format:B Chunky
0%
Roxette Church Of Your Heart
0%
Oasis Cigarettes & Alcohol
0%
K Ci & JoJo
0%
Post Malone Circles
0%
Siouxsie and the Banshees Cities In Dust
0%
U2 City Of Blinding Lights
0%
MKTO Classic
0%
Nick Jonas; Tove Lo Close
0%
The Chainsmokers; Halsey Closer
0%
Rosie Gaines Closer Than Close (Mentor Remake)
0%
Ellie Goulding; Diplo; Swae Lee | The Cure Close To Me
0%
Marti Pellow Close To You
0%
Bryan Adams Cloud Number Nine
0%
Emeli Sandé Clown
0%
Flo Rida; David Guetta Club Can't Handle Me (feat. David Guetta)
0%
D Mob; Cathy Dennis C'Mon And Get My Love (feat. Cathy Dennis)
0%
Eddie Cochran C’Mon Everybody
0%
Richard Ashcroft; Liam Gallagher C'mon People (We're Making It Now) [feat. Liam Gallagher]
0%
Blur Coffee & TV
0%
Cuban Boys Cognoscenti vs Intelligentsia
0%
Major Lazer; Justin Bieber; MØ Cold Water (feat. Justin Bieber & MØ)
0%
Leona Lewis; Avicii Collide
0%
Darius Colourblind
0%
Baby Queen Colours Of You
0%
Sash!; Dr. Alban Colour The World
0%
John Newman Come And Get It
0%
Beverley Knight Come as You Are
0%
K7 Come Baby Come
0%
UB40 Come Back Darling
0%
Embrace Come Back To What You Know
0%
Selena Gomez Come & Get It
0%
Wendy Moten Come In Out Of The Rain
0%
Joyce Sims Come Into My Life (Radio Mix)
0%
Taio Cruz; Luciana Come On Girl
0%
Kym Marsh Come On Over
0%
The Smokin' Mojo Filters Come Together
0%
Duran Duran | Robbie Williams Come Undone
0%
Special D. Come With Me
0%
Scissor Sisters Comfortably Numb
0%
Simon Webbe Coming Around Again
0%
Sigma; Rita Ora Coming Home
0%
Boyzone Coming Home Now
0%
The Shamen Comin' On Strong
0%
Jimmy Somerville; June Miles Kingston Comment te dire adieu (with June Miles Kingston)
0%
Central Cee Commitment Issues
0%
Justin Bieber Company
0%
Jaimeson; Xara Complete
0%
Brian & Tony Gold; Red Dragon Compliments On Your Kiss
0%
Little Mix Confetti
0%
Post Malone; Quavo Congratulations
0%
k.d. lang Constant Craving
0%
Matrix & Futurebound; Max Marshall Control
0%
John Legend Conversations in the Dark
0%
Post Malone; Roddy Ricch Cooped Up (with Roddy Ricch)
0%
The Hoosiers Cops and Robbers
0%
Tori Amos Cornflake Girl
0%
Take That Could It Be Magic
0%
Primal Scream Country Girl
0%
Nelly Country Grammar (Hot Shit)
0%
P!nk; Willow Sage Hart Cover Me In Sunshine
0%
Atomic Kitten Cradle
0%
Soulja Boy Crank That (Soulja Boy)
0%
Charlotte Church Crazy Chick
0%
KISS Crazy Crazy Nights
0%
Let Loose Crazy For You
0%
MJ Cole; Elisabeth Troy Crazy Love
0%
Afroman Crazy Rap (Colt 45 & 2 Zig Zags)
0%
David Guetta; Becky Hill; Ella Henderson Crazy What Love Can Do
0%
Radiohead Creep
0%
Metro Boomin; The Weeknd; 21 Savage Creepin' (with The Weeknd & 21 Savage)
0%
Brandon Flowers Crossfire
0%
Ed Sheeran; Chance the Rapper; PnB Rock Cross Me (feat. Chance the Rapper & PnB Rock)
0%
Stormzy Crown
0%
Snakehips; ZAYN Cruel (feat. ZAYN)
0%
Paloma Faith Crybaby
0%
Rick Astley Cry for Help
0%
Roy Orbison; k.d. lang Crying
0%
Katy B Crying for No Reason
0%
Camila Cabello Crying in the Club
0%
Pixie Lott Cry Me Out
0%
Gym Class Heroes Cupid's Chokehold / Breakfast in America
0%
Blue Curtain Falls
0%
Coolio; 40 Thevz C U When U Get There
0%
Katy Perry Daisies
0%
Ashnikko Daisy
0%
Stereophonics Dakota
0%
Plummet; Antillas Damaged
0%
Sophie B. Hawkins Damn I Wish I Was Your Lover
0%
George Ezra Dance All Over Me
0%
Mary J. Blige | Sisqo Dance For Me
0%
Gary Glitter Dance Me Up
0%
The Mavericks Dance the Night Away
0%
Paul McCartney Dance Tonight
0%
Le Youth; Dominique Young Unique Dance with Me (feat. Dominique Young Unique)
0%
Lemar Dance (With U)
0%
Rishi Rich; Jay Sean; Juggy D Dance With You
0%
Yola Dancing Away In Tears
0%
Sam Smith; Normani Dancing With A Stranger (with Normani)
0%
David Guetta; Sam Martin Dangerous (feat. Sam Martin)
0%
Fuse ODG; Sean Paul Dangerous Love
0%
Charlie Puth Dangerously
0%
Ariana Grande Dangerous Woman
0%
Gorillaz DARE
0%
Space Dark Clouds
0%
Kid Cudi Day 'N' Nite (Nightmare)
0%
Kirsty MacColl Days
0%
Fierce Dayz Like That
0%
T.I.; Justin Timberlake Dead And Gone
0%
Powfu; beabadoobee death bed (coffee for your head)
0%
RAYE; Mr Eazi Decline
0%
Bitty McLean Dedicated to the One I Love
0%
Lloyd; André 3000; Lil Wayne Dedication To My Ex (Miss That)
0%
Deepest Blue Deepest Blue
0%
Right Said Fred Deeply Dippy
0%
Olivia Rodrigo deja vu
0%
Sugababes Denial
0%
Olly Alexander (Years & Years) Desire
0%
Dawin; Silentó Dessert
0%
Alex Gaudino; Crystal Waters Destination Calabria
0%
Zero 7 Destiny
0%
Chip; Emeli Sandé Diamond Rings (feat. Emeli Sandé)
0%
Kanye West Diamonds From Sierra Leone
0%
DJ Fresh; Jay Fay; Ms. Dynamite Dibby Dibby Sound (DJ Fresh vs. Jay Fay) (feat. Ms Dynamite)
0%
Tom Zanetti Didn't Know
0%
J Hus Did You See
0%
Olly Murs Die Of A Broken Heart
0%
Kesha Die Young
0%
Peter Gabriel Digging In The Dirt
0%
Daft Punk Digital Love
0%
Nelly; Kelly Rowland Dilemma
0%
AJ Tracey; MoStack Dinner Guest (feat. MoStack)
0%
Christina Milian Dip It Low
0%
Dizzee Rascal Dirtee Disco
0%
The Adventures Of Stevie V Dirty Cash (Money Talks)
0%
Taio Cruz; Kesha Dirty Picture
0%
Wynter Gordon Dirty Talk
0%
INXS Disappear
0%
Electronic Disappointed
0%
The Smashing Pumpkins Disarm
0%
Pulp Disco 2000
0%
Tina Turner Disco Inferno
0%
Ultrabeat; Darren Styles Discolights
0%
The Saturdays Disco Love
0%
Gusto Discòs Revenge
0%
U2 Discotheque
0%
Crowded House Distant Sun
0%
Liquid Child Diving Faces
0%
Vic Reeves; The Wonder Stuff Dizzy
0%
USHER; Pitbull DJ Got Us Fallin' In Love (feat. Pitbull)
0%
Coldcut; Yazz & The Plastic Population Doctorin' the House (feat. Yazz & The Plastic Population)
0%
Aqua Doctor Jones
0%
Charli xcx; Rita Ora Doing It (feat. Rita Ora)
0%
Lana Del Rey Doin' Time
0%
Jessie J Do It Like A Dude
0%
ACRAZE; Cherish Do It To It
0%
Jennifer Lopez Do It Well
0%
Candy Boyz Don'T You Love Me
0%
Public Image Ltd. Don't Ask Me
0%
Dina Carroll Don't Be A Stranger
0%
Jess Glynne Don't Be so Hard on Yourself
0%
Shania Twain Don't Be Stupid (You Know I Love You)
0%
UB40 Don't Break My Heart
0%
Tom Grennan Don't Break the Heart
0%
Voice Of The Beehive Don't Call Me Baby
0%
Madison Avenue Don’t Call Me Baby
0%
Mabel Don't Call Me Up
0%
Joss Stone Don't Cha Wanna Ride
0%
Crowded House | Paul Young Don't Dream It's Over
0%
Sigrid Don’t Feel Like Crying
0%
Diplo; Miguel Don’t Forget My Love
0%
Sonic Surfers Don't Give It Up
0%
Alex Party Don't Give Me Your Life
0%
Chicane; Bryan Adams | Peter Gabriel Don't Give Up
0%
Wretch 32; Josh Kumra Don't Go (feat. Josh Kumra)
0%
Sigrid Don't Kill My Vibe
0%
The Communards; Sarah Jane Morris Don't Leave Me This Way (with Sarah Jane Morris)
0%
David Sneddon Don't Let Go
0%
En Vogue Don't Let Go (Love)
0%
Britney Spears Don't Let Me Be the Last to Know
0%
The Chainsmokers; Daya Don't Let Me Down
0%
Panic! At The Disco Don't Let The Light Go Out
0%
George Michael; Elton John Don't Let the Sun Go Down on Me
0%
Black Eyed Peas Don't Lie
0%
Martin Garrix; USHER Don't Look Down (feat. Usher)
0%
911 Don't Make Me Wait
0%
Bomb The Bass; Lauraine Don't Make Me Wait (feat. Lauraine)
0%
Akon Don't Matter
0%
Kent Jones Don't Mind
0%
Bizz Nizz Don't Miss the Partyline
0%
220 KID; GRACEY Don’t Need Love (with GRACEY)
0%
GABRIELLE Don't Need The Sun To Shine (To Make Me Smile)
0%
Coldplay Don't Panic
0%
Verbalicious Don't Play Nice
0%
Glee Cast Don't Stop Believin' (Glee Cast Version)
0%
Livin' Joy | S Club Don't Stop Movin'
0%
Pitbull; TJR Don't Stop The Party
0%
The Outhere Brothers Don't Stop (Wiggle Wiggle)
0%
Jeremih; YG Don't Tell 'Em
0%
Blancmange Don't Tell Me
0%
Gamma Pulse Don't Trust Me (3OH!3 Cover)
0%
Noisettes Don't Upset The Rhythm (Go Baby Go)
0%
Chris Brown Don't Wake Me Up
0%
HAIM Don't Wanna
0%
Jason Derulo Don't Wanna Go Home
0%
Maroon 5; Kendrick Lamar Don't Wanna Know (feat. Kendrick Lamar)
0%
Wet Wet Wet Don't Want To Forgive Me Now
0%
Zara Larsson Don't Worry Bout Me
0%
Eternal; Dar.C; Dennis Charles Don't You Love Me
0%
Incognito Don't You Worry 'Bout A Thing
0%
Cartoons Doodah
0%
Carter The Unstoppable Sex Machine Do Re Me so Far so Good
0%
Redhead Kingpin Do The Right Thing
0%
Freefaller Do This! Do That!
0%
Moony; Moltosugo; T&F Dove (I'll Be Loving You)
0%
Fifth Harmony; Gucci Mane Down (feat. Gucci Mane)
0%
Curiosity Killed The Cat Down To Earth
0%
Luude; Colin Hay Down Under (feat. Colin Hay)
0%
Rizzle Kicks Down With The Trumpets
0%
Angel City Do You Know (I Go Crazy)
0%
Kerri Ann Do You Love Me Boy?
0%
Inner City Do You Love What You Feel
0%
DJ Pied Piper & The Masters Of Ceremonies Do You Really Like It?
0%
Jon Secada Do You Really Want Me
0%
Jay Sean; Sean Paul; Lil Jon Do You Remember
0%
Franz Ferdinand Do You Want To
0%
One Direction Drag Me Down
0%
Erasure Drama!
0%
Newton Faulkner Dream Catch Me
0%
Livin' Joy Dreamer
0%
Orchestral Manoeuvres In The Dark Dream Of Me (Based On Love's Theme)
0%
The Brand New Heavies Dream On Dreamer
0%
Christian Falk; Robyn Dream On (feat. Robyn)
0%
Lange; Skye Drifting Away
0%
Calvin Harris; Tinie Tempah Drinking from the Bottle (feat. Tinie Tempah)
0%
Bran Van 3000 Drinking in L.A.
0%
Clean Bandit; Topic; Wes Nelson Drive (feat. Wes Nelson)
0%
Brian May Driven By You
0%
Brother Beyond Drive On
0%
Propaganda Dr. Mabuse
0%
Mylo Drop The Pressure
0%
Backstreet Boys Drowning
0%
Alesha Dixon Drummer Boy
0%
Tujamo; Plastik Funk; Sneakbo; Smooth DR. Who!
0%
Beats International Dub Be Good To Me
0%
N | Tinchy Stryder; N Dubz
0%
N Dubz; Bodyrox
0%
N Dubz; Mr Hudson
0%
Beenie Man; Ms Thing Dude
0%
Mimi Webb Dumb Love
0%
ZAYN; Sia Dusk Till Dawn (feat. Sia)
0%
Conner Reeves Earthbound
0%
DJ Fresh; Diplo; Dominique Young Unique Earthquake (DJ Fresh vs. Diplo) (feat. Dominique Young Unique)
0%
Labrinth; Tinie Tempah Earthquake (feat. Tinie Tempah)
0%
5 Seconds of Summer Easier
0%
Big Country East Of Eden
0%
benny blanco; Halsey; Khalid Eastside (with Halsey & Khalid)
0%
Fatboy Slim; Beardyman; Calvin Harris Eat, Sleep, Rave, Repeat (feat. Beardyman)
0%
SAYGRACE; G Eazy
0%
G Eazy; Bebe Rexha
0%
G Eazy; Halsey
0%
The Shamen Ebeneezer Goode
0%
Sash! Ecuador
0%
The Saturdays Ego
0%
The Twang Either Way
0%
Sia Elastic Heart
0%
U2 Electrical Storm
0%
Alexandra Burke; Erick Morillo Elephant (feat. Erick Morillo)
0%
U2 Elevation
0%
Gary Barlow; Michael Bublé; Sebastian Yatra Elita
0%
Scouting For Girls Elvis Ain't Dead
0%
Gary Moore Empty Rooms
0%
James Arthur Empty Space
0%
Sash!; Future Breeze Encore Une Fois
0%
Honeyz End Of The Line
0%
Imagine Dragons; JID; Arcane; League of Legends Enemy (with JID)
0%
Depeche Mode Enjoy the Silence
0%
The Cardigans Erase / Rewind
0%
Dina Carroll Escaping
0%
RAYE; 070 Shake Escapism.
0%
Atomic Kitten Eternal Flame
0%
Robbie Williams Eternity
0%
Loreen Euphoria
0%
U2 Even Better Than The Real Thing
0%
Take That Everlasting
0%
The Railway Children Every Beat Of The Heart
0%
Helping Haiti | R.E.M. Everybody Hurts
0%
The Divine Comedy Everybody Knows (except you)
0%
Keane Everybody's Changing
0%
Silver Screen Superstars Everybody's Free (To Wear Sunscreen) [From "Romeo + Juliet"]
0%
The Beautiful South Everybody's Talkin'
0%
Ariana Grande; Future | Phil Collins Everyday
0%
Boyzone Every Day I Love You
0%
Kaiser Chiefs; Mark 'Spike' Stent Everyday I Love You Less And Less
0%
Sheryl Crow Everyday Is A Winding Road
0%
Morrissey Everyday Is Like Sunday
0%
Bobby Brown Every Little Step
0%
Poison Every Rose Has Its Thorn
0%
Coldplay Every Teardrop Is a Waterfall
0%
Ugly Kid Joe Everything About You
0%
Appleton Everything Eventually
0%
Boy George Everything I Own
0%
Billie Eilish everything i wanted
0%
Liam Gallagher Everything's Electric
0%
Sweetbox Everything's Gonna Be Alright
0%
Fragma; Maria Rubia Everytime You Need Me
0%
Ellie Goulding Explosions
0%
Labrinth Express Yourself
0%
Elle King Ex's & Oh's
0%
SNAP!; Niki Haris Exterminate (Endzeit 7) [feat. Niki Haris]
0%
Clean Bandit; Sharna Bass Extraordinary (feat. Sharna Bass)
0%
Eagle Eye Cherry
0%
Jay Sean; Rishi Rich Eyes On You
0%
Olly Alexander (Years & Years) Eyes Shut
0%
JLS Eyes Wide Shut
0%
Queen Face It Alone
0%
Alan Walker | ZHU Faded
0%
The Pogues; Kirsty MacColl Fairytale of New York (feat. Kirsty MacColl)
0%
Go West Faithful
0%
Rozalla Faith (In The Power Of Love)
0%
PS1; Alex Hosking Fake Friends (feat. Alex Hosking)
0%
James Arthur Falling Like The Stars
0%
Matoma; Becky Hill False Alarm
0%
Liam Payne; J Balvin Familiar
0%
Mary J. Blige Family Affair
0%
Appleton Fantasy
0%
The Jesus and Mary Chain Far Gone and Out
0%
Raven Maize Fascinated
0%
Steel Banglez; AJ Tracey; MoStack Fashion Week (feat. AJ Tracey & MoStack)
0%
Jonas Blue; Dakota Fast Car
0%
Boyzone | Ronan Keating; Yusuf / Cat Stevens Father And Son
0%
Sum 41 Fat Lip
0%
Candy Girls; Sweet Pussy Pauline Fee Fi Fo Fum
0%
Ultrabeat Feelin' Fine
0%
The Tamperer; Get Far; Alex Farolfi; Maya Feel It
0%
Beenie Man; Janet Jackson Feel It Boy
0%
Portugal. The Man Feel It Still
0%
Calvin Harris; Pharrell Williams; Katy Perry; Big Sean Feels (feat. Pharrell Williams, Katy Perry & Big Sean)
0%
Calvin Harris Feel So Close
0%
Steve Arrington Feel So Real
0%
Mel B Feels So Good
0%
Pitbull; Christina Aguilera Feel This Moment (feat. Christina Aguilera)
0%
Joss Stone Fell In Love With A Boy
0%
Space Female of the Species
0%
James Hype; Miggy Dela Rosa Ferrari
0%
Lethal Bizzle; Diztortion Fester Skank
0%
Rachel Platten Fight Song
0%
Craig David Fill Me In
0%
CeCe Peniston Finally
0%
Honeyz Finally Found
0%
Final Song
0%
Mabel; Kojo Funds Finders Keepers
0%
Sigma; Birdy Find Me
0%
Mark Ronson; Camila Cabello Find U Again (feat. Camila Cabello)
0%
ZieZie Fine Girl
0%
Mabel; Not3s Fine Line (with Not3s)
0%
Bruno Mars Finesse
0%
Richard x Finest Dreams (Radio Edit) [feat. Kelis]
0%
Yazz Fine Time
0%
Lauren Spencer Smith Fingers Crossed
0%
Elton John; Stevie Wonder | Yasmin Finish Line
0%
Pitbull; John Ryan Fireball (feat. John Ryan)
0%
Kygo; Conrad Sewell Firestone
0%
Scissor Sisters Fire With Fire
0%
Jack Harlow First Class
0%
Kygo; Ellie Goulding | Robin Beck | Sunblock; Robin Beck First Time
0%
Deorro; Chris Brown Five More Hours
0%
P!nk F**kin' Perfect
0%
David Guetta; Sia; Vladimir Cauchemar Flames
0%
Vanguard Flash
0%
Deep Dish Flashdance
0%
Jessie J Flashlight
0%
BBE Flash World
0%
Mr. Oizo Flat Beat
0%
Peter Andre Flava
0%
Nathan Dawe; Jaykae; Malika Flowers (feat. Jaykae and MALIKA)
0%
ArrDee Flowers (Say My Name)
0%
Bloc Party Flux
0%
Lenny Kravitz | Tones And I Fly Away
0%
Blue Fly By II
0%
Cast Flying
0%
XTM; Dj Chucky; Annia Fly On The Wings Of Love (XTM & DJ Chucky Presents Annia) [Club Mix Radio Edit]
0%
Ariana Grande Focus
0%
Nigel & Marvin Follow Da Leader
0%
Livin' Joy Follow The Rules
0%
Ashanti Foolish
0%
S Club 8 Fool No More
0%
The Saturdays Forever Is Over
0%
Orchestral Manoeuvres In The Dark (Forever) Live And Die
0%
The Magic Numbers Forever Lost
0%
Lewis Capaldi Forget Me
0%
CeeLo Green Forget You
0%
Leona Lewis Forgive Me
0%
Burna Boy; Ed Sheeran For My Hand (feat. Ed Sheeran)
0%
Scooch For Sure
0%
The Script For the First Time
0%
DJ Sakin For The Love Of A Princess (Braveheart 2006) (Edit)
0%
Bee Gees For Whom The Bell Tolls
0%
Simply Red For Your Babies
0%
Ultra Naté Found A Cure
0%
Kim Wilde Four Letter Word
0%
Paul Harvey; Daniel Whibley; BBC Philharmonic Four Notes
0%
Crowded House Four Seasons In One Day
0%
The Reelists Freak Mode
0%
Krept & Konan; Jeremih Freak Of The Week
0%
Gala Freed From Desire
0%
George Michael Freeek!
0%
Juliet Roberts Free Love
0%
Cast | Emma Bunton Free Me
0%
Riton; Nightcrawlers; Mufasa & Hypeman; Mufasa; Dopamine Friday (feat. Mufasa & Hypeman)
0%
Justin Bieber; BloodPop® Friends
0%
Tinie Tempah; Labrinth Frisky (feat. Labrinth)
0%
Faith No More From Out of Nowhere
0%
Infernal From Paris to Berlin
0%
Jamie Cullum Frontin'
0%
Status Quo; The Beach Boys Fun, Fun, Fun
0%
Dave; Fredo Funky Friday
0%
Frankee F.U.R.B. (F U Right Back)
0%
Ed Sheeran Galway Girl
0%
Chaka Demus & Pliers Gal Wine
0%
PSY Gangnam Style (강남스타일)
0%
Coolio; L.V. Gangsta's Paradise
0%
Fatboy Slim Gangster Trippin
0%
Daddy Yankee Gasolina
0%
Flo Rida; Sage The Gemini; Lookas GDFR (feat. Sage the Gemini & Lookas)
0%
Oliver Heldens; Becky Hill Gecko (Overdrive)
0%
Peter Kay's Geraldine McQueen
0%
Maxx Get A Way
0%
Texas Getaway
0%
Groove Armada Get Down
0%
Oleta Adams Get Here
0%
The Power Station Get It On (Bang a Gong)
0%
Montell Jordan Get It On Tonite
0%
Zedd; Liam Payne Get Low (with Liam Payne)
0%
Daft Punk; Pharrell Williams; Nile Rodgers Get Lucky (Radio Edit) [feat. Pharrell Williams and Nile Rodgers]
0%
U2 Get On Your Boots
0%
Shane Codd Get Out My Head
0%
Matt Bianco Get Out of Your Lazy Bed
0%
Billy Ocean Get Outta My Dreams, Get into My Car
0%
2 Unlimited Get Ready
0%
Sugababes Get Sexy
0%
Aston Merrygold Get Stupid
0%
Sam Fender Getting Started
0%
David Guetta; Chris Willis; Fergie; LMFAO Gettin' Over You
0%
Prince Gett Off
0%
Jason Derulo Get Ugly
0%
Bingo Players; Far East Movement Get Up (Rattle)
0%
Junior Vasquez Get Your Hands Off My Man
0%
2Pac Ghetto Gospel
0%
Damage Ghetto Romance
0%
Mimi Webb Ghost of You
0%
Kiesza Giant In My Heart
0%
Eddy Grant Gimme Hope Jo'anna
0%
Britney Spears Gimme More
0%
Bowling For Soup Girl All the Bad Guys Want
0%
B15 Project; Crissy D; Lady G; Deeptrak Girls Like Us
0%
Maroon 5; Cardi B Girls Like You (feat. Cardi B)
0%
Milli Vanilli Girl You Know It's True
0%
Aswad Give A Little Love
0%
Deepest Blue Give It Away
0%
Timbaland; Justin Timberlake; Nelly Furtado Give It To Me
0%
Jordan Knight Give It To You
0%
GABRIELLE Give Me A Little More Time
0%
Whitesnake Give Me All Your Love
0%
Kylie Minogue Give Me Just a Little More Time
0%
Diddy Give Me Love
0%
Andres Espinosa Give Me Your Love
0%
Sigma; Ella Henderson Glitterball
0%
Portishead Glory Box
0%
Ella Henderson Glow
0%
Gorgon City; Jennifer Hudson Go All Night
0%
Tiësto; Mabel God Is A Dancer (with Mabel)
0%
Ariana Grande God is a woman
0%
Coldplay God Put a Smile upon Your Face
0%
Dizzee Rascal; Robbie Williams Goin' Crazy
0%
GABRIELLE Going Nowhere
0%
Supergrass Going Out
0%
JVKE golden hour
0%
Klaxons Golden Skans
0%
Razorlight Golden Touch
0%
The Wanted Gold Forever
0%
C & C Music Factory; Freedom Williams Gonna Make You Sweat (Everybody Dance Now) (feat. Freedom Williams)
0%
The Beautiful South Good As Gold (Stupid As Mud)
0%
Lizzo Good as Hell
0%
Jason Derulo; David Guetta; Nicki Minaj; Willy William Goodbye (feat. Nicki Minaj & Willy William)
0%
Lighthouse Family Goodbye Heartbreak
0%
Dodgy Good Enough
0%
Flo Rida Good Feeling
0%
Selena Gomez; A$AP Rocky Good For You
0%
Cobra Starship; Leighton Meester Good Girls Go Bad (feat. Leighton Meester)
0%
Bastille Good Grief
0%
Inner City Good Life
0%
Mabel; Jax Jones; Galantis Good Luck
0%
Jack Johnson Good People
0%
Roll Deep; Jodie Connor Good Times
0%
Mimi Webb Good Without
0%
Reel 2 Real; The Mad Stuntman Go On Move (feat. The Mad Stuntman)
0%
HVME Goosebumps
0%
Bruno Mars Gorilla
0%
Sean Paul; Alexis Jordan Got 2 Luv U (feat. Alexis Jordan)
0%
Lena Fiagbe Gotta Get It Right
0%
Daniel Bedingfield; D'N'D Productions Gotta Get Thru This
0%
Eugene Wilde Gotta Get You Home Tonight
0%
Samantha Mumba Gotta Tell You
0%
Liberty X | Mantronix; Wondress Got To Have Your Love
0%
Rag'n'Bone Man Grace (We All Try)
0%
Embrace Gravity
0%
DJ Fresh; Ella Eyre Gravity (feat. Ella Eyre)
0%
Beverley Knight | Take That Greatest Day
0%
Billy Bragg Greetings to the New Brunette
0%
Swedish House Mafia Greyhound
0%
Pato Banton And The Reggae Revolution Groovin'
0%
Kubb Grow
0%
Cast Guiding Star
0%
NERO Guilt
0%
Blue | Paloma Faith Guilty
0%
Little Mix; Sean Paul Hair (feat. Sean Paul)
0%
AURORA Half The World Away
0%
James Blunt Halfway
0%
Alexandra Burke Hallelujah
0%
The Script; will.i.am Hall of Fame (feat. will.i.am)
0%
Regard; Olly Alexander (Years & Years) Hallucination
0%
The Tamperer; Maya; FAF Hammer to the Heart
0%
Stereophonics Handbags And Gladrags
0%
Flobots Handlebars
0%
Breathe Hands To Heaven
0%
Andy Abraham Hang Up
0%
Lonnie Gordon Happening All Over Again
0%
R. Kelly Happy People
0%
Jax Jones; Bebe Rexha Harder (with Bebe Rexha)
0%
The Christians Harvest For The World
0%
Camila Cabello; Young Thug Havana (feat. Young Thug)
0%
Bon Jovi | Stereophonics Have A Nice Day
0%
Michael Bublé Haven't Met You Yet
0%
S Club Have You Ever
0%
Paul Weller Have You Made Up Your Mind
0%
MC Hammer Have You Seen Her
0%
Richard Marx Hazard
0%
Joel Corry; MNEK Head & Heart (feat. MNEK)
0%
Midnight Star Headlines
0%
The Hollies He Ain't Heavy He's My Brother
0%
Jonas Blue; LÉON Hear Me Say
0%
Pepsi & Shirlie Heartache
0%
José González Heartbeats
0%
Kelly Clarkson Heartbeat Song
0%
Styles & Breeze; Karen Danzig Heartbeatz
0%
Galantis; David Guetta; Little Mix Heartbreak Anthem (with David Guetta & Little Mix)
0%
Craig David Heartline
0%
Johnny Hates Jazz | Kelly Llorenna Heart Of Gold
0%
Olly Murs Heart Skips a Beat
0%
Wiley; Dyo Heatwave (feat. Ms. D)
0%
Glass Animals Heat Waves
0%
Queen Heaven For Everyone
0%
Lenny Kravitz Heaven Help
0%
Level 42 Heaven In My Hands
0%
OPM Heaven Is A Halfpipe
0%
Belinda Carlisle Heaven Is A Place On Earth
0%
Becky Hill; Sigala Heaven On My Mind (with Sigala)
0%
Reverend And The Makers Heavyweight Champion Of The World
0%
Westlife Hello My Love
0%
Bananarama; Lananeeneenoonoo Help! (feat. Lananeeneenoonoo)
0%
iNi Kamoze Here Comes The Hotstepper
0%
Kygo; Ella Henderson Here for You (feat. Ella Henderson)
0%
Melanie C Here It Comes Again
0%
Tin Tin Out; Shelley Nelson Here's Where The Story Ends
0%
Stakka Bo Here We Go
0%
Marshmello; CHVRCHES Here With Me
0%
Alesso; Tove Lo Heroes (we could be)
0%
Chad Kroeger; Josey Scott Hero (feat. Josey Scott)
0%
Saint Etienne He's On The Phone
0%
DJ Ötzi Hey Baby (Uhh, Ahh)
0%
The Chemical Brothers Hey Boy Hey Girl
0%
East 17 Hey Child
0%
Bon Jovi Hey God
0%
Gin Blossoms Hey Jealousy
0%
Matt Willis Hey Kid
0%
Black Eyed Peas Hey Mama
0%
David Guetta; AFROJACK; Bebe Rexha; Nicki Minaj Hey Mama (feat. Nicki Minaj, Bebe Rexha & Afrojack)
0%
S'Express Hey Music Lover
0%
London Grammar Hey Now
0%
Cyndi Lauper Hey Now (Girls Just Want to Have Fun)
0%
Nelly Hey Porsche
0%
Kiesza Hideaway
0%
Clean Bandit; iann dior Higher (feat. iann dior)
0%
Josh Wink Higher State of Consciousness
0%
Shakira; Wyclef Jean Hips Don't Lie (feat. Wyclef Jean)
0%
The Lumineers Ho Hey
0%
James Bay Hold Back The River
0%
Britney Spears Hold It Against Me
0%
Elton John; Britney Spears Hold Me Closer
0%
Thompson Twins Hold Me Now (Original Mix)
0%
U2 Hold Me, Thrill Me, Kiss Me, Kill Me
0%
Lewis Capaldi Hold Me While You Wait
0%
East 17 Hold My Body Tight
0%
George Ezra Hold My Girl
0%
PHIXX Hold On Me
0%
Drake; Majid Jordan Hold On, We're Going Home
0%
Spice Girls Holler
0%
MARINA | Michael Bublé Hollywood
0%
R. Kelly; Keith Murray Home Alone (feat. Keith Murray)
0%
Justin Bieber; Don Toliver Honest (feat. Don Toliver)
0%
Ultimate Kaos Hoochie Booty
0%
Paul McCartney Hope Of Deliverance
0%
Mark Morrison | Mousse T.; Giorgio Gee; Agent Zed Horny
0%
Mousse T.; The Dandy Warhols; So Phat! Horny As a Dandy
0%
Nelly Hot In Herre
0%
Tiga Hot in Herre
0%
Tiësto; Charli xcx Hot In It (feat. Charli XCX)
0%
Billy Idol Hot In The City
0%
DJ Fresh; Rita Ora Hot Right Now (feat. RITA ORA)
0%
Craig David Hot Stuff (Let's Dance)
0%
Dua Lipa Hotter Than Hell
0%
JLS Hottest Girl in the World
0%
KSI; Swarmz; Tion Wayne Houdini (feat. Swarmz & Tion Wayne)
0%
Squeeze Hourglass
0%
Krush House Arrest
0%
Shabba Ranks; Maxi Priest Housecall (Your Body Can't Lie to Me) (feat. Maxi Priest)
0%
David Zowie House Every Weekend
0%
East 17 House of Love
0%
Mimi Webb House On Fire
0%
OMC How Bizarre
0%
Calvin Harris; Disciples; R3HAB How Deep Is Your Love
0%
London Grammar How Does It Feel
0%
LeAnn Rimes How Do I Live
0%
Roxette How Do You Do!
0%
Sam Smith How Do You Sleep?
0%
Charlie Puth How Long
0%
The Beautiful South How Long's A Tear Take To Dry?
0%
Ellie Goulding How Long Will I Love You
0%
Rita Ora How To Be Lonely
0%
Rita Ora How We Do (Party)
0%
Loick Essien; Tanya Lacey How We Roll
0%
Kendrick Lamar HUMBLE.
0%
Bobby Brown Humpin' Around
0%
Ocean Colour Scene Hundred Mile High City
0%
Eyeopener Hungry Eyes
0%
LF SYSTEM Hungry (For Love)
0%
2017 Dynamo Hitz Hurtin' Me
0%
Emeli Sandé Hurts
0%
Jimmy Somerville Hurt so Good
0%
Bhangra Knights vs. Husan Husan
0%
LL COOL J; 7 Aurelius Hush
0%
Coldplay Hymn for the Weekend
0%
Coldplay Hypnotised
0%
OneRepublic I Ain't Worried
0%
R. Kelly I Believe I Can Fly
0%
Andrew Lloyd Webber; David Zippel; Duncan James; Keedie I Believe My Heart
0%
Taio Cruz I Can Be
0%
Kavana I Can Make You Feel Good
0%
Sinead Quinn I Can't Break Down
0%
Genesis I Can't Dance
0%
Bananarama I Can't Help It
0%
Lucid; Mark Lucid; Kenny Hayes I Cant Help Myself
0%
Daniel Bedingfield I Can't Read You
0%
Soul II Soul I Care
0%
Stephen Duffy Icing On The Cake
0%
Avicii; Nicky Romero I Could Be The One (Avicii Vs. Nicky Romero)
0%
Becky Hill; WEISS I Could Get Used To This (with WEISS)
0%
Flo Rida I Cry
0%
Meat Loaf I'd Do Anything for Love (But I Won't Do That)
0%
Dua Lipa IDGAF
0%
Robert Palmer I Didn't Mean To Turn You On
0%
Meat Loaf I'd Lie For You (And That's The Truth)
0%
Cheryl | Shakespears Sister I Don't Care
0%
Flo Rida; Robin Thicke; Verdine White I Don't Like It, I Love It (feat. Robin Thicke & Verdine White)
0%
USHER; Juicy J I Don't Mind (feat. Juicy J)
0%
The Pussycat Dolls I Don't Need A Man
0%
Tina Turner I Don't Wanna Fight
0%
Elton John I Don't Wanna Go On With You Like That
0%
Dreamcatcher I Don't Wanna Lose My Way
0%
Tina Turner I Don't Wanna Lose You
0%
Texas I Don't Want A Lover
0%
Johnny Hates Jazz I Don't Want To Be A Hero
0%
Riton; RAYE I Don't Want You
0%
Duran Duran I Don't Want Your Love
0%
Sydney Youngblood I'd Rather Go Blind
0%
Roy Orbison I Drove All Night
0%
Tion Wayne; dutchavelli; Stormzy I Dunno (feat. Dutchavelli & Stormzy)
0%
The Weeknd; Daft Punk I Feel It Coming
0%
Donna Summer I Feel Love
0%
Depeche Mode I Feel You
0%
Kim Wilde | Shawn Mendes If I Can't Have You
0%
R. Kelly If I Could Turn Back the Hands of Time
0%
Ella Eyre If I Go
0%
OneRepublic; Alesso If I Lose Myself
0%
Jason Derulo If I'm Lucky
0%
Wet Wet Wet If I Never See You Again
0%
UB40 If It Happens Again
0%
Sheryl Crow If It Makes You Happy
0%
Sting If It's Love
0%
Rihanna If It's Lovin' That You Want
0%
Andrea Bocelli; Dua Lipa If Only
0%
Sydney Youngblood If Only I Could
0%
Lemar If There's Any Justice
0%
JP Saxe; Julia Michaels If The World Was Ending
0%
Tion Wayne; La Roux IFTK
0%
Ronan Keating If Tomorrow Never Comes
0%
Britney Spears If U Seek Amy
0%
The Tamperer; Get Far; Alex Farolfi; Maya If You Buy This Record (Your Life Will Be Better)
0%
Blue If You Come Back
0%
Atomic Kitten If You Come To Me
0%
East 17; GABRIELLE If You Ever (feat. Gabrielle)
0%
James Bay If You Ever Want To Be In Love
0%
David Guetta; MistaJam; John Newman If You Really Love Me (How Will I Know)
0%
Olly Alexander (Years & Years) If You're Over Me
0%
Dodgy If You're Thinking Of Me
0%
The 1975 If You’re Too Shy (Let Me Know)
0%
Hot Chocolate I Gave You My Heart (Didn't I)
0%
Janet Jackson I Get Lonely
0%
Luniz; Michael Marshall I Got 5 On It
0%
Young Soul Rebels I Got Soul (War Child Arrangement of All These Things That I've Done)
0%
Duke Dumont; Jax Jones I Got U
0%
Clinton Kane I GUESS I'M IN LOVE
0%
gnash; Olivia O'Brien i hate u, i love u (feat. olivia o'brien)
0%
Ronan Keating I Hope You Dance
0%
Cliff Richard I Just Don't Have the Heart
0%
Culture Club I Just Wanna Be Loved
0%
Etta James I Just Want To Make Love To You
0%
Taylor Swift I Knew You Were Trouble
0%
Peter Kay; Comic Relief; Susan Boyle; Geraldine McQueen I Know Him So Well (feat. Susan Boyle & Geraldine McQueen)
0%
James I Know What I'm Here For
0%
All Saints I Know Where It's At
0%
Craig David; Bastille I Know You (feat. Bastille)
0%
Narcotic Thrust I Like It (Radio Edit)
0%
Bodyrockers I Like The Way
0%
Reel 2 Real; The Mad Stuntman; Alex Natale DJ; Visnadi I Like To Move It (feat. The Mad Stuntman)
0%
Post Malone; Doja Cat I Like You (A Happier Song) (with Doja Cat)
0%
Ida Maria I Like You So Much Better When You're Naked And I Like Me So Much Better When You're Naked
0%
Natalie Cole I Live For Your Love
0%
Sunblock I'll Be Ready
0%
Emma Bunton | Jess Glynne I'll Be There
0%
Cian Ducrot I'll Be Waiting
0%
Robert Palmer I'll Be Your Baby Tonight (feat. UB40)
0%
Backstreet Boys I'll Never Break Your Heart
0%
Michael Bublé I'll Never Not Love You
0%
Blonde; Melissa Steel I Loved You (feat. Melissa Steel)
0%
Icona Pop; Charli xcx I Love It (feat. Charli XCX)
0%
Ronan Keating I Love It When We Do
0%
Taffy I Love My Radio
0%
Erasure I Love Saturday
0%
Shanice I Love Your Smile
0%
The Original I Luv U Baby
0%
Surf Mesa; Emilee ily (i love you baby) (feat. Emilee)
0%
EMF; Reeves & Mortimer I'm a Believer
0%
Enrique Iglesias; Pitbull I'm A Freak
0%
Stretch & Vern I'm Alive
0%
The Pasadenas I'm Doing Fine Now
0%
The Proclaimers I'm Gonna Be (500 Miles)
0%
The Proclaimers; Andy Pipkin; Brian Potter I'm Gonna Be (500 Miles) [feat. Brian Potter & Andy Pipkin]
0%
Bizarre Inc; Dany I'm Gonna Get You
0%
Elton John; Taron Egerton (I'm Gonna) Love Me Again
0%
Milli Vanilli I'm Gonna Miss You
0%
David Guetta; Bebe Rexha I'm Good (Blue)
0%
AlunaGeorge; Popcaan I'm In Control
0%
The 1975 I'm In Love With You
0%
Clean Bandit; Julia Michaels I Miss You (feat. Julia Michaels)
0%
Britney Spears I'm Not a Girl, Not Yet a Woman
0%
Calvin Harris I'm Not Alone
0%
Black Kids I'm Not Gonna Teach Your Boyfriend How To Dance With You
0%
Sam Smith; Calvin Harris; Jessie Reyez I'm Not Here To Make Friends
0%
Grace Jones I'm Not Perfect (But I'm Perfect For You)
0%
Fine Young Cannibals I'm Not the Man I Used to Be
0%
Sam Smith I'm Not The Only One
0%
Suggs I'm Only Sleeping
0%
Martine McCutcheon I'm Over You
0%
Sam Smith; Demi Lovato I’m Ready (with Demi Lovato)
0%
Samantha Mumba I'm Right Here
0%
Cast I'm So Lonely
0%
DJ Khaled; Justin Bieber; Quavo; Chance the Rapper; Lil Wayne I'm the One (feat. Justin Bieber, Quavo, Chance the Rapper & Lil Wayne)
0%
2 Men A Drum Machine And A Trumpet I'm Tired Of Getting Pushed Around
0%
WSTRN In2
0%
The Shapeshifters Incredible
0%
Darius Incredible (What I Meant To Say)
0%
Texas In Demand
0%
Lulu; Brothers In Rhythm Independence
0%
Scarlet Independent Love Song
0%
Alisha's Attic Indestructible
0%
Aloe Blacc I Need a Dollar
0%
Ken Doh; Nakasaki I Need a Lover Tonight
0%
Agnes I Need You Now
0%
Calvin Harris; Ellie Goulding I Need Your Love (feat. Ellie Goulding)
0%
Marc Et Claude; Dark Moon I Need Your Lovin' (Like The Sunshine)
0%
Guru Josh Project Infinity 2008
0%
Snow Informer
0%
La Roux In For The Kill
0%
Ladysmith Black Mambazo Inkanyezi Nezazi (The Star And The Wiseman)
0%
Shawn Mendes In My Blood
0%
Jason Derulo In My Head
0%
Goldie; Metalheadz Inner City Life (Goldie Presents Metalheadz)
0%
Texas Inner Smile
0%
Texas In Our Lifetime
0%
Texas Insane
0%
Ray Wilson Inside
0%
Faithless Insomnia
0%
Crowded House Instinct
0%
Jax Jones; Demi Lovato; Stefflon Don Instruction (feat. Demi Lovato & Stefflon Don)
0%
Justin Bieber; Quavo Intentions
0%
Sugababes In The Middle
0%
Jennifer Lopez | Razorlight In The Morning
0%
Benson Boone In The Stars
0%
Shaggy; Rayvon In The Summertime
0%
Iglu & Hartly In This City
0%
Belinda Carlisle | Dead Or Alive | Genesis | Sum 41 In Too Deep
0%
Martin Solveig; Good Times Ahead Intoxicated
0%
Ariana Grande Into You
0%
Louise In Walked Love
0%
808 State In Yer Face
0%
Nu Generation In Your Arms (Rescue Me) Radio Edit
0%
Tasmin Archer In Your Care
0%
Samantha Fox I Only Wanna Be With You
0%
Bryan Ferry I Put a Spell On You
0%
Sonique I Put A Spell On You
0%
Carly Rae Jepsen I Really Like You
0%
Kaskade; deadmau5 I Remember
0%
Bob Marley & The Wailers Iron Lion Zion
0%
P!nk Irrelevant
0%
Beyoncé Irreplaceable
0%
Rachel Stevens I Said Never Again (But Here We Are)
0%
Groove Armada; Gramma Funk I See You Baby (feat. Gramma Funk)
0%
Mousse T.; Emma Lanford Is It 'Cos' I'm Cool?
0%
World Party Is It Like Today?
0%
Boyzone Isn't It A Wonder
0%
Julia Michaels | The Saturdays Issues
0%
Tony Christie (Is This The Way To) Amarillo
0%
Kygo; Selena Gomez It Ain't Me (with Selena Gomez)
0%
2Play; Sunship It Can't Be Right
0%
The Blow Monkeys It Doesn't Have to Be This Way
0%
Sonique It Feels So Good
0%
Jason Derulo It Girl
0%
Adeva I Thank You
0%
Voice Of The Beehive I Think I Love You
0%
The Feeling I Thought It Was Over
0%
D Mob; DC Sarome; LRS; LRS & DC Sarome It Is Time to Get Funky (feat. LRS & DC Sarome)
0%
Shawn Mendes It'll Be Okay
0%
Stereophonics It Means Nothing
0%
Madness It Must Be Love
0%
Roxette It Must Have Been Love
0%
Take That It Only Takes a Minute
0%
Mike Posner; Seeb I Took A Pill In Ibiza
0%
Michael Bublé It's a Beautiful Day
0%
Opus III It's a Fine Day
0%
Queen It's A Hard Life
0%
Meat Loaf It's All Coming Back To Me Now
0%
East 17 | Pet Shop Boys It's Alright
0%
*NSYNC It's Gonna Be Me
0%
Mariah Carey; Jermaine Dupri; Fatman Scoop | Run–D.M.C.; Jason Nevins It's Like That
0%
Goldtrix; Andrea Brown It's Love (Trippin')
0%
will.i.am; Cody Wise It’s My Birthday
0%
Jessie J It's My Party
0%
Angelic; Daz Bailey It's My Turn 2009
0%
The 1975 It's Not Living (If It's Not With You)
0%
Klaxons It's Not Over Yet
0%
Atomic Kitten It's OK!
0%
Crowded House It's Only Natural
0%
Robbie Williams It's Only Us
0%
Bombalurina Itsy Bitsy Teeny Weeny Yellow Polka Dot Bikini
0%
Ms. Dynamite It Takes More
0%
Fatman Scoop; DJ Kool It Takes Scoop (feat. DJ Kool)
0%
Melanie C I Turn To You
0%
Bruno Mars It Will Rain
0%
MN8 I've Got a Little Something for You
0%
Martine McCutcheon I've Got You
0%
Neneh Cherry I've Got You Under My Skin
0%
Technohead I Wanna Be A Hippy
0%
Eternal; Bebe Winans I Wanna Be the Only One (feat. Bebe Winans)
0%
Chocolate Puma I Wanna Be U
0%
Chaka Demus & Pliers I Wanna Be Your Man
0%
Måneskin I WANNA BE YOUR SLAVE
0%
Secondcity I Wanna Feel
0%
Nomad (I Wanna Give You) Devotion
0%
Natasha Bedingfield I Wanna Have Your Babies
0%
McFly I Wanna Hold You
0%
Color Me Badd I Wanna Sex You Up
0%
Boris Gardiner I Wanna Wake Up With You
0%
Queen | The Script I Want It All
0%
Backstreet Boys I Want It That Way
0%
Juliet Roberts | Utah Saints I Want You
0%
Bananarama | Mel B; Missy Elliott I Want You Back
0%
CeeLo Green I Want You (Hold on to Love)
0%
Atomic Kitten | Transvision Vamp I Want Your Love
0%
T'Pau I Will Be With You
0%
Rita Ora I Will Never Let You Down
0%
Gloria Gaynor I Will Survive
0%
Mumford & Sons I Will Wait
0%
Joel Corry; Mabel I Wish (feat. Mabel)
0%
Phil Collins I Wish It Would Rain Down
0%
Sandi Thom I Wish I Was a Punk Rocker (with Flowers in My Hair)
0%
Curtis Stigers I Wonder Why
0%
Jason Mraz I Won't Give Up
0%
James Morrison I Won't Let You Go
0%
Space Cowboy I Would Die 4 U
0%
Zara Larsson I Would Like
0%
A.R. Rahman; The Pussycat Dolls; Nicole Scherzinger Jai Ho! (You Are My Destiny)
0%
Moby James Bond Theme
0%
Daniel Bedingfield James Dean (I Wanna Know)
0%
Status Quo Jam Side Down
0%
Jon Bon Jovi Janie, Don't Take Your Love To Town
0%
Christina Perri jar of hearts
0%
Reel 2 Real Jazz It Up
0%
Will Young Jealousy
0%
Benzz Je M'appelle
0%
Genesis Jesus He Knows Me
0%
George Michael Jesus to a Child
0%
Vanessa Paradis Joe le taxi
0%
John Travolta; Olivia Newton John; Phil Harding; Ian Curnow
0%
Bastille | Soul II Soul Joy
0%
Donna Allen Joy And Pain
0%
Roxette Joyride
0%
Klingande Jubel
0%
Lawson Juliet
0%
B Young Jumanji
0%
Liberty X Jumpin'
0%
Scooter Jumping All Over The World
0%
David Hasselhoff Jump In My Car
0%
Wildchild Jump to My Beat
0%
No Doubt Just A Girl
0%
Liberty X Just A Little
0%
Amy Studt Just A Little Girl
0%
Jellybean Just A Mirage
0%
Jon Secada Just Another Day
0%
Eternal; Johnny Douglas Just a Step from Heaven
0%
Professor Green; Lily Allen Just Be Good To Green
0%
Mary J. Blige Just Fine
0%
PinkPantheress Just for Me
0%
Paul Hardcastle Just for Money
0%
One Night Only Just For Tonight
0%
P!nk; Nate Ruess Just Give Me a Reason (feat. Nate Ruess)
0%
Sigala; Ella Eyre; Meghan Trainor; French Montana Just Got Paid
0%
Louis Tomlinson; Steve Aoki Just Hold On
0%
Double Trouble Just Keep Rockin'
0%
P!nk Just Like Fire (From the Original Motion Picture "Alice Through The Looking Glass")
0%
Stereophonics Just Looking
0%
Snow Patrol Just Say Yes
0%
Levellers Just the One
0%
Feeder Just The Way I'm Feeling
0%
Tom Walker Just You and I
0%
Radiohead Karma Police
0%
Ainslie Henderson Keep Me A Secret
0%
Perpetual Motion Keep On Dancin' (Let's Go)
0%
Todd Terry; Martha Wash; Jocelyn Brown Keep On Jumpin'
0%
Jinny Keep Warm
0%
Boyzone Key To My Life
0%
Simple Minds Kick It In
0%
Example Kickstarts
0%
Example | Sam Smith Kids Again
0%
Kylie Minogue; Robbie Williams Kids (with Robbie Williams)
0%
Selena Gomez Kill Em With Kindness
0%
ATB Killer 2000
0%
Tina Cousins Killin' Time
0%
Darius Kinda Love
0%
Wamdue Project King Of My Castle
0%
Melissa Steel; Popcaan Kisses for Breakfast (feat. Popcaan)
0%
Neneh Cherry Kisses On The Wind
0%
The Art Of Noise; Tom Jones Kiss (feat. Tom Jones)
0%
Seal Kiss from a Rose
0%
Doja Cat; SZA Kiss Me More (feat. SZA)
0%
Peter Andre Kiss The Girl
0%
Billie Myers Kiss The Rain
0%
Bobby Brown; K Klass
0%
Robert Palmer Know by Now
0%
Khalid; Disclosure Know Your Worth
0%
Oliver Heldens Koala
0%
Oxlade KU LO SA
0%
Bus Stop; Carl Douglas Kung Fu Fighting
0%
Hue and Cry Labour Of Love
0%
AJ Tracey Ladbroke Grove
0%
Atomic Kitten; Kool & The Gang Ladies Night
0%
Simply Red Lady Godiva's Room
0%
Lush Ladykillers
0%
All Saints; Johnny Douglas; Paul Wright III Lady Marmalade
0%
Carolina Gaitán La Gaita; Mauro Castillo; Adassa; Rhenzy Feliz; Diane Guerrero; Stephanie Beatriz; Encanto
0%
James Laid
0%
Naughty Boy; Sam Smith La La La
0%
Y2K; bbno$ Lalala
0%
The Outhere Brothers La La La Hey Hey (Ohb Radio Edit)
0%
Fergie; YG L.A.LOVE (la la) [feat. YG]
0%
Sash! La Primavera
0%
Backstreet Boys Larger Than Life
0%
Jessie J; David Guetta LaserLight
0%
Katy Perry Last Friday Night (T.G.I.F.)
0%
Sigala; James Arthur Lasting Lover
0%
Burna Boy Last Last
0%
The Vamps Last Night
0%
Tough Love; Seamus Haji Last Night A DJ Saved My Life
0%
Paolo Nutini Last Request
0%
Papa Roach Last Resort
0%
Disclosure; Sam Smith Latch
0%
A1 x J1 Latest Trends
0%
Taylor Swift Lavender Haze
0%
Rudimental; Ed Sheeran Lay It All on Me (feat. Ed Sheeran)
0%
Sam Smith; John Legend Lay Me Down
0%
Simon Webbe Lay Your Hands
0%
Robbie Williams Lazy Days
0%
Major Lazer; MØ; DJ Snake Lean On (feat. MØ & DJ Snake)
0%
Tom Walker Leave a Light On
0%
Belinda Carlisle Leave a Light On (7" Mix)
0%
Marshmello; Jonas Brothers Leave Before You Love Me (with Jonas Brothers)
0%
JoJo Leave (Get Out)
0%
Bruno Mars; Anderson .Paak; Silk Sonic Leave The Door Open
0%
Intenso Project; Lisa Scott | Lisa Scott Lee
0%
Mini Viva Left My Heart In Tokyo
0%
Mansun Legacy
0%
James Hype; Kelli Leigh
0%
Internet Money; Gunna; Don Toliver; NAV Lemonade
0%
Foxes Let Go for Tonight
0%
Tinchy Stryder; Melanie Fiona Let It Rain
0%
Robbie Williams Let Love Be Your Energy
0%
Robbie Williams Let Me Entertain You
0%
Gary Barlow Let Me Go
0%
Hailee Steinfeld; Alesso; Florida Georgia Line; WATT Let Me Go (with Alesso, Florida Georgia Line & watt)
0%
DJ Snake; Justin Bieber | Mario Let Me Love You
0%
Lana Del Rey Let Me Love You Like A Woman
0%
Camisra Let Me Show You
0%
Betty Boo Let Me Take You There
0%
Black Eyed Peas Let's Get It Started
0%
PJ & Duncan Let’s Get Ready To Rhumble
0%
Ella Henderson; Tom Grennan Let’s Go Home Together
0%
Louise; Nigel Lowis Let's Go Round Again
0%
Coldplay; Selena Gomez Let Somebody Go
0%
Bryan Ferry Let's Stick Together
0%
2 Unlimited Let the Beat Control Your Body
0%
Mabel Let Them Know
0%
Labrinth Let the Sun Shine
0%
NF Let You Down
0%
Rita Ora Let You Love Me
0%
Sway Level Up
0%
Dua Lipa Levitating
0%
Camila Cabello Liar
0%
Gladys Knight Licence To Kill
0%
McFly Lies
0%
Noah And The Whale L.I.F.E.G.O.E.S.O.N.
0%
Girls Aloud Life Got Cold
0%
Howard Jones Life in One Day
0%
Ace of Base Life Is a Flower
0%
Jason Derulo; Adam Levine Lifestyle (feat. Adam Levine)
0%
Geri Halliwell Lift Me Up
0%
Nathan Dawe; KSI Lighter (feat. KSI)
0%
Gabz Lighters (The One)
0%
Westlife Lighthouse
0%
Major Lazer; Nyla; Fuse ODG Light It Up (feat. Nyla & Fuse ODG) [Remix]
0%
Clubhouse; Carl Light My Fire Remixes (Km.1972 Mix)
0%
Louise Light of My Life
0%
Wiley Lights On (feat. Angel & Tinchy Stryder)
0%
Katy B; Ms. Dynamite Lights On (feat. Ms Dynamite)
0%
Charlie Puth Light Switch
0%
MadHouse | Miley Cyrus Like a Prayer
0%
Sam Smith Like I Can
0%
Justin Timberlake Like I Love You
0%
Doja Cat; Gucci Mane Like That (feat. Gucci Mane)
0%
Aggro Santos; Kimberley Walsh Like U Like
0%
Kelis; CeeLo Green Lil Star
0%
The Cranberries Linger
0%
Joel Corry; Tom Grennan Lionheart (Fearless)
0%
Chris & Kem Little Bit Leave It
0%
Kele Le Roc Little Bit Of Lovin'
0%
Dreadzone Little Britain
0%
Blue Pearl Little brother
0%
Mumford & Sons Little Lion Man
0%
Ronan Keating Little Thing Called Love
0%
Darius Live Twice
0%
T.I.; Rihanna Live Your Life
0%
Belinda Carlisle Live Your Life Be Free
0%
Sigala; David Guetta; Sam Ryder Living Without You
0%
Bon Jovi Livin On A Prayer
0%
Bon Jovi Livin' On A Prayer
0%
Primal Scream Loaded
0%
Sak Noel Loca People
0%
Khalid Location
0%
R. City; Adam Levine Locked Away (feat. Adam Levine)
0%
Bruno Mars Locked out of Heaven
0%
Tomcraft Loneliness
0%
Peter Andre; Brian McKnight Lonely (feat. Brian McKnight)
0%
Rob Thomas Lonely No More
0%
Avicii; Rita Ora Lonely Together (feat. Rita Ora)
0%
Diplo; Jonas Brothers Lonely (with Jonas Brothers)
0%
BlocBoy JB; Drake Look Alive (feat. Drake)
0%
Geri Halliwell Look at Me
0%
Big Country Look Away
0%
Chip; Talay Riley Look For Me (feat. Talay Riley)
0%
Hue and Cry Looking For Linda
0%
Karen Ramirez Looking For Love
0%
Paul Woolford; Diplo; Kareen Lomax Looking for Me
0%
P.M. Dawn Looking Through Patient Eyes (Re
0%
Rod Stewart Look In Her Eyes
0%
S1mba; KSI Loose (feat. KSI)
0%
MEDUZA; Becky Hill; Goodboys Lose Control
0%
Kygo; OneRepublic Lose Somebody
0%
Selena Gomez Lose You To Love Me
0%
Rizzle Kicks Lost Generation
0%
Shawn Mendes Lost In Japan
0%
Lighthouse Family Lost In Space
0%
Redlight Lost In Your Love
0%
Lloyd Cole and the Commotions Lost Weekend
0%
Robin Thicke Lost Without U
0%
Freya Ridings Lost Without You
0%
Parade Louder
0%
DJ Fresh; Sian Evans Louder (feat. Sian Evans)
0%
Royal Pop Of Sound Love Can Build a Bridge
0%
Atomic Kitten Love Doesn't Have To Hurt
0%
David Guetta Love Don't Let Me Go
0%
Jimmy Nail Love Don't Live Here Anymore
0%
Soul II Soul Love Enuff
0%
The Cardigans Lovefool
0%
Gary Pine Participação Super Dragões; Bob Sinclar Love Generation
0%
Damage Love Guaranteed
0%
Scouting For Girls Love How It Hurts
0%
DAMAGE Love II Love
0%
Bananarama Love in the First Degree
0%
USHER; Jeezy Love in This Club (feat. Young Jeezy)
0%
The Human League Love Is All That Matters
0%
Amy Winehouse Love Is A Losing Game
0%
McFly Love Is Easy
0%
The Verve Love Is Noise
0%
Everything But The Girl Love Is Strange
0%
The Seahorses Love Is The Law
0%
The Feeling Love It When You Call
0%
Khalid; Normani Love Lies
0%
Robbie Williams Lovelight
0%
Climie Fisher Love Like a River
0%
Girls Aloud Love Machine
0%
Cheryl Love Made Me Do It
0%
Stooshe; Travie McCoy Love Me (feat. Travie McCoy)
0%
Boyzone Love Me For A Reason
0%
Sam Smith Love Me More
0%
John Legend Love Me Now
0%
Angel City; Lara McAllen Love Me Right (Oh Sheila) (feat. Lara McAllen)
0%
Julia Fordham (Love Moves In) Mysterious Ways
0%
Michael Jackson Love Never Felt So Good
0%
Jason Derulo; Nuka Love Not War (The Tampa Beat)
0%
CKay love nwantiti (ah ah ah)
0%
Honeyz Love Of A Lifetime
0%
Galantis; Hook N Sling Love on Me
0%
Alison Moyet Love Resurrection
0%
David Guetta; Sam Martin Lovers on the Sun (feat. Sam Martin)
0%
OneRepublic Love Runs Out
0%
Ciara; Justin Timberlake Love Sex Magic (feat. Justin Timberlake)
0%
Platnum Love Shy (Thinking About You)
0%
Annie Lennox Love Song for a Vampire
0%
Justin Timberlake LoveStoned / I Think She Knows
0%
Madness Lovestruck
0%
Erasure Love to Hate You
0%
Enrique Iglesias Love To See You Cry
0%
Thunder Love Walked In
0%
Womack & Womack Love Wars
0%
Michael Bublé Love You Anymore
0%
Boyzone Love You Anyway
0%
VS Love You Like Mad
0%
Ronan Keating Lovin' Each Day
0%
Nick Kamen Loving You Is Sweeter Than Ever
0%
Chris Brown; Lil Wayne; Tyga Loyal
0%
The Shamen L.S.I.: Love Sex Intelligence
0%
The Verve Lucky Man
0%
Robin S Luv 4 Luv
0%
Intenso Project Luv Da Sunshine
0%
Southside Spinners Luvstruck
0%
Céline Dion Lying Down
0%
Oasis Lyla
0%
Malcolm McLaren Madam Butterfly (Un Bel Di Vedremo)
0%
Meghan Trainor Made You Look
0%
Mabel Mad Love
0%
Loose Ends Magic Touch
0%
Alison Limerick Make It On My Own
0%
Room 5; Oliver Cheatham Make Luv
0%
Alex Adair Make Me Feel Better
0%
Belters Only; Jazzy Make Me Feel Good
0%
DJ Fresh; TC; Little Nikki Make U Bounce (DJ Fresh vs TC) (feat. Little Nikki)
0%
Adele Make You Feel My Love
0%
Miley Cyrus Malibu
0%
Tinie Tempah; Wizkid Mamacita (feat. Wizkid)
0%
Rizzle Kicks Mama Do The Hump
0%
Pixie Lott Mama Do (Uh Oh, Uh Oh)
0%
Tom Jones; Stereophonics Mama Told Me Not To Come
0%
Lou Bega Mambo No. 5 (a Little Bit of...)
0%
Neneh Cherry Manchild
0%
Sinéad O'Connor Mandinka
0%
Big Shaq Man's Not Hot
0%
Biffy Clyro Many of Horror
0%
Maroon 5 Maps
0%
The Bluetones Marblehead Johnson
0%
Ricky Martin María
0%
Anne Marie; Aitch
0%
Anne Marie; KSI; Digital Farm Animals
0%
Anne Marie; Little Mix
0%
Nick Jonas; Anne Marie; Mike Posner
0%
Nathan Dawe; Anne Marie; MoStack
0%
Anne Marie; Niall Horan
0%
Wretch 32; Anne Marie; PRGRSHN
0%
Clean Bandit; Anne Marie; Sean Paul
0%
Rudimental; Anne Marie; Tion Wayne
0%
All About Eve Martha's Harbour
0%
Charlie Puth; Meghan Trainor Marvin Gaye (feat. Meghan Trainor)
0%
Danny Wilson Mary's Prayer
0%
Future Mask Off
0%
Sérgio Mendes; Black Eyed Peas Mas Que Nada
0%
DJ Luck & MC Neat; J.J Masterblaster 2000
0%
Franz Ferdinand Matinee
0%
2 Unlimited Maximum Overdrive
0%
Emma Bunton | N.E.R.D Maybe
0%
Alex Parks Maybe That's What It Takes
0%
Stereophonics Maybe Tomorrow
0%
Ava Max Maybe You’re The Problem
0%
Bebe Rexha; Florida Georgia Line Meant to Be (feat. Florida Georgia Line)
0%
James Arthur Medicine
0%
Status Quo Medley: The Anniversary Waltz
0%
Da Hool Meet Her At The Love Parade
0%
THE ANXIETY; WILLOW; Tyler Cole Meet Me At Our Spot
0%
Black Eyed Peas Meet Me Halfway
0%
Technotronic Megamix
0%
Ali G; Shaggy Me Julie
0%
Sigala Melody
0%
Maroon 5 Memories
0%
Robert Palmer Mercy Mercy Me / I Want You (Medley)
0%
Watergate; DJ Quicksilver Merry Christmas Mr. Lawrence (Heart of Asia)
0%
Ja Rule; Ashanti Mesmerize
0%
Cassie Me & U
0%
The 1975 Me & You Together Song
0%
Geri Halliwell Mi chico latino
0%
Lolly Mickey
0%
DJ Snake; Bipolar Sunshine Middle
0%
The Brand New Heavies Midnight At The Oasis
0%
Miley Cyrus Midnight Sky
0%
HOSH; 1979; Jalja Midnight (The Hanging Tree)
0%
J Balvin; Willy William Mi Gente
0%
Kelis; André 3000 Millionaire
0%
Digital Farm Animals; Cash Cash; Nelly; Riggi & Piros Millionaire (feat. Nelly)
0%
Ava Max Million Dollar Baby
0%
Whitney Houston; Frankie Knuckles Million Dollar Bill
0%
Fuse ODG Million Pound Girl (Badder Than Bad)
0%
Justin Timberlake Mirrors
0%
Amy Studt | Curiosity Killed The Cat Misfit
0%
southstar Miss You
0%
Natalie Cole Miss You Like Crazy
0%
Jonas Blue; Paloma Faith Mistakes
0%
Robbie Williams Misunderstood
0%
Chase & Status; Clementine Douglas Mixed Emotions
0%
Hanson MMMBop
0%
Crash Test Dummies Mmm Mmm Mmm Mmm
0%
Kaiser Chiefs Modern Way
0%
J.T. And The Big Family Moments in Soul
0%
Simply Red Money's Too Tight (To Mention)
0%
Ariana Grande; Victoria Monét MONOPOLY (with Victoria Monét)
0%
Shawn Mendes; Justin Bieber Monster (Shawn Mendes & Justin Bieber)
0%
Lil Nas X MONTERO (Call Me By Your Name)
0%
Billy Idol Mony Mony
0%
24kGoldn; iann dior Mood (feat. iann dior)
0%
Captain Hollywood Project More And More
0%
Carmel | Rachel Stevens More, More, More
0%
911 | Aaliyah More Than A Woman
0%
Backstreet Boys More Than That
0%
Axwell /\ Ingrosso More Than You Know
0%
Hailee Steinfeld Most Girls
0%
Miley Cyrus Mother's Daughter
0%
Swedish House Mafia; The Weeknd Moth To A Flame (with The Weeknd)
0%
Normani Motivation
0%
Sash!; Shannon Move Mania
0%
Cappella Move On Baby
0%
Nina Sky; Jabba Move Ya Body (feat. Jabba)
0%
Junior Senior Move Your Feet
0%
Alien Ant Farm Movies
0%
Supergrass Moving
0%
M People Moving on Up
0%
Artful Dodger; Romina Johnson Moving Too Fast
0%
DJ Spoony; Paloma Faith Moving Too Fast (feat. Paloma Faith)
0%
Kelly Clarkson Mr. Know It All
0%
Shabba Ranks; Chevelle Franklin; David Morales; Hugo Dwyer Mr. Loverman (feat. Chevelle Franklin)
0%
Amy Macdonald Mr Rock & Roll
0%
Alexandra Stan Mr. Saxobeat
0%
Culture Beat Mr. Vain Recall
0%
Stereophonics Mr. Writer
0%
Outkast Ms. Jackson
0%
Shaft (Mucho Mambo) Sway
0%
Catatonia Mulder and Scully
0%
Panjabi MC Mundian to Bach Ke
0%
Stardust; Benjamin Diamond; Alan Braxe; Thomas Bangalter Music Sounds Better With You
0%
Nina Simone My Baby Just Cares for Me
0%
Paul McCartney My Brave Face
0%
mgk; blackbear my ex's best friend (with blackbear)
0%
Sheryl Crow My Favorite Mistake
0%
The Cardigans My Favourite Game
0%
Billie Eilish my future
0%
Aitch; Ed Sheeran My G (feat. Ed Sheeran)
0%
Wankelmut; Emma Louise; MK My Head Is A Jungle
0%
Ava Max My Head & My Heart
0%
Becky Hill; Topic My Heart Goes (La Di Da)
0%
Westlife My Hero
0%
Emeli Sandé My Kind Of Love
0%
Florence + The Machine | Kele Le Roc | Route 94; Jess Glynne My Love
0%
Strike My Love Is for Real
0%
Not3s; Mabel My Lover
0%
En Vogue My Lovin' (You're Never Gonna Get It)
0%
McLean My Name
0%
Khia My Neck, My Back (Lick It)
0%
The Killers My Own Soul’s Warning
0%
Nelly My Place
0%
Cliff Richard My Pretty One
0%
Lighthouse Family My Salvation
0%
Fall Out Boy My Songs Know What You Did In The Dark (Light Em Up)
0%
INXS Mystify
0%
Glass Tiger My Town
0%
Seal; Jakatta My Vision (feat. Jakatta)
0%
Calvin Harris My Way
0%
Embrace My Weakness Is None Of Your Business
0%
Curiosity Killed The Cat Name And Number
0%
Placebo Nancy Boy
0%
Inaya Day Nasty Girl
0%
RAYE Natalie Don't
0%
The Divine Comedy National Express
0%
Peter Andre | S Club Natural
0%
Moby Natural Blues
0%
Embrace Nature's Law
0%
Nelly N Dey Say
0%
David Morales Presents The Face Needin' U
0%
Reflekt; delline bass Need To Feel Loved
0%
Doja Cat Need to Know
0%
Duke Dumont; A*M*E Need U (100%) (feat. A*M*E)
0%
INXS Need You Tonight
0%
Space Neighbourhood
0%
Carleen Anderson Nervous Breakdown
0%
Camila Cabello Never Be the Same
0%
Melanie C; Lisa "Left Eye" Lopes Never Be The Same Again
0%
Naughty Boy; Wiley; Emeli Sandé; SHY FX Never Be Your Woman
0%
Boris Dlugosch; Róisín Murphy; Jesse Rose Never Enough
0%
All Saints Never Ever
0%
Noisettes | Zara Larsson; MNEK Never Forget You
0%
Daniel Bedingfield Never Gonna Leave Your Side
0%
Tina Moore Never Gonna Let You Go
0%
P!nk Never Gonna Not Dance Again
0%
S Club Never Had A Dream Come True
0%
Tinchy Stryder; Amelle Never Leave You
0%
Lumidee Never Leave You (Uh Oooh, Uh Oooh)
0%
Undercover Never Let Her Slip Away
0%
Honeyz Never Let You Down
0%
Rudimental; Foy Vance Never Let You Go (feat. Foy Vance)
0%
Dennis Lloyd Nevermind
0%
Kaiser Chiefs Never Miss A Beat
0%
Simply Red Never Never Love
0%
Katy Perry Never Really Over
0%
Bucks Fizz New Beginning (Mamba Seyra)
0%
Reggie ‘N’ Bollie New Girl
0%
Little Boots New in Town
0%
Ultra Naté New Kind Of Medicine
0%
A1 x J1; Tion Wayne Night Away (Dance) (feat. Tion Wayne)
0%
One Direction Night Changes
0%
Adam Garcia; "Saturday Night Fever" Original London Cast Night Fever
0%
Brainbug Nightmare (Sinister Strings Radio Edit)
0%
The Ordinary Boys; Lady Sovereign Nine2five
0%
Katie Melua Nine Million Bicycles
0%
Jordin Sparks; Chris Brown No Air (feat. Chris Brown)
0%
Maroon 5 Nobody's Love
0%
Jessie J Nobody's Perfect
0%
Sigma Nobody To Love
0%
DJ Khaled; Justin Bieber; Quavo; Chance the Rapper No Brainer
0%
The Prodigy No Good (Start the Dance)
0%
Wayne Wonder No Letting Go
0%
Sean Paul; Dua Lipa No Lie
0%
Summer Walker; SZA No Love (with SZA)
0%
Boyzone No Matter What
0%
Galantis No Money
0%
Mary J. Blige No More Drama
0%
Paul McCartney No More Lonely Nights (Ballad)
0%
Little Mix No More Sad Songs
0%
Alicia Keys No One
0%
Sade No Ordinary Love
0%
Cheat Codes; Demi Lovato No Promises (feat. Demi Lovato)
0%
Dappy | Robbie Williams No Regrets
0%
Rhys Lewis No Right To Love You
0%
Melanie C Northern Star
0%
French Montana; Drake No Stylist (feat. Drake)
0%
Radiohead No Surprises
0%
Meat Loaf Not A Dry Eye In The House
0%
Los Umbrellos No Tengo Dinero
0%
Lily Allen Not Fair
0%
Rudimental; John Newman; Alex Clare Not Giving In (feat. John Newman & Alex Clare)
0%
t.A.T.u. Not Gonna Get Us
0%
Mark Ronson; Miley Cyrus Nothing Breaks Like a Heart (feat. Miley Cyrus)
0%
Paul van Dyk; Hemstock & Jennings Nothing But You
0%
Daniel Bedingfield Nothing Hurts Like Love
0%
Keane Nothing In My Way
0%
Blonde; Craig David Nothing Like This
0%
Glenn Medeiros Nothing's Gonna Change My Love for You
0%
B.o.B; Bruno Mars Nothin' on You (feat. Bruno Mars)
0%
Nathan Dawe; Little Mix No Time For Tears
0%
Billie Eilish No Time To Die
0%
Enrique Iglesias | M.O; Kent Jones Not In Love
0%
Tinie Tempah; Jess Glynne Not Letting Go (feat. Jess Glynne)
0%
KSI; Tom Grennan Not Over Yet (feat. Tom Grennan)
0%
Diana Ross; Brian Rawling; Mark Taylor Not Over You Yet
0%
Dubstar Not so Manic Now
0%
Victoria Beckham Not Such An Innocent Girl
0%
Shayne Ward No U Hang Up
0%
Richard Marx Now And Forever
0%
Sage The Gemini Now and Later
0%
Philip Mayer; Justine Berg No Way
0%
Dave; MoStack No Words
0%
Simon Webbe No Worries
0%
Basshunter; DJ Mental Theos Bazzheadz Now You're Gone (feat. DJ Mental Theo's Bazzheadz)
0%
Central Cee Obsessed With You
0%
Lighthouse Family Ocean Drive
0%
Martin Garrix; Khalid Ocean (feat. Khalid)
0%
Tinchy Stryder; Calvin Harris; BURNS Off The Record
0%
Bastille Of The Night
0%
Eternal Oh Baby I
0%
Shaggy Oh Carolina
0%
The Vamps Oh Cecilia (Breaking My Heart)
0%
Dollar Oh L'amour
0%
Scritti Politti Oh Patti (Don't Feel Sorry For Loverboy)
0%
Clock Oh What A Night
0%
Platinum 45; More Fire Crew Oi! (feat. More Fire Crew)
0%
Marshmello; Demi Lovato OK Not To Be OK
0%
Robbie Williams Old Before I Die
0%
Lil Nas X; Billy Ray Cyrus Old Town Road (feat. Billy Ray Cyrus)
0%
ArrDee | D'banj Oliver Twist
0%
USHER; will.i.am OMG (feat. will.i.am)
0%
Gabriella Cilmi On A Mission
0%
Kylie Minogue On a Night Like This
0%
SL2 On A Ragga Tip ‘97 (original Mix)
0%
templecloud One Big Family
0%
Cher One by One
0%
Charlie Puth One Call Away
0%
Elbow One Day Like This
0%
Big Country One Great Thing
0%
Calvin Harris; Dua Lipa One Kiss (with Dua Lipa)
0%
Sam Smith One Last Song
0%
The Human League One Man in My Heart
0%
Maroon 5 | Phil Collins One More Night
0%
Craig David | Rod Stewart One More Time
0%
MK; Sonny Fodera; Raphaella One Night (feat. Raphaella)
0%
M People One Night in Heaven
0%
Joan Osborne One Of Us
0%
Robert Miles; Maria Nayler; Robin Hancock One & One (feat. Maria Nayler)
0%
Post Malone; The Weeknd One Right Now (with The Weeknd)
0%
Diana Ross One Shining Moment
0%
S Club Juniors One Step Closer
0%
Keith Urban; P!nk One Too Many
0%
Jess Glynne; Jax Jones One Touch
0%
Limahl Only for Love
0%
Ben Howard Only Love
0%
Paloma Faith Only Love Can Hurt Like This
0%
Hyperlogic Only Me
0%
Scissor Sisters Only The Horses
0%
Ashanti; Caddillac Tah; Mercê; Ja Rule; Black Child Only U Remix
0%
Cheat Codes; Little Mix Only You (with Little Mix)
0%
Disciples | Ellie Goulding On My Mind
0%
Charlie Brown On My Way
0%
Bobby Brown On Our Own
0%
Tina Turner On Silent Wings
0%
Melanie C On The Horizon
0%
Martine McCutcheon On The Radio
0%
Blur On Your Own
0%
Gina G Ooh Aah (Just A Little Bit)
0%
Goldfrapp | The Wiseguys Ooh La La
0%
Daphne & Celeste Ooh Stick You
0%
Chip; Dyo Oopsy Daisy (feat. Dyo)
0%
Leftfield Open Up (Radio Edit)
0%
Snow Patrol Open Your Eyes
0%
Chiddy Bang Opposite of Adults
0%
Paula Abdul Opposites Attract
0%
Hue and Cry Ordinary Angel
0%
Sean Paul Other Side of Love
0%
Dermot Kennedy Outnumbered
0%
John Newman Out Of My Head
0%
GABRIELLE Out Of Reach
0%
Paul Weller Out Of The Sinking
0%
Uniting Nations Out of touch
0%
True Steppers; Dane Bowers; Victoria Beckham Out of Your Mind (feat. Victoria Beckham)
0%
Joel Corry; Jax Jones; Charli xcx; Saweetie OUT OUT (feat. Charli XCX & Saweetie)
0%
Esmée Denters Outta Here
0%
The Fray Over My Head (Cable Car)
0%
Mike + The Mechanics Over My Shoulder
0%
Calvin Harris; The Weeknd Over Now (with The Weeknd)
0%
Tim McGraw; Nelly Over & Over
0%
Britney Spears Overprotected
0%
Gary Moore Over The Hills And Far Away
0%
Eva Cassidy Over the Rainbow
0%
Justin Over You
0%
Stormzy; Burna Boy; Ed Sheeran Own It (feat. Ed Sheeran & Burna Boy)
0%
Eliza Doolittle Pack Up
0%
Steve Mac Paddy's Revenge
0%
Turin Brakes Painkiller
0%
Desiigner Panda
0%
Louise Pandora's Kiss
0%
Au/Ra; CamelPhat Panic Room
0%
Lil Nas X Panini
0%
MEDUZA; Dermot Kennedy Paradise (feat. Dermot Kennedy)
0%
Radiohead Paranoid Android
0%
The Art Of Noise; Max Headroom Paranoimia (feat. Max Headroom)
0%
Katy Perry Part Of Me
0%
Sean Kingston Party All Night (Sleep All Day)
0%
McFly | StaySolidRocky Party Girl
0%
911; Jon Douglas for First Avenue Management Party People... Friday Night
0%
Gat Decor Passion (Do You Want It Right Now)
0%
Amen UK Passion (Running Through My Veins) [UK Radio Edit]
0%
JP Cooper Passport Home
0%
Take That Patience
0%
KSI; YUNGBLUD; Polo G Patience (feat. YUNGBLUD & Polo G)
0%
Sharam PATT (Party All the Time)
0%
Justin Bieber; Daniel Caesar; GIVĒON Peaches (feat. Daniel Caesar & Giveon)
0%
Paul Weller Peacock Suit
0%
Galantis Peanut Butter Jelly
0%
Howard Jones Pearl In The Shell
0%
Underworld Pearls Girl (Tin There)
0%
Arrested Development; Speech People Everyday
0%
Cat Burns people pleaser
0%
The Beautiful South Perfect 10
0%
Bellefire Perfect Bliss
0%
Wyclef Jean; Hope Perfect Gentleman (feat. Hope)
0%
Martine McCutcheon Perfect Moment
0%
Jonas Blue; JP Cooper Perfect Strangers
0%
Terrorvision Perseverance
0%
Fireboy DML; Ed Sheeran Peru
0%
LL COOL J Phenomenon
0%
DJ Luck & MC Neat; DJ DEED Piano Loco
0%
Stereophonics Pick A Part That's New
0%
Paloma Faith Picking Up the Pieces
0%
Britney Spears Piece of Me
0%
Beverley Knight | Erma Franklin Piece of My Heart
0%
MEDUZA; Goodboys Piece Of Your Heart
0%
ZAYN PILLOWTALK
0%
Natalie Cole Pink Cadillac
0%
BLACKPINK Pink Venom
0%
Eric Prydz Pjanoo
0%
Martin Solveig; Ina Wroldsen Places
0%
DJ Quicksilver Planet Love
0%
Jax Jones; Olly Alexander (Years & Years) Play
0%
Björk Play Dead
0%
Safri Duo Played
0%
Vanilla Ice Play That Funky Music
0%
Train Play That Song
0%
K.W.S. Please Don't Go
0%
P!nk Please Don't Leave Me
0%
Olly Murs Please Don't Let Me Go
0%
UB40 Please Don't Make Me Cry
0%
Gabrielle Aplin Please Don't Say You Love Me
0%
James Morrison Please Don't Stop The Rain
0%
Cardi B; Bruno Mars Please Me
0%
Kylie Minogue Please Stay
0%
Lewis Capaldi Pointless
0%
DB Boulevard Point Of View
0%
Jonas Blue; Liam Payne; Lennon Stella Polaroid
0%
Rihanna Pon de Replay
0%
Moby Porcelain
0%
Ariana Grande positions
0%
Scooter Posse (I Need You on the Floor)
0%
Björk Possibly Maybe
0%
Sam Feldt; RANI Post Malone (feat. RANI)
0%
Calvin Harris; Dua Lipa; Young Thug Potion (with Dua Lipa & Young Thug)
0%
Doves Pounding
0%
Robbie Doherty; Keees. Pour the Milk
0%
Little Mix; Stormzy Power (feat. Stormzy)
0%
Eternal Power of a Woman
0%
Dermot Kennedy Power Over Me
0%
Lasgo | MC Hammer | Take That Pray
0%
Seal Prayer for the Dying
0%
Lilly Wood and The Prick; Robin Schulz Prayer in C
0%
The Weeknd; Kendrick Lamar Pray For Me (with Kendrick Lamar)
0%
Plan B Prayin'
0%
Calvin Harris; HAIM Pray to God (feat. HAIM)
0%
Depeche Mode Precious
0%
X Press 2; David Byrne
0%
Sunscreem Pressure US
0%
The Beautiful South Pretenders To The Throne
0%
Maggie Lindemann; Cheat Codes; CADE Pretty Girl
0%
Ultrabeat Pretty Green Eyes
0%
George Ezra Pretty Shining People
0%
MARINA Primadonna
0%
The Rapsody; Warren G; Sissel Prince Igor
0%
Coldplay; Rihanna Princess of China
0%
Miley Cyrus; Dua Lipa Prisoner (feat. Dua Lipa)
0%
911 Private Number
0%
Ariana Grande; Iggy Azalea Problem
0%
Tchami; Kaleem Taylor Promesses (feat. Kaleem Taylor)
0%
The Style Council Promised Land
0%
Calvin Harris; Sam Smith; Jessie Reyez Promises (with Sam Smith)
0%
Cheryl Promise This
0%
Pendulum Propane Nightmares
0%
Massive Attack; Tracey Thorn Protection
0%
Post Malone; Ty Dolla $ign Psycho (feat. Ty Dolla $ign)
0%
Supergrass Pumping On Your Stereo
0%
Danzel; DJ F.R.A.N.K Pump It Up 2K14
0%
Kate Nash Pumpkin Soup
0%
Technotronic; Felly Pump Up The Jam
0%
M/A/R/R/S Pump Up The Volume (7")
0%
All Saints Pure Shores
0%
D12 Purple Hills
0%
Nightcrawlers; MK Push The Feeling On
0%
D Mob; Nuff Juice Put Your Hands Together (feat. Nuff Juice)
0%
Fedde Le Grand Put Your Hands Up For Detroit
0%
Corinne Bailey Rae Put Your Records On
0%
Radiohead Pyramid Song
0%
Lighthouse Family; Tim Laws Question Of Faith
0%
Chris Brown | Lost Frequencies; James Arthur Questions
0%
Backstreet Boys Quit Playing Games (With My Heart)
0%
Florence + The Machine Rabbit Heart (Raise It Up)
0%
CamelPhat; Jem Cooke Rabbit Hole
0%
Slade Radio Wall Of Sound
0%
Kygo; Kodaline Raging (feat. Kodaline)
0%
Lighthouse Family Raincloud
0%
Sash!; Stunt Raindrops (Encore une fois, Pt. II) (feat. Stunt)
0%
The Alarm Rain In The Summertime
0%
Lady Gaga; Ariana Grande Rain On Me (with Ariana Grande)
0%
Duffy Rain On Your Parade
0%
Lil Tecca Ransom
0%
Polo G RAPSTAR
0%
Selena Gomez Rare
0%
Majestic; Boney M. Rasputin
0%
UB40 Rat In Mi Kitchen
0%
Chiddy Bang Ray Charles
0%
Perfecto Allstarz Reach Up (Papa's Got a Brand New Pig Bag)
0%
Jimmy Somerville Read My Lips
0%
The Killers Read My Mind
0%
Taylor Swift ...Ready For It?
0%
Hot Chip Ready For The Floor
0%
Gorgon City; MNEK Ready For Your Love
0%
Bridgit Mendler Ready or Not
0%
Mutya Buena Real Girl
0%
Duke Dumont; Gorgon City; NAATIONS; Tom & Collins Real Life
0%
Clean Bandit; Jess Glynne | Tom Odell Real Love
0%
KSI; Craig David; Digital Farm Animals Really Love (feat. Craig David & Digital Farm Animals)
0%
Jesus Jones Real Real Real
0%
Javine Real Things
0%
Basement Jaxx Red Alert
0%
David Sylvian Red Guitar
0%
Jackie Wilson Reet Petite
0%
RAYE; Rudimental Regardless
0%
CNCO; Little Mix Reggaetón Lento (Remix)
0%
New Order Regret
0%
Agnes Release Me
0%
Sebastian Ingrosso; Tommy Trash; John Martin Reload
0%
Wiley; Chip Reload (feat. Chip)
0%
Little Boots Remedy
0%
Becky Hill; David Guetta Remember
0%
Blue Boy; Sure Is Pure Remember Me
0%
Jessie Ware Remember Where You Are
0%
Tom Grennan Remind Me
0%
M People Renaissance
0%
Wildchild Renegade Master
0%
The Kane Gang Respect Yourself
0%
Mikhail Pelevin Resurection
0%
Enigma Return To Innocence
0%
Devlin; Diane Birch | Precious Rewind
0%
SNAP! Rhythm Is A Dancer
0%
Gwen Stefani; Eve Rich Girl
0%
Goldfrapp Ride a White Horse
0%
East Side Beat Ride Like The Wind
0%
Nelly; City Spud Ride Wit Me
0%
Sophie B. Hawkins Right Beside You
0%
Jam & Spoon; PLAVKA Right in the Night (Fall in Love with Music)
0%
Akon Right Now (Na Na Na)
0%
Flo Rida; Kesha Right Round (feat. Ke$ha)
0%
Jax Jones; Mabel; Rich The Kid Ring Ring (feat. Mabel & Rich The Kid)
0%
De La Soul Ring Ring Ring
0%
Rita Ora; Tinie Tempah R.I.P. (feat. Tinie Tempah)
0%
Vance Joy Riptide
0%
Climie Fisher Rise to the Occasion
0%
Tiësto; Jonas Blue; Rita Ora Ritual
0%
Sidney Samson; Wizard Sleeve Riverside (Let's Go!) (feat. Wizard Sleeve)
0%
Catatonia Road Rage
0%
Meat Loaf Rock And Roll Dreams Come Through
0%
Haddaway Rock My Heart
0%
Post Malone; 21 Savage rockstar (feat. 21 Savage)
0%
DaBaby; Roddy Ricch ROCKSTAR (feat. Roddy Ricch)
0%
All Saints Rock Steady
0%
Aaliyah Rock The Boat
0%
Ashanti Rock Wit U (Awww Baby)
0%
M.V.P. Roc Ya Body "Mic Check 1, 2"
0%
Del Amitri Roll To Me
0%
Basement Jaxx Romeo
0%
Living In A Box Room in Your Heart
0%
Stevie Nicks Rooms on Fire
0%
SAINt JHN | The Chainsmokers; ROZES Roses
0%
Jaki Graham Round and Around
0%
S1mba; DTG Rover (feat. DTG)
0%
Conor Maynard R U Crazy
0%
Rihanna Rude Boy
0%
Zara Larsson Ruin My Life
0%
Take That | The Wanted Rule The World
0%
Lizzo; Cardi B Rumors (feat. Cardi B)
0%
Galantis Runaway (U & I)
0%
Matt Cardle Run for Your Life
0%
The Script Run Through Walls
0%
Rage Run To You
0%
Major Lazer; PARTYNEXTDOOR; Nicki Minaj Run Up (feat. PARTYNEXTDOOR & Nicki Minaj)
0%
Darius Rushes
0%
Jane Wiedlin Rush Hour
0%
Paula Abdul Rush Rush
0%
One True Voice Sacred Trust
0%
Enigma Sadeness
0%
Urban Cookie Collective Sail Away
0%
Orchestral Manoeuvres In The Dark Sailing On The Seven Seas
0%
Chicane; Moya Brennan | Julian Lennon Saltwater
0%
Little Mix Salute
0%
Bellini Samba De Janeiro
0%
The View Same Jeans
0%
Jawsh 685; Jason Derulo Savage Love (Laxed
0%
Jessie Ware Save A Kiss
0%
Shut Up and Dance Save It Till the Mourning After
0%
Eternal Save Our Love
0%
Vanessa Williams Save The Best For Last
0%
Swedish House Mafia Save The World
0%
Fleur East Sax
0%
S Club Say Goodbye
0%
Christina Milian; Jeezy Say I
0%
Jermaine Stewart | Precious Say It Again
0%
Nelly Furtado Say It Right
0%
Example Say Nothing
0%
Doja Cat Say So
0%
A Great Big World; Christina Aguilera | Karen Harding Say Something
0%
Justin Timberlake; Chris Stapleton Say Something (feat. Chris Stapleton)
0%
Texas Say What You Want
0%
Sigala; Imani Williams; DJ Fresh Say You Do (feat. Imani Williams & DJ Fresh)
0%
Steps Say You'll Be Mine
0%
James Arthur Say You Won't Let Go
0%
Martin Garrix; Dua Lipa Scared to Be Lonely
0%
Richard Ashcroft Science Of Silence
0%
S Club S Club Party
0%
Fun Lovin' Criminals Scooby Snacks
0%
Geri Halliwell Scream If You Wanna Go Faster
0%
China Black Searching
0%
Pet Shop Boys Se a Vida E (That's the Way Life Is)
0%
Ben Haenow; Kelly Clarkson Second Hand Heart (feat. Kelly Clarkson)
0%
T'Pau Secret Garden
0%
Little Mix; Jason Derulo Secret Love Song (feat. Jason Derulo)
0%
Regard; RAYE Secrets
0%
Semisonic Secret Smile
0%
Jamelia See It in a Boy's Eyes
0%
Wes Nelson; Hardy Caprio See Nobody
0%
Girls Aloud See The Day
0%
Atomic Kitten; Cutfather; Joe for XL Talent Partnership See Ya
0%
Wiz Khalifa; Charlie Puth See You Again (feat. Charlie Puth)
0%
The Chainsmokers #SELFIE
0%
The Shapeshifters Sensitivity
0%
JP Cooper September Song
0%
P.M. Dawn Set Adrift on Memory Bliss (Re
0%
Adele Set Fire to the Rain
0%
BBE Seven Days and One Week
0%
Marcus Collins Seven Nation Army
0%
The Feeling Sewn
0%
Tom Jones; Mousse T. Sexbomb
0%
Eurythmics Sexcrime (Nineteen Eighty
0%
NEIKED; Dyo Sexual
0%
David Guetta; Akon Sexy Chick (feat. Akon)
0%
Girls Aloud Sexy! No No No...
0%
Mary Mary Shackles (Praise You)
0%
Florence + The Machine Shake It Out
0%
One True Voice Shakespeare's (Way With) Words
0%
SHY FX; T. Power; Di Shake Ur Body (feat. Di)
0%
Was (Not Was) Shake Your Head (Let's Go To Bed)
0%
Vengaboys Shalala Lala
0%
Lady Gaga; Bradley Cooper Shallow
0%
Gary Barlow; Robbie Williams Shame
0%
Backstreet Boys Shape of My Heart
0%
Ronan Keating She Believes (In Me)
0%
Steevy Cruz Shed a Light
0%
Sean Paul She Doesn't Mind
0%
Chaka Demus & Pliers She Don't Let Nobody
0%
Puddle Of Mudd She Hates Me
0%
Robert Palmer She Makes My Day
0%
The Kooks She Moves In Her Own Way
0%
Plan B She Said
0%
Fyfe Dangerfield She's Always A Woman
0%
Simple Minds She's A River
0%
James She's A Star
0%
Scritti Politti; Shabba Ranks She's A Woman (feat. Shabba Ranks)
0%
R. Kelly; Public Announcement She's Got That Vibe
0%
5 Seconds of Summer She's Kinda Hot
0%
Taio Cruz She's Like A Star
0%
Robbie Williams; Pet Shop Boys She's Madonna
0%
Scissor Sisters She's My Man
0%
Cliff Richard She's So Beautiful
0%
Scouting For Girls She's So Lovely
0%
Robbie Williams She's The One
0%
N.E.R.D She Wants To Move
0%
Maroon 5 She Will Be Loved
0%
Shakira She Wolf
0%
David Guetta; Sia She Wolf (Falling to Pieces) [feat. Sia]
0%
Bryan Adams | McFly; Taio Cruz Shine A Light
0%
Degrees Of Motion | The House of Love Shine On
0%
INXS Shining Star
0%
Florence + The Machine Ship To Wreck
0%
Liam Gallagher Shockwave
0%
Flip & Fill; Karen Parry Shooting Star
0%
D:Ream Shoot Me With Your Love
0%
Beverley Knight Shoulda Woulda Coulda
0%
GABRIELLE Should I Stay
0%
The Clash Should I Stay or Should I Go
0%
Mel & Kim Showing Out (Get Fresh At the Weekend)
0%
Robin S | Sam Feldt; Kimberly Anne Show Me Love
0%
The Wanted Show Me Love (America)
0%
Steve Angello; Laidback Luke; Robin S Show Me Love (feat. Robin S)
0%
Backstreet Boys Show Me the Meaning of Being Lonely
0%
Architechs; Nay Nay Show Me The Money
0%
Bastille Shut Off The Lights
0%
The Ting Tings Shut Up and Let Me Go
0%
Travis Scott SICKO MODE
0%
D side
0%
Ariana Grande; Nicki Minaj Side To Side
0%
M People Sight for Sore Eyes
0%
Snow Patrol Signal Fire
0%
Marshmello; Khalid Silence
0%
Delerium; Sarah McLachlan Silence (feat. Sarah McLachlan)
0%
Starsailor Silence Is Easy
0%
Trey Songz Simply Amazing
0%
Pete Wylie & The Mighty WAH! Sinful (Tribal Music)
0%
Mint Royale Singin' in the Rain
0%
Moloko Sing It Back
0%
UB40 Sing Our Own Song
0%
James Sit Down
0%
Lene Marlin Sitting Down Here
0%
Ellie Goulding Sixteen
0%
Bruno Mars; Anderson .Paak; Silk Sonic Skate
0%
Rag'n'Bone Man | Sabrina Carpenter Skin
0%
Birdy Skinny Love
0%
Busted Sleeping With The Light On
0%
Miley Cyrus Slide Away
0%
Calvin Harris; Frank Ocean; Migos Slide (feat. Frank Ocean & Migos)
0%
The Bluetones Slight Return
0%
Bobby V. Slow Down
0%
Niall Horan Slow Hands
0%
The Killers Smile Like You Mean It
0%
Gnarls Barkley Smiley Faces
0%
Editors Smokers Outside The Hospital Doors
0%
Warren G; Ronald Isley Smokin' Me Out
0%
Bruno Mars; Anderson .Paak; Silk Sonic Smokin Out The Window
0%
Rosa Linn SNAP
0%
Sheryl Crow Soak Up The Sun
0%
P!nk Sober
0%
The Communards So Cold the Night
0%
Raghav So Confused
0%
Tough Love So Freakin' Tight
0%
B.o.B | Eternal | Louisa Johnson | Rachel Stevens So Good
0%
Chris Malinchak So Good to Me
0%
Pet Shop Boys So Hard
0%
Bloc Party So Here We Are
0%
MIST; Fredo So High (feat. Fredo)
0%
Sophie Lennon Solas
0%
Iyaz Solo
0%
Martin Jensen Solo Dance
0%
Clean Bandit; Demi Lovato Solo (feat. Demi Lovato)
0%
Jakatta So Lonely
0%
Erasure Solsbury Hill
0%
Boogie Pimps; Saltshaker Somebody to Love (Salt Shaker Remix)
0%
The Vamps Somebody To You
0%
Eternal | Nickelback Someday
0%
Oasis Some Might Say
0%
fun. Some Nights
0%
Atomic Kitten Someone Like Me
0%
Lutricia McNeal Someone Loves You Honey
0%
Hozier Someone New
0%
Robbie Williams Something Beautiful
0%
Pulp Something Changed
0%
MOUNT & Nicolas Haelg | Utah Saints Something Good
0%
Utah Saints Something Good '08
0%
Simply Red Something Got Me Started
0%
Phil Collins Something Happened on the Way to Heaven
0%
Ben Haenow Something I Need
0%
The Chainsmokers; Coldplay Something Just Like This
0%
Girls Aloud Something New
0%
Todd Terry Something's Going On
0%
Marc Almond; Gene Pitney Something's Gotten Hold of My Heart
0%
Dermot Kennedy Something to Someone
0%
Robbie Williams; Nicole Kidman Somethin' Stupid
0%
U2 Sometimes You Can't Make It On Your Own
0%
Freeloaders; The Real Thing So Much Love To Give
0%
Lisa Stansfield So Natural
0%
Liberty X Song 4 Lovers
0%
Groove Armada Song 4 Mutya (Out Of Control)
0%
Oasis Songbird
0%
X Sonic
0%
Westworld Sonic Boom Boy
0%
Klangkarussell; Will Heard Sonnentanz
0%
JX Son of a Gun
0%
Demi Lovato Sorry Not Sorry
0%
McFly Sorry's Not Good Enough
0%
Pulp Sorted For E's & Wizz
0%
Avicii; Aloe Blacc SOS (feat. Aloe Blacc)
0%
Portishead Sour Times
0%
Ed Sheeran; Camila Cabello; Cardi B South of the Border (feat. Camila Cabello & Cardi B)
0%
Damage So What If I?
0%
Tinchy Stryder; Dappy Spaceship
0%
Cover Drive Sparks
0%
Emeli Sandé Sparrow
0%
Massive Attack; Sinéad O'Connor Special Cases
0%
Florence + The Machine; Calvin Harris Spectrum (Say My Name)
0%
Coldplay Speed of Sound
0%
Spice Girls Spice Up Your Life
0%
George Michael Spinning the Wheel
0%
Keane Spiralling
0%
Joss Stone Spoiled
0%
T Spoon
0%
Jennifer Hudson Spotlight
0%
Fountains Of Wayne Stacy's Mom
0%
Jeremy Healy; Amos Stamp!
0%
Lawson Standing In The Dark
0%
Gossip Standing In the Way of Control
0%
The Weeknd; Daft Punk Starboy
0%
U2 Staring At The Sun
0%
George Michael Star People
0%
3OH!3; Katy Perry; Matt Squire STARSTRUKK (feat. Katy Perry)
0%
Hailee Steinfeld; Grey; Zedd Starving
0%
Lil Nas X STAR WALKIN' (League of Legends Worlds Anthem)
0%
East 17 Stay Another Day
0%
David Guetta; RAYE Stay (Don't Go Away) [feat. Raye]
0%
Kygo; Maty Noyes Stay (feat. Maty Noyes)
0%
Tove Lo; Hippie Sabotage Stay High
0%
Five Star Stay Out of My Life
0%
Sigala; Talia Mar Stay the Night
0%
GABRIELLE Stay The Same
0%
Plan B Stay Too Long
0%
Zedd; Alessia Cara Stay (with Alessia Cara)
0%
The Kid LAROI; Justin Bieber STAY (with Justin Bieber)
0%
Ironik; Alex Sparks Stay with Me (Everybody's Free)
0%
Calvin Harris; Justin Timberlake; Halsey; Pharrell Williams Stay With Me (with Justin Timberlake, Halsey, & Pharrell)
0%
One Direction Steal My Girl
0%
KALUSH; Kalush Orchestra Stefania (Kalush Orchestra)
0%
Kylie Minogue Step Back in Time
0%
Stereo MC's Step It Up
0%
Happy Mondays Step On
0%
Duffy Stepping Stone
0%
Gym Class Heroes; Adam Levine Stereo Hearts (feat. Adam Levine)
0%
Edward Maya; Vika Jigulina Stereo Love
0%
Olly Murs Stevie Knows
0%
Damage Still Be Lovin' You
0%
Ellie Goulding Still Falling For You
0%
Jay Sean Stolen
0%
Jack Jefferson Stole the Show
0%
Chicane; Tom Jones Stoned In Love
0%
OneRepublic Stop And Stare
0%
David Sneddon Stop Living The Lie
0%
Mark Ronson; Daniel Merriweather Stop Me (feat. Daniel Merriweather)
0%
Celeste Stop This Flame
0%
Kristian Leontiou Story Of My Life
0%
One Direction Story of My Life
0%
Chanté Moore | Paula Abdul Straight Up
0%
Lutricia McNeal Stranded
0%
Sigrid Strangers
0%
Candy flip Strawberry Fields Forever
0%
Beenie Man Street Life
0%
Radiohead Street Spirit (Fade Out)
0%
Double Trouble; Rebel MC Street Tuff
0%
Twenty One Pilots Stressed Out
0%
Young T & Bugsey; Aitch Strike a Pose (feat. Aitch)
0%
Soul Central; Kathy Brown Strings Of Life (Stronger On My Own) [feat. Kathy Brown]
0%
Cliff Richard Stronger Than That
0%
Stacie Orrico Stuck
0%
U2 Stuck In A Moment You Can't Get Out Of
0%
Louise Stuck in the Middle with You
0%
PJ & Duncan Stuck On U
0%
Shontelle; Akon Stuck With Each Other
0%
Huey Lewis & The News Stuck With You
0%
Lady Gaga Stupid Love
0%
Joe Stutter
0%
Sigrid Sucker Punch
0%
KT Tunstall Suddenly I See
0%
Then Jerico; Mike Shipley Sugar Box
0%
Robin Schulz; Francesco Yates Sugar (feat. Francesco Yates)
0%
Flo Rida; Wynter Gordon Sugar (feat. Wynter)
0%
Marillion Sugar Mice
0%
INXS Suicide Blonde
0%
Martin Garrix; Macklemore; Fall Out Boy Summer Days (feat. Macklemore & Patrick Stump of Fall Out Boy)
0%
HAIM Summer Girl
0%
KSI Summer Is Over
0%
Lonyo Summer Of Love
0%
Shawn Mendes; Tainy Summer of Love (Shawn Mendes & Tainy)
0%
Simple Plan; Sean Paul Summer Paradise (feat. Sean Paul)
0%
Belinda Carlisle Summer Rain
0%
Texas Summer Son
0%
Lana Del Rey; Cedric Gervais Summertime Sadness [Lana Del Rey vs. Cedric Gervais]
0%
Dario G Sunchyme
0%
Rudimental; James Arthur Sun Comes Up (feat. James Arthur)
0%
S Club 8 Sundown
0%
Paul Weller Sunflower
0%
Supergrass Sun Hits The Sky
0%
Bob Marley & The Wailers; Funkstar De Luxe Sun Is Shining (Bob Marley Vs. Funkstar De Luxe)
0%
INNA Sun Is Up
0%
DJ Sammy Sunlight
0%
The Magician; Olly Alexander (Years & Years) Sunlight (feat. Years & Years)
0%
Norah Jones Sunrise
0%
Heaven 17 Sunset Now
0%
GABRIELLE | Liam Payne | Umboza Sunshine
0%
Berri Sunshine After The Rain
0%
TIEKS; Dan Harkna Sunshine (feat. Dan Harkna)
0%
Zoe Mazah Sunshine on a Rainy Day
0%
BENEE; Gus Dapperton Supalonely
0%
Joss Stone Super Duper Love
0%
BeatFreakz Superfreak
0%
The Script Superheroes
0%
Ambassadors of Funk; MC Mario Super Mario Land
0%
Måneskin SUPERMODEL
0%
Mr Hudson; Kanye West Supernova
0%
Groove Armada Superstylin'
0%
Take That Sure
0%
Natalie Taylor Surrender
0%
Javine Surrender (Your Love)
0%
Destiny's Child Survivor
0%
The Art Company Susanna
0%
Rak Su; Wyclef Jean; Naughty Boy
0%
Jason Derulo; Nicki Minaj; Ty Dolla $ign Swalla (feat. Nicki Minaj & Ty Dolla $ign)
0%
Dua Lipa Swan Song
0%
Snoop Dogg; David Guetta; Giorgio Tuinfort; Frédéric Riesterer Sweat
0%
Inner Circle Sweat (A La La La La Long)
0%
Gabriella Cilmi Sweet About Me
0%
The Temper Trap Sweet Disposition
0%
Rachel Stevens Sweet Dreams My LA Ex
0%
U2 Sweetest Thing
0%
The Beloved Sweet Harmony
0%
Wilkinson; Karen Harding Sweet Lies
0%
Shanks & Bigfoot Sweet Like Chocolate (Radio Edit)
0%
Wet Wet Wet Sweet Little Mystery
0%
Fierce; Stargate Sweet Love
0%
Sigala; Bryn Christopher Sweet Lovin'
0%
Deep Forest Sweet Lullaby
0%
Little Mix Sweet Melody
0%
Michelle Gayle Sweetness
0%
Calvin Harris; Florence Welch Sweet Nothing (feat. Florence Welch)
0%
C.J. Lewis Sweets For My Sweet
0%
Wet Wet Wet Sweet Surrender
0%
Olly Alexander (Years & Years); Galantis Sweet Talker
0%
Ladysmith Black Mambazo Swing Low Sweet Chariot
0%
Jive Bunny and the Mastermixers Swing The Mood
0%
Katy Perry; Nicki Minaj Swish Swish
0%
Will Smith Switch
0%
Will Young Switch It On
0%
Passenger Sword from the Stone
0%
Yomanda Synth & Strings
0%
Rihanna Take A Bow
0%
Erasure Take a Chance On Me
0%
JLS Take a Chance on Me
0%
Snow Patrol Take Back The City
0%
Drake; Rihanna Take Care
0%
Amerie Take Control
0%
4 Strings Take Me Away (Into The Night)
0%
Tinchy Stryder; Taio Cruz Take Me Back Remix
0%
Jess Glynne Take Me Home
0%
Cash Cash; Bebe Rexha Take Me Home (feat. Bebe Rexha)
0%
Franz Ferdinand Take Me Out
0%
LMC; U2 Take Me To The Clouds Above
0%
Richard Marx Take This Heart
0%
Jason Derulo Take You Dancing
0%
Lawson Taking Over Me
0%
DJ Snake; Selena Gomez; Ozuna; Cardi B Taki Taki (with Selena Gomez, Ozuna & Cardi B)
0%
Coldplay | Khalid; Disclosure Talk
0%
Rain Radio; DJ Craig Gorman Talk About
0%
Jason Derulo; 2 Chainz Talk Dirty (feat. 2 Chainz)
0%
Tove Lo Talking Body
0%
Electribe 101 Talking with Myself (7 Frankie Knuckles Mix)
0%
Nick Brewer; Bibi Bourelly Talk To Me
0%
Jordin Sparks Tattoo
0%
Rihanna Te Amo
0%
Amy Winehouse Tears Dry On Their Own
0%
Clean Bandit; Louisa Johnson Tears (feat. Louisa Johnson)
0%
Chaka Demus & Pliers Tease Me
0%
Wheatus Teenage Dirtbag
0%
Credit to the Nation Teenage Sensation
0%
Mis Teeq
0%
Kelly Llorenna | MEDUZA; Hozier Tell It To My Heart
0%
Mel B Tell Me
0%
Sham Rock Tell Me Ma
0%
The Human League Tell Me When
0%
Supermode Tell Me Why
0%
Demi Lovato Tell Me You Love Me
0%
Blur Tender
0%
Arrested Development Tennessee
0%
Kingmaker Ten Years Asleep
0%
Jax Jones; Martin Solveig; RAYE; Europa Tequila
0%
Terrorvision; Mint Royale Tequila (Mint Royale Shot)
0%
Orchestral Manoeuvres In The Dark Tesla Girls
0%
Tinie Tempah; Tinashe Text from Your Ex (feat. Tinashe)
0%
Maxi Priest; Shaggy That Girl
0%
will.i.am; Justin Bieber #thatPOWER
0%
Fifth Harmony That's My Girl
0%
Mel & Kim That's the Way It Is
0%
Bruno Mars; Alan Walker That's What I Like
0%
Lil Nas X THATS WHAT I WANT
0%
Space The Ballad of Tom Jones
0%
Cliff Richard The Best of Me
0%
The Bucketheads; Kenny Dope The Bomb! (These Sounds Fall Into My Mind)
0%
Don Henley The Boys Of Summer
0%
DJ Sammy The Boys of Summer (Radio Version)
0%
Tiësto The Business
0%
Mumford & Sons The Cave
0%
Katie Melua The Closest Thing to Crazy
0%
JLS The Club Is Alive
0%
Camille Jones; Fedde Le Grand The Creeps
0%
Freaks The Creeps (You're Giving Me)
0%
Lady Gaga The Cure
0%
Just Jack The Day I Died
0%
Marc Almond The Days of Pearly Spencer
0%
Ocean Colour Scene The Day We Caught The Train
0%
911 The Day We Find Love
0%
The Verve The Drugs Don't Work
0%
Lady Gaga The Edge Of Glory
0%
Wham! The Edge of Heaven
0%
99 Souls The Girl Is Mine
0%
Sia; Kendrick Lamar The Greatest (feat. Kendrick Lamar)
0%
Hugh Jackman; Keala Settle; Zac Efron; Zendaya; The Greatest Showman Ensemble The Greatest Show
0%
Brother Beyond The Harder I Try
0%
McFly The Heart Never Lies
0%
The Weeknd The Hills
0%
Oasis The Importance Of Being Idle
0%
Alisha's Attic The Incidentals
0%
Jack 'N' Chill The Jack That House Built
0%
Steve Miller Band The Joker
0%
Ed Sheeran; Taylor Swift The Joker And The Queen (feat. Taylor Swift)
0%
911 The Journey
0%
Mark Brown; Sarah Cracknell The Journey Continues
0%
Las Kala The Ketchup Song (Hey Hah)
0%
Morrissey The Last of the Famous International Playboys
0%
DJ Jean The Launch
0%
RAYE The Line
0%
Måneskin THE LONELIEST
0%
Ronan Keating The Long Goodbye
0%
West End; Sybil The Love I Lost (feat. Sybil)
0%
Girls Aloud The Loving Kind
0%
Nevada; Mark Morrison; Fetty Wap The Mack
0%
The Script The Man Who Can't Be Moved
0%
S'Express Theme from "S'Express"
0%
Zedd; Maren Morris; Grey The Middle
0%
Tiësto; Ava Max The Motto
0%
David Gray The One I Love
0%
Bryan Adams The Only Thing That Looks Good On Me Is You
0%
Joe Stone; Montell Jordan The Party (This Is How We Do It)
0%
James Brown The Payback
0%
Dina Carroll The Perfect Year
0%
Yello The Race
0%
2 Unlimited | Jellybean The Real Thing
0%
Hoobastank The Reason
0%
Billie Eilish Therefore I Am
0%
Martin Garrix; Troye Sivan There for You
0%
Taio Cruz | The La's There She Goes
0%
The Communards There's More to Love (Than Boy Meets Girl)
0%
Shawn Mendes There's Nothing Holdin' Me Back
0%
JX There's Nothing I Won't Do
0%
Corona The Rhythm of the Night
0%
Ocean Colour Scene The Riverboat Song
0%
Fatboy Slim The Rockafeller Skank
0%
Westlife The Rose
0%
Orbital The Saint
0%
Dru Hill These Are The Times
0%
Danny Wilson The Second Summer of Love
0%
Kim Wilde The Second Time
0%
Take That These Days
0%
Rudimental; Jess Glynne; Macklemore; Dan Caplen These Days (feat. Jess Glynne, Macklemore & Dan Caplen)
0%
Heart These Dreams
0%
Kate Bush The Sensual World
0%
Natasha Bedingfield These Words
0%
The Damned The Shadow Of Love
0%
R.E.M. The Sidewinder Sleeps Tonite
0%
Atomic Kitten The Tide Is High
0%
Black Eyed Peas The Time (Dirty Bit)
0%
Moloko The Time Is Now
0%
Go West The Tracks of My Tears
0%
Fat Boys The Twist (Yo, Twist!) (feat. Chubby Checker)
0%
The Time Frequency The Ultimate High
0%
U2 The Unforgettable Fire
0%
Blur The Universal
0%
Timbaland; Keri Hilson; D.O.E. The Way I Are
0%
Lemar The Way Love Goes
0%
Divine Inspiration The Way (Put Your Hand In My Hand)
0%
Hear'Say The Way To Your Love
0%
Ronan Keating; Bryan Adams The Way You Make Me Feel
0%
E.Y.C. The Way You Work It
0%
Paul Hardcastle The Wizard
0%
R. Kelly The World's Greatest
0%
Little Jackie The World Should Revolve Around Me
0%
Gwen Guthrie (They Long To Be) Close To You
0%
D:Ream Things Can Only Get Better
0%
Little Mix; Ty Dolla $ign Think About Us (feat. Ty Dolla $ign)
0%
The Housemartins Think For A Minute
0%
Calvin Harris; Ayah Marar Thinking About You (feat. Ayah Marar)
0%
Liberty X Thinking It Over
0%
Olly Murs Thinking of Me
0%
Whigfield Think of You
0%
Scouting For Girls This Ain't a Love Song
0%
Fall Out Boy This Ain't A Scene, It's An Arms Race
0%
M.C.B.; Daisy Dee This Beat Is Technotronic
0%
Sam Fischer This City
0%
Sting This Cowboy Song
0%
Levellers This Garden
0%
Kungs; Cookin' On 3 Burners This Girl (Kungs Vs. Cookin' On 3 Burners)
0%
Alison Moyet This House
0%
Pulp This Is Hardcore
0%
Inspiral Carpets This Is How It Feels
0%
Montell Jordan; Wino This Is How We Do It
0%
will.i.am; Eva Simons This Is Love
0%
Keala Settle; The Greatest Showman Ensemble This Is Me
0%
Jax Jones; Ella Henderson This Is Real (ft. Ella Henderson)
0%
Keane This Is The Last Time
0%
Amy Macdonald This Is The Life
0%
Richard Darbyshire This I Swear
0%
Armin van Buuren; Trevor Guthrie This Is What It Feels Like
0%
David Guetta; Zara Larsson This One's for You (feat. Zara Larsson) (Official Song UEFA EURO 2016)
0%
Dina Carroll This Time
0%
Niall Horan This Town
0%
Fall Out Boy Thnks fr th Mmrs
0%
JCY; Sisqo Thong Song (feat. Sisqo)
0%
The Kid LAROI THOUSAND MILES
0%
Baddiel, Skinner & Lightning Seeds Three Lions '98
0%
Paolo Nutini Through The Echoes
0%
Kanye West Through The Wire
0%
Thirteen Senses Thru The Glass
0%
Busted Thunderbirds Are Go
0%
Sia; Diplo; Labrinth; LSD Thunderclouds (feat. Sia, Diplo, and Labrinth)
0%
Clean Bandit; Mabel; 24kGoldn Tick Tock (feat. 24kGoldn)
0%
Christine and the Queens Tilted
0%
Pitbull; Kesha Timber
0%
Alicia Keys Time Machine
0%
Fuse ODG; Angel T.I.N.A.
0%
Ironik; Chip; Elton John Tiny Dancer (Hold Me Closer) (feat. Chipmunk and Elton John)
0%
Janet Jackson; Joni Mitchell; Q Tip
0%
Busta Rhymes; Q Tip; Kanye West; Lil Wayne
0%
Jason Derulo; French Montana Tip Toe (feat. French Montana)
0%
Enrique Iglesias Tired Of Being Sorry
0%
David Guetta; Sia Titanium (feat. Sia)
0%
Masters At Work To Be In Love
0%
Mr. Big To Be With You
0%
Fragma; Jerome Robins Toca Me
0%
Fragma; Inpetto Toca's Miracle
0%
Sam Smith; Madism To Die For
0%
Alesha Dixon To Love Again
0%
Jimmy Somerville To Love Somebody
0%
Tongue N Cheek Tomorrow
0%
Sheryl Crow Tomorrow Never Dies
0%
DNA; Suzanne Vega; Neal Slateford; Nick Batt Tom's Diner
0%
Disclosure; Eko Roosevelt Tondo
0%
Enrique Iglesias; Ludacris; DJ Frank E Tonight (I'm Lovin' You)
0%
Celeste Tonight Tonight
0%
Alex Clare Too Close
0%
George Michael Too Funky
0%
Sam Smith Too Good At Goodbyes
0%
Amazulu Too Good To Be Forgotten
0%
JoJo Too Little Too Late
0%
220 KID; JC Stewart Too Many Nights (with JC Stewart)
0%
Cathy Dennis Too Many Walls
0%
Brian May | Queen Too Much Love Will Kill You
0%
Little Angels Too Much Too Young
0%
The 1975 TOOTIMETOOTIMETOOTIME
0%
Jamiroquai Too Young to Die
0%
Natalie Imbruglia Torn
0%
Busta Rhymes Touch It
0%
Mariah Carey Touch My Body
0%
The Mission Tower Of Strength
0%
Level 42 Tracie
0%
James Arthur Train Wreck
0%
Olivia Rodrigo traitor
0%
Wretch 32; L Traktor (feat. L)
0%
N Trance
0%
N Trance; Ricardo Da Force
0%
N Trance; Rob Searle
0%
N Trance; Rod Stewart
0%
The Killers; Lou Reed Tranquilize
0%
Fetty Wap Trap Queen
0%
Suede Trash
0%
Bruno Mars Treasure
0%
Rest Assured Treat Infamy
0%
Zoe Birkett Treat Me Like A Lady
0%
Kelis Trick Me
0%
Robbie Williams Tripping
0%
Olly Murs; Flo Rida Troublemaker (feat. Flo Rida)
0%
New Order True Faith '94
0%
Jaimeson; Angel Blu True (feat. Angel Blu)
0%
P!nk; Lily Allen True Love (feat. Lily Allen)
0%
Flip & Fill; Kelly Llorenna True Love Never Dies
0%
Cascada Truly Madly Deeply
0%
Aaliyah Try Again
0%
Corona Try Me Out
0%
DVBBS; Borgeous; Tinie Tempah; Lookas; HLTR$KLTR Tsunami (Jump) (feat. Tinie Tempah)
0%
Feeder Tumble and Fall
0%
Phats & Small Turn Around (Hey What's Wrong With You)
0%
Johnny Hates Jazz Turn Back The Clock
0%
Aqua | Sub Focus Turn Back Time
0%
Alena Turn It Around
0%
Riton; Oliver Heldens; Vula Turn Me On (feat. Vula)
0%
Nelly Furtado Turn Off The Light
0%
KDA; Katy B; Tinie Tempah Turn the Music Louder (Rumble) (feat. Tinie Tempah)
0%
Chris Brown Turn Up the Music
0%
Billie Eilish TV
0%
Cover Drive Twilight
0%
2 Unlimited Twilight Zone
0%
Chaka Demus & Pliers; Jack Radics; The Taxi Gang Twist And Shout
0%
Spin Doctors Two Princes
0%
N Tyce
0%
Royal Blood Typhoons
0%
Armand Van Helden; Duane Harden U Don't Know Me (feat. Duane Harden)
0%
Sugababes Ugly
0%
G.R.L. Ugly Heart
0%
Cappella U got 2 know
0%
Cappella U Got 2 Let The Music
0%
Blue U Make Me Wanna
0%
Cappella U & Me
0%
The Righteous Brothers Unchained Melody
0%
Joe Cocker Unchain My Heart
0%
Vengaboys Uncle John From Jamaica
0%
Madness Uncle Sam
0%
Calvin Harris; Alesso; Hurts Under Control (feat. Hurts)
0%
Jedward; Vanilla Ice Under Pressure (Ice Ice Baby) (feat. Vanilla Ice)
0%
All Saints; Nelle Hooper Under the Bridge
0%
Cheryl Under The Sun
0%
Amy Studt Under The Thumb
0%
Louise Undivided Love
0%
Rihanna Unfaithful
0%
Massive Attack; Shara Nelson Unfinished Sympathy
0%
French Montana; Swae Lee Unforgettable
0%
Sam Smith; Kim Petras Unholy (feat. Kim Petras)
0%
Joe; G Unit
0%
Sisqo; Beanie Sigel Unleash The Dragon
0%
Wretch 32; Example Unorthodox (feat. Example)
0%
Olly Murs Unpredictable
0%
Chip; Esmée Denters Until You Were Gone (feat. Esmee Denters)
0%
Vengaboys Up & Down
0%
Shara Nelson Uptight
0%
Mark Ronson; Bruno Mars Uptown Funk (feat. Bruno Mars)
0%
Coldplay Up&Up
0%
D:Ream U R The Best Thing
0%
Strike U Sure Do (Strike 7" Mix)
0%
P!nk U + Ur Hand
0%
T'Pau Valentine
0%
Mark Ronson; Amy Winehouse Valerie (feat. Amy Winehouse)
0%
Paula Abdul Vibeology
0%
Paul Weller Village
0%
Fat Les Vindaloo
0%
Hue and Cry Violently
0%
Björk Violently Happy
0%
Coldplay Violet Hill
0%
Jamiroquai Virtual Insanity
0%
Lolly Viva La Radio
0%
Tom Walker Wait for You
0%
Rudimental; Ella Eyre Waiting All Night (feat. Ella Eyre)
0%
Avicii Waiting For Love
0%
Madness (Waiting For The) Ghost Train
0%
Rixton Wait On Me
0%
Hilary Duff | The Vamps Wake Up
0%
The Boo Radleys Wake up Boo!
0%
Cast Walkaway
0%
Cher | Marc Cohn Walking in Memphis
0%
Orchestral Manoeuvres In The Dark Walking On The Milky Way
0%
Ten Walls Walking with Elephants
0%
The All Seeing I; Tony Christie Walk Like A Panther (feat. Tony Christie)
0%
P!nk Walk Me Home
0%
Billie Piper Walk Of Life
0%
GABRIELLE Walk On By
0%
Milk Inc. Walk on Water
0%
The Wanted Walks Like Rihanna
0%
Liam Gallagher Wall of Glass
0%
Louis Tomlinson Walls
0%
The Style Council Walls Come Tumbling Down
0%
James Waltzing Along
0%
The Style Council Wanted (Or Waiter, There's Some Soup In My Flies)
0%
Jason Derulo Want to Want Me
0%
5 Seconds of Summer | HAIM Want You Back
0%
Cardi B; Megan Thee Stallion WAP (feat. Megan Thee Stallion)
0%
Nick Heyward Warning Sign
0%
All Saints; Mark 'Spike' Stent War of Nerves
0%
Jamie Lawson Wasn't Expecting That
0%
Digga D; ArrDee | Tiësto; Matthew Koma Wasted
0%
Silentó Watch Me (Whip / Nae Nae)
0%
Pendulum Watercolour
0%
Wendy & Lisa Waterfall
0%
Stooshe Waterfalls
0%
Cathy Dennis Waterloo Sunset
0%
Mr. Probz; Robin Schulz Waves
0%
CLiQ; Alika Wavey (feat. Alika)
0%
K'NAAN; will.i.am; David Guetta Wavin' Flag
0%
Tina Turner Way of the World
0%
Moby We Are All Made of Stars
0%
Sister Sledge; Danny Spencer; Kelvin Andrews; Sure Is Pure We Are Family (Sure Is Pure Remix)
0%
Wild Youth We Are One
0%
Empire Of The Sun We Are The People
0%
fun.; Janelle Monáe We Are Young (feat. Janelle Monáe)
0%
Mariah Carey We Belong Together
0%
D Mob; Gary Haisman We Call It Acieeed (feat. Gary Haisman)
0%
Tina Turner We Don't Need Another Hero (Thunderdome)
0%
Charlie Puth; Selena Gomez We Don't Talk Anymore (feat. Selena Gomez)
0%
Wee Papa Girl Rappers Wee Rule 2009
0%
CeCe Peniston We Got A Love Thang
0%
Sigala; Ella Henderson We Got Love
0%
Space We Gotta Get out of This Place
0%
Louis Armstrong We Have All The Time In The World
0%
Hanson Weird
0%
YUNGBLUD weird!
0%
Damian Marley Welcome To Jamrock
0%
The Wonder Stuff Welcome To The Cheap Seats
0%
Vengaboys We like to Party! (The Vengabus)
0%
Nathan Evans Wellerman
0%
Yolanda Be Cool; DCup We No Speak Americano (JT Radio Edit)
0%
Vengaboys We’re Going to Ibiza!
0%
Dua Lipa We're Good
0%
AJ Tracey; Mabel West Ten
0%
Lulu; Ronan Keating We've Got Tonight
0%
Belinda Carlisle (We Want) The Same Thing
0%
P!nk | The Saturdays; Sean Paul What About Us
0%
Alex Gaudino; Kelly Rowland What A Feeling
0%
Jonas Brothers What A Man Gotta Do
0%
Unklejam What Am I Fighting For?
0%
Katie Melua; Eva Cassidy What a Wonderful World (with Eva Cassidy)
0%
The Corrs; Tin Tin Out What Can I Do
0%
Inner City Whatcha Gonna Do With My Lovin'
0%
Kylie Minogue What Do I Have to Do?
0%
Justin Bieber What Do You Mean?
0%
Monaco What Do You Want From Me?
0%
Christina Milian; Joe Budden Whatever U Want
0%
Cascada What Hurts The Most
0%
Tin Tin Out; Emma Bunton What I Am
0%
David Guetta; Emeli Sandé What I Did for Love (feat. Emeli Sandé)
0%
Jason Derulo | Kate Winslet What If
0%
Busted What I Go To School For
0%
Jonas Blue; Theresa Rex What I Like About You (feat. Theresa Rex)
0%
Ben Pearce What I Might Do
0%
Florence + The Machine What Kind Of Man
0%
Maroon 5; SZA What Lovers Do (feat. SZA)
0%
Done Again What's It Gonna Be [In the Style of "H Two O feat. Platnum"]
0%
Rihanna; Drake What's My Name?
0%
R.E.M. What's The Frequency, Kenneth?
0%
Avril Lavigne What the Hell
0%
People Of 'K'; Crystal What Time Is Love?
0%
Emma Bunton What Took You So Long?
0%
City High What Would You Do?
0%
Abs Breen What You Got
0%
Pop Smoke What You Know Bout Love
0%
Sinead Quinn What You Need Is...
0%
Lucie Silvas What You're Made Of
0%
Nik Kershaw When A Heart Beats
0%
GABRIELLE When A Woman
0%
Sparks When Do I get to Sing "My Way"
0%
Ant & Dec When I Fall In Love
0%
The Pussycat Dolls When I Grow Up
0%
Lily James; Jessica Keenan Wynn; Alexa Davies; Celia Imrie When I Kissed The Teacher
0%
Alesso; Katy Perry When I’m Gone (with Katy Perry)
0%
Sybil When I'm Good and Ready
0%
Rizzle Kicks When I Was A Youngster
0%
David Guetta; Kelly Rowland When Love Takes Over (feat. Kelly Rowland)
0%
Lawson When She Was Mine
0%
ABC When Smokey Sings
0%
Craig David; Big Narstie When the Bassline Drops
0%
Marlon Roudette When the Beat Drops Out
0%
Billy Ocean When the Going Gets Tough, The Tough Get Going
0%
Tina Turner When the Heartache Is Over
0%
Matt Cardle When We Collide
0%
Christina Milian When You Look At Me
0%
James TW When You Love Someone
0%
Avril Lavigne | Shawn Mendes When You're Gone
0%
Ronan Keating When You Say Nothing At All
0%
Westlife; Diana Ross When You Tell Me That You Love Me (with Diana Ross)
0%
The Killers When You Were Young
0%
Jack Ü; Skrillex; Diplo; Justin Bieber Where Are Ü Now (with Justin Bieber)
0%
Imaani Where Are You
0%
Betty Boo Where Are You Baby?
0%
Lost Frequencies; Calum Scott Where Are You Now
0%
Jax Jones; MNEK Where Did You Go? (feat. MNEK)
0%
No Mercy Where Do You Go
0%
Hanson Where's The Love
0%
David Guetta; Flo Rida; Nicki Minaj Where Them Girls At (feat. Nicki Minaj & Flo Rida)
0%
Military Wives; Gareth Malone; London Metropolitan Orchestra Wherever You Are
0%
Charlene Soraia Wherever You Will Go
0%
Prince Buster Whine & Grine
0%
WILLOW Whip My Hair
0%
The Fratellis Whistle For The Choir
0%
Duran Duran; Grandmaster Melle Mel; Grandmaster Flash; The Furious Five White Lines (Don't Do It) [feat. Melle Mel & Grandmaster Flash & The Furious Five]
0%
Disclosure; AlunaGeorge White Noise
0%
Will Young Who Am I
0%
Flo Rida; Akon Who Dat Girl (feat. Akon)
0%
The Chainsmokers; 5 Seconds of Summer Who Do You Love
0%
M.O; Zac Samuel Who Do You Think Of?
0%
Jellybean; Elisa Fiorillo Who Found Who
0%
P!nk Who Knew
0%
Atomic Kitten Whole Again
0%
Girls Aloud Whole Lotta History
0%
Erasure Who Needs Love Like That
0%
Janet Jackson Whoops Now
0%
Bon Jovi; Jennifer Nettles Who Says You Can't Go Home
0%
Busted Who's David
0%
Jack Savoretti; Nile Rodgers Who's Hurting Who (feat. Nile Rodgers)
0%
Jessie J Who's Laughing Now
0%
Hazell Dean Who's Leaving Who
0%
Eve Who's That Girl?
0%
Niko B Who's That What's That
0%
Madison Avenue Who The Hell Are You
0%
Craig David; MNEK | Jessie J Who You Are
0%
Gramophonedzie Why Don't You
0%
Topic; A7S; Lil Baby Why Do You Lie To Me (feat. Lil Baby)
0%
Shaggy; Puba Grand Why You Treat Me So Bad
0%
Parra for Cuva; Anna Naklab Wicked Games (feat. Anna Naklab)
0%
Mansun Wide Open Space
0%
Jason Derulo; Snoop Dogg Wiggle (feat. Snoop Dogg)
0%
2 In A Room Wiggle It
0%
The Vamps Wild Heart
0%
James Bay Wild Love
0%
Maxi Priest; John Gallen Wild World
0%
Alice Deejay Will I Ever
0%
Gwen Stefani Wind It Up
0%
Scorpions Wind Of Change
0%
U2 Window In The Skies
0%
Fat Boys Wipeout
0%
Athlete Wires
0%
Razorlight Wire To Wire
0%
China Crisis Wishful Thinking
0%
Roxette Wish I Could Fly
0%
Fresh Four Wishing On A Star
0%
Sigala; Becky Hill Wish You Well
0%
Philip George Wish You Were Mine
0%
Cartoons Witch Doctor
0%
Wet Wet Wet With A Little Help From My Friends
0%
Dina Carroll; Dave Sears Without Love
0%
Eminem | Halsey Without Me
0%
The Kid LAROI WITHOUT YOU
0%
David Guetta; USHER Without You (feat. Usher)
0%
Cher Lloyd; Juicy J With Ur Love (feat. Juicy J)
0%
Chris Brown With You
0%
Martin Garrix; Jay Hardway Wizard
0%
Liz McClarnon Woman In Love
0%
Little Mix; Nicki Minaj Woman Like Me (feat. Nicki Minaj)
0%
Damage Wonderful Tonight
0%
Big Country Wonderland
0%
Example Won't Go Quietly
0%
Duke Dumont Won't Look Back
0%
Muse Won’t Stand Down
0%
Honeyz Won't Take It Lying Down
0%
Boyzone Words
0%
Steps Words Are Not Enough
0%
Fifth Harmony; Ty Dolla $ign Work from Home (feat. Ty Dolla $ign)
0%
Nelly; Justin Timberlake Work It
0%
Bob Sinclar World, Hold On
0%
Glo Worm
0%
Fifth Harmony; Kid Ink Worth It (feat. Kid Ink)
0%
Charles & Eddie Would I Lie To You?
0%
Touch & Go Would You...?
0%
Alex Party Wrap Me Up
0%
Daniel Bedingfield Wrap My Words Around You
0%
Olly Murs; Travie McCoy Wrapped Up (feat. Travie McCoy)
0%
Sam Smith Writing's On The Wall
0%
Everything But The Girl Wrong
0%
Lil Uzi Vert XO Tour Llif3
0%
Sacred Spirit Yeha Noha (Wishes Of Happiness And Prosperity)
0%
David Guetta; Ne Yo; Akon
0%
Keri Hilson; Kanye West; Ne Yo; Marc JB and Lee Dagger AKA Bimbo Jones
0%
Pitbull; AFROJACK; Ne Yo; Nayer
0%
Aurra You And Me Tonight
0%
Fragma You Are Alive
0%
The Communards You Are My World
0%
Calum Scott You Are The Reason
0%
JX You Belong To Me
0%
Amelia Lily You Bring Me Joy
0%
Tate McRae you broke me first
0%
Ice Cube; Mack 10; Ms. Toi You Can Do It
0%
Lena Fiagbe You Come From Earth
0%
Rihanna You Da One
0%
Dusty Springfield You Don't Have To Say You Love Me
0%
Olly Murs You Don't Know Love
0%
Jax Jones; RAYE You Don't Know Me
0%
Dawn Penn You Don't Love Me (No, No, No)
0%
Sigala; Rita Ora You for Me
0%
New Radicals You Get What You Give
0%
James Morrison You Give Me Something
0%
Roy Orbison You Got It
0%
The Source; Candi Staton You Got The Love
0%
Joss Stone You Had Me
0%
George Michael You Have Been Loved
0%
Navos; HARLEE You & I
0%
The Beautiful South You Keep It All In
0%
Amy Winehouse You Know I'm No Good
0%
Robbie Williams You Know Me
0%
Phil Collins You'll Be In My Heart
0%
James Morrison You Make It Real
0%
Avicii You Make Me
0%
Leo Sayer You Make Me Feel Like Dancing
0%
Disclosure; Eliza Doolittle You & Me
0%
Shola Ama You Might Need Somebody
0%
Boyzone You Needed Me
0%
Tom Jones; Heather Small You Need Love Like I Do (Don't You?)
0%
Ed Sheeran You Need Me, I Don't Need You
0%
5 Seconds of Summer Youngblood
0%
Paul McCartney Young Boy
0%
Khalid Young Dumb & Broke
0%
Mark Owen You Only Want Me
0%
Swing Out Sister You On My Mind
0%
Westlife You Raise Me Up
0%
R. Kelly Your Body's Callin'
0%
Snow Patrol You're All I Have
0%
Curtis Stigers You're All That Matters to Me
0%
Shakespears Sister You're History
0%
S Club You're My Number One
0%
James Arthur You're Nobody 'Til Somebody Loves You
0%
Shania Twain You're Still The One
0%
U2 You’re The Best Thing About Me
0%
Culture Club Your Kisses Are Charity
0%
ATB; Topic; A7S Your Love (9PM)
0%
Manic Street Preachers; Nina Persson Your Love Alone Is Not Enough (feat. Nina Persson)
0%
Billie Ray Martin Your Loving Arms
0%
The Veronicas You Ruin Me
0%
White Town Your Woman
0%
Busted You Said No
0%
Black Legend You See the Trouble with Me
0%
Blockster You Should Be
0%
The Pirates; Enya; Shola Ama; Naila Boss; Ishani You Should Really Know
0%
Sureal You Take My Breath Away
0%
Foxes Youth
0%
McFly | The Brand New Heavies You've Got A Friend
0%
The Righteous Brothers You've Lost That Lovin' Feelin'
0%
Tom Zanetti; Sadie Ama You Want Me (feat. Sadie Ama)
0%
Badly Drawn Boy You Were Right
0%
Sam Smith; Summer Walker You Will Be Found (with Summer Walker)
0%
Wilson Phillips You Won't See Me Cry
0%
DJ Q You Wot
0%
Justin Bieber Yummy
0%
E Zee Possee
0%
Jesus Jones Zeroes And Ones
0%
O Zone
0%
JAY Z; Rihanna; Kanye West
0%
No matching quizzes found
Score Distribution
Percent of People with Each Score
Percentile by Number Answered
Your Score History
You have not taken this quiz